{"text_format":"3","workbook":"xlsx","n_sheets":2,"sheets":["LISTE DONNEES","JV09"],"not_rendered":{"macros":1,"defined_names":15},"read":"whole","date_system":"1900"}

{"sheet":"LISTE DONNEES","index":0,"n_rows":276,"n_cols":13,"rows_kept":276}
["Code clients","Clients",null,"Type",null,"Departement",null,"Produit","PU HT","TRANSPOT",null,null,"Chauffeur"]
["US00036","A",null,"MC",null,{"v":1,"d":"01"},null,"PM1",{"v":5000,"d":"5000.00"},{"$nulls":3},"A1"]
["US03351","B",null,"Entreprise ",null,{"v":2,"d":"02"},null,"PM2",{"v":5168,"d":"5168.00"},{"$nulls":3},"A2"]
["US02793","C",null,"Industriel",null,{"v":3,"d":"03"},null,"PC1",{"v":5966.5,"d":"5966.50"},{"$nulls":3},"A3"]
["US00021","D",null,"Artisan",null,{"v":4,"d":"04"},null,"PC2",{"v":6407.5,"d":"6407.50"},{"$nulls":3},"A4"]
["US03299","E",null,"Public",null,{"v":5,"d":"05"},null,"PSPN1",{"v":10513,"d":"10513.00"},{"$nulls":3},"A5"]
["US02624","F",null,"-",null,{"v":6,"d":"06"},null,"PSPN2",{"v":11301,"d":"11301.00"},{"$nulls":3},"A6"]
["US02995","G",null,"-",null,{"v":7,"d":"07"},null,"CER",{"v":17770,"d":"17770.00"},{"$nulls":3},"A7"]
["US03315","H",null,"-",null,{"v":8,"d":"08"},null,"NDIT",{"v":19950,"d":"19950.00"},{"$nulls":3},"A8"]
["US01260","I",null,"-",null,{"v":9,"d":"09"},null,"PF116",{"v":6827,"d":"6827.00"},{"$nulls":3},"A9"]
["US03319","J",null,"-",null,10,null,"PF116-S",{"v":7305.1,"d":"7305.10"},{"$nulls":3},"A10"]
["US02561","K",null,"-",null,11,null,"VRAC",{"v":4850,"d":"4850.00"},{"$nulls":3},"A11"]
["US01997","L",null,"-",null,12,null,"PMR-A",{"v":5000,"d":"5000.00"},{"v":875,"d":"875.00"},null,null,"A12"]
["US03141","M",null,"-",null,13,null,"PMR-B",{"v":5000,"d":"5000.00"},{"v":900,"d":"900.00"},null,null,"A13"]
["US03320","N",null,"-",null,14,null,"PMR-C",{"v":5000,"d":"5000.00"},{"v":1000,"d":"1000.00"},null,null,"A14"]
["US03331","O",{"$nulls":3},15,null,"PMR-D",{"v":5000,"d":"5000.00"},{"v":1150,"d":"1150.00"},null,null,"A15"]
["US03216","P",{"$nulls":3},16,null,"PCR-A",{"v":5841.5,"d":"5841.50"},{"v":875,"d":"875.00"},null,null,"A16"]
["US03310","Q",{"$nulls":3},17,null,"PCR-B",{"v":5841.5,"d":"5841.50"},{"v":900,"d":"900.00"},null,null,"A17"]
["US02252","R",{"$nulls":3},18,null,"PCR-C",{"v":5841.5,"d":"5841.50"},{"v":1000,"d":"1000.00"},null,null,"A18"]
["US03226","S",{"$nulls":3},19,null,"PCR-D",{"v":5841.5,"d":"5841.50"},{"v":1150,"d":"1150.00"},null,null,"A19"]
["US03274","T",{"$nulls":3},20,null,"PSPN-A",{"v":10513,"d":"10513.00"},875.88,null,null,"A20"]
["US03295","U",{"$nulls":3},21,null,"PSPN-B",{"v":10513,"d":"10513.00"},{"v":900.9,"d":"900.90"},null,null,"A21"]
["US03104","V",{"$nulls":3},22,null,"PSPN-C",{"v":10513,"d":"10513.00"},{"v":1001,"d":"1001.00"},null,null,"A22"]
["US03309","W",{"$nulls":3},23,null,"PSPN-D",{"v":10513,"d":"10513.00"},1151.15,null,null,"A23"]
["US01709","X",{"$nulls":3},24,null,"NDIT-A",{"v":19950,"d":"19950.00"},{"v":875,"d":"875.00"},null,null,"A24"]
["US03113","Y",{"$nulls":3},25,null,"NDIT-B",{"v":19950,"d":"19950.00"},{"v":900,"d":"900.00"},null,null,"A25"]
["US03325","Z",{"$nulls":3},26,null,"NDIT-C",{"v":19950,"d":"19950.00"},{"v":1000,"d":"1000.00"},null,null,"A26"]
["US00005","AB",{"$nulls":3},27,null,"NDIT-D",{"v":19950,"d":"19950.00"},{"v":1150,"d":"1150.00"},null,null,"A27"]
["US02746","AC",{"$nulls":3},28,null,"-",{"$nulls":4},"A28"]
["US00291","AD",{"$nulls":3},29,null,"-",{"$nulls":4},"A29"]
["US03350","AE",{"$nulls":3},30,null,"-",{"$nulls":4},"A30"]
["US03340","AF",{"$nulls":3},31,null,"-",{"$nulls":4},"B1"]
["US02318","AG",{"$nulls":3},32,{"$nulls":6},"B2"]
["US03206","AH",{"$nulls":3},33,{"$nulls":6},"B3"]
["US03228","AI",{"$nulls":3},34,{"$nulls":6},"B4"]
["US00867","AJ",{"$nulls":3},35,{"$nulls":6},"B5"]
["US03070","AK",{"$nulls":3},36,{"$nulls":6},"B6"]
["US03021","AL",{"$nulls":3},37,{"$nulls":6},"B7"]
["US02811","AM",{"$nulls":3},38,{"$nulls":6},"B8"]
["US02779","AN",{"$nulls":3},39,{"$nulls":6},"B9"]
["US00353","AO",{"$nulls":3},40,{"$nulls":6},"B10"]
["US02363","AP",{"$nulls":3},41,{"$nulls":6},"B11"]
["US02138","AQ",{"$nulls":3},42,{"$nulls":6},"B12"]
["US01427","AR",{"$nulls":3},43,{"$nulls":6},"B13"]
["US03190","AS",{"$nulls":3},44,{"$nulls":6},"B14"]
["US03330","AT",{"$nulls":3},45,{"$nulls":6},"B15"]
["US03094","AU",{"$nulls":3},46,{"$nulls":6},"B16"]
["US03275","AV",{"$nulls":3},47,{"$nulls":6},"B17"]
["US00519","AW",{"$nulls":3},48,{"$nulls":6},"B18"]
["US01859","AX",{"$nulls":3},49,{"$nulls":6},"B19"]
["US00770","AY",{"$nulls":3},50,{"$nulls":6},"B20"]
["US03335","AZ",{"$nulls":3},51,{"$nulls":6},"B21"]
["US02980","BA",{"$nulls":3},52,{"$nulls":6},"B22"]
["US02431","BC",{"$nulls":3},53,{"$nulls":6},"B23"]
["US02813","BD",{"$nulls":3},54,{"$nulls":6},"B24"]
["US00658","BE",{"$nulls":3},55,{"$nulls":6},"B25"]
["US03349","BF",{"$nulls":3},56,{"$nulls":6},"B26"]
["US03344","BG",{"$nulls":3},57,{"$nulls":6},"B27"]
["US03253","BH",{"$nulls":3},58,{"$nulls":6},"B28"]
["US02208","BI",{"$nulls":3},59,{"$nulls":6},"B29"]
["US03126","BJ",{"$nulls":3},60,{"$nulls":6},"B30"]
["US01178","BK",{"$nulls":3},61,{"$nulls":6},"C1"]
["US01178","BL",{"$nulls":3},62,{"$nulls":6},"C2"]
["US03197","BM",{"$nulls":3},63,{"$nulls":6},"C3"]
["US03130","BN",{"$nulls":3},64,{"$nulls":6},"C4"]
["US03264","BO",{"$nulls":3},65,{"$nulls":6},"C5"]
["US03084","BP",{"$nulls":3},66,{"$nulls":6},"C6"]
["US03108","BQ",{"$nulls":3},67,{"$nulls":6},"C7"]
["US03140","BR",{"$nulls":3},68,{"$nulls":6},"C8"]
["US00762","BS",{"$nulls":3},69,{"$nulls":6},"C9"]
["US01351","BT",{"$nulls":3},70,{"$nulls":6},"C10"]
["US01785","BU",{"$nulls":3},71,{"$nulls":6},"C11"]
["US01785","BV",{"$nulls":3},72,{"$nulls":6},"C12"]
["US03075","BW",{"$nulls":3},73,{"$nulls":6},"C13"]
["US02260","BX",{"$nulls":3},74,{"$nulls":6},"C14"]
["US02981","BY",{"$nulls":3},75,{"$nulls":6},"C15"]
["US03022","BZ",{"$nulls":3},76,{"$nulls":6},"C16"]
["US00030","CA",{"$nulls":3},77,{"$nulls":6},"C17"]
["US00028","CB",{"$nulls":3},78,{"$nulls":6},"C18"]
["US03339","CC",{"$nulls":3},79,{"$nulls":6},"C19"]
["US03338","CD",{"$nulls":3},80,{"$nulls":6},"C20"]
["US03191","CE",{"$nulls":3},81,{"$nulls":6},"C21"]
["US03336","CF",{"$nulls":3},82,{"$nulls":6},"C22"]
["US02803","CG",{"$nulls":10},"C23"]
["US03263","CH",{"$nulls":10},"C24"]
["US03265","CI",{"$nulls":10},"C25"]
["US03316","A",{"$nulls":10},"C26"]
["US01520","B",{"$nulls":10},"C27"]
["US02445","C",{"$nulls":10},"C28"]
["US03257","D",{"$nulls":10},"C29"]
["US02915","E",{"$nulls":10},"C30"]
["US03356","F",{"$nulls":10},"C31"]
["US02972","G",{"$nulls":10},"C32"]
["US00066","H",{"$nulls":10},"C33"]
["US02953","I",{"$nulls":10},"C34"]
["US03261","J",{"$nulls":10},"C35"]
["US03071","K",{"$nulls":10},"C36"]
["US02599","L",{"$nulls":10},"C37"]
["US02599","M",{"$nulls":10},"C38"]
["US03313","N",{"$nulls":10},"C39"]
["US02578","O",{"$nulls":10},"C40"]
["US03337","P",{"$nulls":10},"C41"]
["US02760","Q",{"$nulls":10},"C42"]
["US03244","R",{"$nulls":10},"C43"]
["US03259","S",{"$nulls":10},"C44"]
["US03302","T",{"$nulls":10},"C45"]
["US03074","U",{"$nulls":10},"C46"]
["US03083","V",{"$nulls":10},"C47"]
["US02966","W",{"$nulls":10},"C48"]
["US03002","A",{"$nulls":10},"C49"]
["US03082","B",{"$nulls":10},"C50"]
["US01221","C",{"$nulls":10},"C51"]
["US03262","D",{"$nulls":10},"C52"]
["US00047","E",{"$nulls":10},"C53"]
["US03271","F",{"$nulls":10},"C54"]
["US02213","G",{"$nulls":10},"C55"]
["US02958","H",{"$nulls":10},"C56"]
["US02741","I",{"$nulls":10},"C57"]
["US02066","J",{"$nulls":10},"C58"]
["US01680","K",{"$nulls":10},"C59"]
["US03342","L",{"$nulls":10},"C60"]
["US03318","M",{"$nulls":10},"C61"]
["US00013","N",{"$nulls":10},"C62"]
["US03203","O",{"$nulls":10},"C63"]
["US00203","P",{"$nulls":10},"C64"]
["US01068","Q",{"$nulls":10},"C65"]
["US01347","R",{"$nulls":10},"C66"]
["US00733","S",{"$nulls":10},"C67"]
["US03289","T",{"$nulls":10},"C68"]
["US02206","U",{"$nulls":10},"C69"]
["US03121","V",{"$nulls":10},"C70"]
["US03301","W",{"$nulls":10},"C71"]
["US03241","X",{"$nulls":10},"C72"]
["US02703","Y",{"$nulls":10},"C73"]
["US03273","Z",{"$nulls":10},"C74"]
["US03089","AB",{"$nulls":10},"C75"]
["US03149","AC",{"$nulls":10},"C76"]
["US01969","AD",{"$nulls":10},"C77"]
["US00254","AE",{"$nulls":10},"C78"]
["US03080","AF",{"$nulls":10},"C79"]
["US03129","AG",{"$nulls":10},"C80"]
["US03159","AH",{"$nulls":10},"C81"]
["US02204","AI",{"$nulls":10},"C82"]
["US03219","AJ",{"$nulls":10},"C83"]
["US02719","AK",{"$nulls":10},"C84"]
["US00589","AL",{"$nulls":10},"C85"]
["US02169","AM",{"$nulls":10},"C86"]
["US02617","AN",{"$nulls":10},"C87"]
["US03016","AO",{"$nulls":10},"C88"]
["US03323","AP",{"$nulls":10},"C89"]
["US03314","AQ",{"$nulls":10},"C90"]
["US01235","AR",{"$nulls":10},"C91"]
["US03293","AS",{"$nulls":10},"C92"]
["US003236","AT",{"$nulls":10},"C93"]
["US02311","AU",{"$nulls":10},"C94"]
["US03139","AV",{"$nulls":10},"C95"]
["US02580","AW",{"$nulls":10},"C96"]
["US03187","AX",{"$nulls":10},"C97"]
["US03120","AY",{"$nulls":10},"C98"]
["US00676","AZ",{"$nulls":10},"C99"]
["US03193","BA",{"$nulls":10},"C100"]
["US03115","BC"]
["US02911","BD"]
["US03297","BE"]
["US03324","BF"]
["US03286","BG"]
["US02595","BH"]
["US02709","BI"]
["US03213","BJ"]
["US03328","BK"]
["US02286","BL"]
["US03280","BM"]
["US03329","BN"]
["US03069","BO"]
["US033118","BP"]
["US03194","BQ"]
["US03122","BR"]
["US03255","BS"]
["US03272","BT"]
["US02996","BU"]
["US02800","BV"]
["US03245","BW"]
["US01250","BX"]
["US01663","BY"]
["US01183","BZ"]
["US01183","CA"]
["US03087","CB"]
["US02622","CC"]
["US01208","CD"]
["US02977","CE"]
["US02751","CF"]
["US02417","CG"]
["US03142","CH"]
["US03093","CI"]
["US02628","A"]
["US03290","B"]
["US03278","C"]
["US03333","D"]
["US03042","E"]
["US00966","F"]
["US03065","G"]
["US03161","H"]
["US03285","I"]
["US02347","J"]
["US03127","K"]
["US01101","L"]
["US03345","M"]
["US03109","N"]
["US03238","O"]
["US03188","P"]
["US03175","Q"]
["US00425","R"]
["US02614","S"]
["US03072","T"]
["US02988","U"]
["US00587","V"]
["US00855","W"]
["US03268","A"]
["US02483","B"]
["US03269","C"]
["US03307","D"]
["US02416","E"]
["US03306","F"]
["US03165","G"]
["US03322","H"]
["US02971","I"]
["US03176","J"]
["US00997","K"]
["US03267","L"]
["US03048","M"]
["US03136","N"]
["US03031","O"]
["US03343","P"]
["US02809","Q"]
["US03223","R"]
["US03288","S"]
["US03352","T"]
["US03218","U"]
["US00140","V"]
["US003235","W"]
["US02675","X"]
["US01727","Y"]
["US03107","Z"]
["US03311","AB"]
["US02534","AC"]
["US02572","AD"]
["US02202","AE"]
["US02925","AF"]
["US01815","AG"]
["US03327","AH"]
["US02285","AI"]
["US03233","AJ"]
["US03283","AK"]
["US02680","AL"]
["US02479","AM"]
["US03321","AN"]
["US03317","AO"]
["US03133","AP"]
["US02704","AQ"]
["US02938","AR"]
["US03211","AS"]
["US03276","AT"]
["US01311","AU"]
["US02785","AV"]
["US01888","AW"]
["US02508","AX"]
["US01451","AY"]
["US01451","AZ"]
["US03256","BA"]
["US03326","BC"]
["US03090","BD"]
["US00764","BE"]
["US00233","BF"]
["US03346","BG"]
["US03088","BH"]
["US03266","BI"]

{"sheet":"JV09","index":1,"n_rows":2000,"n_cols":21,"rows_kept":2000}
["Date","Client","Type","Département","Chauffeur","N°FC","N°BL","Produit","Qté Facturée\n(T)","Qté chagé\n (T)","Reste à charger","PU HT / T","Montant Net HT","Transport ","Nbre\nPalettes","Val\nPalette","Montant Total HT"]
["2018-09-01","AE","MC",{"v":4,"d":"04"},null,"F18/009727","BL18/009725","PMR-A",24,24,{"$f":"IF(ISBLANK($I2),\"-\",IF($I2-$J2=0,\"-\",$I2-$J2))","v":"-"},{"$f":"IF(ISBLANK($H2),\"-\",IF(ISNA(VLOOKUP($H2,PP,2,FALSE)),\"Erreur\",VLOOKUP($H2,PP,2,FALSE)))","v":{"v":5000,"d":"5,000.00"}},{"$f":"IF(OR(ISBLANK($I2),ISBLANK($H2)),\"-\",IF(ISNA($L2*$I2),\"Erreur\",$L2*$I2))","v":{"v":120000,"d":"120,000.00"}},{"$f":"VLOOKUP(H2,TR,3,FALSE)*I2","v":{"v":21000,"d":"21,000.00"}},null,null,{"$f":"IF(ISBLANK(H2),\"-\",SUM(M2,N2))","v":{"v":141000,"d":"141,000.00"}},{"$nulls":3},{"$f":"CONCATENATE($A2,\"-\",$H2)","v":"43344-PMR-A"}]
["2018-09-01","D","Entreprise ",{"v":6,"d":"06"},null,"F18/009728","BL18/009726","PM2",24,24,{"$f":"IF(ISBLANK($I3),\"-\",IF($I3-$J3=0,\"-\",$I3-$J3))","v":"-"},{"v":5168,"d":"5,168.00"},{"$f":"IF(OR(ISBLANK($I3),ISBLANK($H3)),\"-\",IF(ISNA($L3*$I3),\"Erreur\",$L3*$I3))","v":{"v":124032,"d":"124,032.00"}},{"v":0,"d":"0.00"},null,null,{"v":124032,"d":"124,032.00"},{"$nulls":3},{"$f":"CONCATENATE($A3,\"-\",$H3)","v":"43344-PM2"}]
["2018-09-01","R","MC",null,null,"F18/009729","BL18/009727","PCR-B",40,40,"-",{"v":5841.5,"d":"5,841.50"},{"v":233660,"d":"233,660.00"},{"v":36000,"d":"36,000.00"},null,null,{"v":269660,"d":"269,660.00"},{"$nulls":3},"43344-PCR-B"]
["2018-09-02","AW","Entreprise ",null,null,"F18/009730","BL18/009728","PC1",24,24,"-",{"v":5966.5,"d":"5,966.50"},{"v":143196,"d":"143,196.00"},{"v":0,"d":"0.00"},null,null,{"v":143196,"d":"143,196.00"},{"$nulls":3},"43345-PC1"]
["2018-09-02","BV","Entreprise ",null,null,"F18/009731","BL18/009729","NDIT-A",24,24,"-",{"v":19950,"d":"19,950.00"},{"v":478800,"d":"478,800.00"},{"v":21000,"d":"21,000.00"},null,null,{"v":499800,"d":"499,800.00"},{"$nulls":3},"43345-NDIT-A"]
["2018-09-03","H","MC",null,null,"F18/009732","BL18/009730","PF116",24,24,"-",{"v":6827,"d":"6,827.00"},{"v":163848,"d":"163,848.00"},{"v":0,"d":"0.00"},null,null,{"v":163848,"d":"163,848.00"},{"$nulls":3},"43346-PF116"]
["2018-09-03","F","Entreprise ",null,null,"F18/009733","BL18/009731","PM1",10,10,"-",{"v":5000,"d":"5,000.00"},{"v":50000,"d":"50,000.00"},{"v":0,"d":"0.00"},null,null,{"v":50000,"d":"50,000.00"},{"$nulls":3},"43346-PM1"]
["2018-09-03","AE","MC",null,null,"F18/009734","BL18/009732","PM1",3,3,"-",{"v":5000,"d":"5,000.00"},{"v":15000,"d":"15,000.00"},{"v":0,"d":"0.00"},null,null,{"v":15000,"d":"15,000.00"},{"$nulls":3},"43346-PM1"]
["2018-09-03","P","Industriel",null,null,"F18/009735","BL18/009733","PSPN2",28,28,"-",{"v":11301,"d":"11,301.00"},{"v":316428,"d":"316,428.00"},{"v":0,"d":"0.00"},null,null,{"v":316428,"d":"316,428.00"},{"$nulls":3},"43346-PSPN2"]
["2018-09-04","E","Entreprise ",null,null,"F18/009736","BL18/009734","PM1",8,8,"-",{"v":5000,"d":"5,000.00"},{"v":40000,"d":"40,000.00"},{"v":0,"d":"0.00"},null,null,{"v":40000,"d":"40,000.00"},{"$nulls":3},"43347-PM1"]
["2018-09-05","BM","Industriel",null,null,"F18/009737","BL18/009735","CER",26,26,"-",{"v":17770,"d":"17,770.00"},{"v":462020,"d":"462,020.00"},{"v":0,"d":"0.00"},null,null,{"v":462020,"d":"462,020.00"},{"$nulls":3},"43348-CER"]
["2018-09-05","AM","Industriel",null,null,"F18/009738","BL18/009736","PSPN-C",22,22,"-",{"v":10513,"d":"10,513.00"},{"v":231286,"d":"231,286.00"},{"v":22022,"d":"22,022.00"},null,null,{"v":253308,"d":"253,308.00"},{"$nulls":3},"43348-PSPN-C"]
["2018-09-05","AK","MC",null,null,"F18/009739","BL18/009737","PM1",8,8,"-",{"v":5000,"d":"5,000.00"},{"v":40000,"d":"40,000.00"},{"v":0,"d":"0.00"},null,null,{"v":40000,"d":"40,000.00"},{"$nulls":3},"43348-PM1"]
["2018-09-06","AR","Entreprise ",null,null,"F18/009740","BL18/009738","PC2",9,9,"-",{"v":6407.5,"d":"6,407.50"},{"v":57667.5,"d":"57,667.50"},{"v":0,"d":"0.00"},null,null,{"v":57667.5,"d":"57,667.50"},{"$nulls":3},"43349-PC2"]
["2018-09-07","M","Industriel",null,null,"F18/009741","BL18/009739","NDIT",24,24,"-",{"v":19950,"d":"19,950.00"},{"v":478800,"d":"478,800.00"},{"v":0,"d":"0.00"},null,null,{"v":478800,"d":"478,800.00"},{"$nulls":3},"43350-NDIT"]
["2018-09-07","AJ","MC",null,null,"F18/009742","BL18/009740","PM1",5,5,"-",{"v":5000,"d":"5,000.00"},{"v":25000,"d":"25,000.00"},{"v":0,"d":"0.00"},null,null,{"v":25000,"d":"25,000.00"},{"$nulls":3},"43350-PM1"]
[{"$nulls":10},"-","-","-",{"$nulls":3},"-",{"$nulls":3},"-"]
[{"$nulls":10},"-","-","-",{"$nulls":3},"-",{"$nulls":3},"-"]
[{"$nulls":10},"-","-","-",{"$nulls":3},"-",{"$nulls":3},"-"]
[{"$nulls":10},"-","-","-",{"$nulls":3},"-",{"$nulls":3},"-"]
[{"$nulls":10},"-","-","-",{"$nulls":3},"-",{"$nulls":3},"-"]
[{"$nulls":10},"-","-","-",{"$nulls":3},"-",{"$nulls":3},"-"]
[{"$nulls":10},"-","-","-",{"$nulls":3},"-",{"$nulls":3},"-"]
[{"$nulls":10},"-","-","-",{"$nulls":3},"-",{"$nulls":3},"-"]
[{"$nulls":10},"-","-","-",{"$nulls":3},"-",{"$nulls":3},"-"]
[{"$nulls":10},"-","-","-",{"$nulls":3},"-",{"$nulls":3},"-"]
[{"$nulls":10},"-","-","-",{"$nulls":3},"-",{"$nulls":3},"-"]
[{"$nulls":10},"-","-","-",{"$nulls":3},"-",{"$nulls":3},"-"]
[{"$nulls":10},"-","-","-",{"$nulls":3},"-",{"$nulls":3},"-"]
[{"$nulls":10},"-","-","-",{"$nulls":3},"-",{"$nulls":3},"-"]
[{"$nulls":10},"-","-","-",{"$nulls":3},"-",{"$nulls":3},"-"]
[{"$nulls":10},"-","-","-",{"$nulls":3},"-",{"$nulls":3},"-"]
[{"$nulls":10},"-","-","-",{"$nulls":3},"-",{"$nulls":3},"-"]
[{"$nulls":10},"-","-","-",{"$nulls":3},"-",{"$nulls":3},"-"]
[{"$nulls":10},"-","-","-",{"$nulls":3},"-",{"$nulls":3},"-"]
[{"$nulls":10},"-","-","-",{"$nulls":3},"-",{"$nulls":3},"-"]
[{"$nulls":10},"-","-","-",{"$nulls":3},"-",{"$nulls":3},"-"]
[{"$nulls":10},"-","-","-",{"$nulls":3},"-",{"$nulls":3},"-"]
[{"$nulls":10},"-","-","-",{"$nulls":3},"-",{"$nulls":3},"-"]
[{"$nulls":10},"-","-","-",{"$nulls":3},"-",{"$nulls":3},"-"]
[{"$nulls":10},"-","-","-",{"$nulls":3},"-",{"$nulls":3},"-"]
[{"$nulls":10},"-","-","-",{"$nulls":3},"-",{"$nulls":3},"-"]
[{"$nulls":10},"-","-","-",{"$nulls":3},"-",{"$nulls":3},"-"]
[{"$nulls":10},"-","-","-",{"$nulls":3},"-",{"$nulls":3},"-"]
[{"$nulls":10},"-","-","-",{"$nulls":3},"-",{"$nulls":3},"-"]
[{"$nulls":10},"-","-","-",{"$nulls":3},"-",{"$nulls":3},"-"]
[{"$nulls":10},"-","-","-",{"$nulls":3},"-",{"$nulls":3},"-"]
[{"$nulls":10},"-","-","-",{"$nulls":3},"-",{"$nulls":3},"-"]
[{"$nulls":10},"-","-","-",{"$nulls":3},"-",{"$nulls":3},"-"]
[{"$nulls":10},"-","-","-",{"$nulls":3},"-",{"$nulls":3},"-"]
[{"$nulls":10},"-","-","-",{"$nulls":3},"-",{"$nulls":3},"-"]
[{"$nulls":10},"-","-","-",{"$nulls":3},"-",{"$nulls":3},"-"]
[{"$nulls":10},"-","-","-",{"$nulls":3},"-",{"$nulls":3},"-"]
[{"$nulls":10},"-","-","-",{"$nulls":3},"-",{"$nulls":3},"-"]
[{"$nulls":10},"-","-","-",{"$nulls":3},"-",{"$nulls":3},"-"]
[{"$nulls":10},"-","-","-",{"$nulls":3},"-",{"$nulls":3},"-"]
[{"$nulls":10},"-","-","-",{"$nulls":3},"-",{"$nulls":3},"-"]
[{"$nulls":10},"-","-","-",{"$nulls":3},"-",{"$nulls":3},"-"]
[{"$nulls":10},"-","-","-",{"$nulls":3},"-",{"$nulls":3},"-"]
[{"$nulls":10},"-","-","-",{"$nulls":3},"-",{"$nulls":3},"-"]
[{"$nulls":10},"-","-","-",{"$nulls":3},"-",{"$nulls":3},"-"]
[{"$nulls":10},"-","-","-",{"$nulls":3},"-",{"$nulls":3},"-"]
[{"$nulls":10},"-","-","-",{"$nulls":3},"-",{"$nulls":3},"-"]
[{"$nulls":10},"-","-","-",{"$nulls":3},"-",{"$nulls":3},"-"]
[{"$nulls":10},"-",{"$f":"IF(ISBLANK($H66),\"-\",IF(ISNA(VLOOKUP($H66,PP,2,FALSE)),\"Erreur\",VLOOKUP($H66,PP,2,FALSE)))","v":"-"},"-",{"$nulls":3},{"$f":"IF(ISBLANK(H66),\"-\",SUM(M66,N66))","v":"-"},{"$nulls":3},"-"]
[{"$nulls":10},{"$f":"IF(ISBLANK($I67),\"-\",IF($I67-$J67=0,\"-\",$I67-$J67))","v":"-"},"-",{"$f":"IF(OR(ISBLANK($I67),ISBLANK($H67)),\"-\",IF(ISNA($L67*$I67),\"Erreur\",$L67*$I67))","v":"-"},{"$nulls":3},"-",{"$nulls":3},{"$f":"CONCATENATE($A67,\"-\",$H67)","v":"-"}]
[{"$nulls":10},"-","-","-",{"$nulls":3},"-",{"$nulls":3},"-"]
[{"$nulls":10},"-","-","-",{"$nulls":3},"-",{"$nulls":3},"-"]
[{"$nulls":10},"-","-","-",{"$nulls":3},"-",{"$nulls":3},"-"]
[{"$nulls":10},"-","-","-",{"$nulls":3},"-",{"$nulls":3},"-"]
[{"$nulls":10},"-","-","-",{"$nulls":3},"-",{"$nulls":3},"-"]
[{"$nulls":10},"-","-","-",{"$nulls":3},"-",{"$nulls":3},"-"]
[{"$nulls":10},"-","-","-",{"$nulls":3},"-",{"$nulls":3},"-"]
[{"$nulls":10},"-","-","-",{"$nulls":3},"-",{"$nulls":3},"-"]
[{"$nulls":10},"-","-","-",{"$nulls":3},"-",{"$nulls":3},"-"]
[{"$nulls":10},"-","-","-",{"$nulls":3},"-",{"$nulls":3},"-"]
[{"$nulls":10},"-","-","-",{"$nulls":3},"-",{"$nulls":3},"-"]
[{"$nulls":10},"-","-","-",{"$nulls":3},"-",{"$nulls":3},"-"]
[{"$nulls":10},"-","-","-",{"$nulls":3},"-",{"$nulls":3},"-"]
[{"$nulls":10},"-","-","-",{"$nulls":3},"-",{"$nulls":3},"-"]
[{"$nulls":10},"-","-","-",{"$nulls":3},"-",{"$nulls":3},"-"]
[{"$nulls":10},"-","-","-",{"$nulls":3},"-",{"$nulls":3},"-"]
[{"$nulls":10},"-","-","-",{"$nulls":3},"-",{"$nulls":3},"-"]
[{"$nulls":10},"-","-","-",{"$nulls":3},"-",{"$nulls":3},"-"]
[{"$nulls":10},"-","-","-",{"$nulls":3},"-",{"$nulls":3},"-"]
[{"$nulls":10},"-","-","-",{"$nulls":3},"-",{"$nulls":3},"-"]
[{"$nulls":10},"-","-","-",{"$nulls":3},"-",{"$nulls":3},"-"]
[{"$nulls":10},"-","-","-",{"$nulls":3},"-",{"$nulls":3},"-"]
[{"$nulls":10},"-","-","-",{"$nulls":3},"-",{"$nulls":3},"-"]
[{"$nulls":10},"-","-","-",{"$nulls":3},"-",{"$nulls":3},"-"]
[{"$nulls":10},"-","-","-",{"$nulls":3},"-",{"$nulls":3},"-"]
[{"$nulls":10},"-","-","-",{"$nulls":3},"-",{"$nulls":3},"-"]
[{"$nulls":10},"-","-","-",{"$nulls":3},"-",{"$nulls":3},"-"]
[{"$nulls":10},"-","-","-",{"$nulls":3},"-",{"$nulls":3},"-"]
[{"$nulls":10},"-","-","-",{"$nulls":3},"-",{"$nulls":3},"-"]
[{"$nulls":10},"-","-","-",{"$nulls":3},"-",{"$nulls":3},"-"]
[{"$nulls":10},"-","-","-",{"$nulls":3},"-",{"$nulls":3},"-"]
[{"$nulls":10},"-","-","-",{"$nulls":3},"-",{"$nulls":3},"-"]
[{"$nulls":10},"-","-","-",{"$nulls":3},"-",{"$nulls":3},"-"]
[{"$nulls":10},"-","-","-",{"$nulls":3},"-",{"$nulls":3},"-"]
[{"$nulls":10},"-","-","-",{"$nulls":3},"-",{"$nulls":3},"-"]
[{"$nulls":10},"-","-","-",{"$nulls":3},"-",{"$nulls":3},"-"]
[{"$nulls":10},"-","-","-",{"$nulls":3},"-",{"$nulls":3},"-"]
[{"$nulls":10},"-","-","-",{"$nulls":3},"-",{"$nulls":3},"-"]
[{"$nulls":10},"-","-","-",{"$nulls":3},"-",{"$nulls":3},"-"]
[{"$nulls":10},"-","-","-",{"$nulls":3},"-",{"$nulls":3},"-"]
[{"$nulls":10},"-","-","-",{"$nulls":3},"-",{"$nulls":3},"-"]
[{"$nulls":10},"-","-","-",{"$nulls":3},"-",{"$nulls":3},"-"]
[{"$nulls":10},"-","-","-",{"$nulls":3},"-",{"$nulls":3},"-"]
[{"$nulls":10},"-","-","-",{"$nulls":3},"-",{"$nulls":3},"-"]
[{"$nulls":10},"-","-","-",{"$nulls":3},"-",{"$nulls":3},"-"]
[{"$nulls":10},"-","-","-",{"$nulls":3},"-",{"$nulls":3},"-"]
[{"$nulls":10},"-","-","-",{"$nulls":3},"-",{"$nulls":3},"-"]
[{"$nulls":10},"-","-","-",{"$nulls":3},"-",{"$nulls":3},"-"]
[{"$nulls":10},"-","-","-",{"$nulls":3},"-",{"$nulls":3},"-"]
[{"$nulls":10},"-","-","-",{"$nulls":3},"-",{"$nulls":3},"-"]
[{"$nulls":10},"-","-","-",{"$nulls":3},"-",{"$nulls":3},"-"]
[{"$nulls":10},"-","-","-",{"$nulls":3},"-",{"$nulls":3},"-"]
[{"$nulls":10},"-","-","-",{"$nulls":3},"-",{"$nulls":3},"-"]
[{"$nulls":10},"-","-","-",{"$nulls":3},"-",{"$nulls":3},"-"]
[{"$nulls":10},"-","-","-",{"$nulls":3},"-",{"$nulls":3},"-"]
[{"$nulls":10},"-","-","-",{"$nulls":3},"-",{"$nulls":3},"-"]
[{"$nulls":10},"-","-","-",{"$nulls":3},"-",{"$nulls":3},"-"]
[{"$nulls":10},"-","-","-",{"$nulls":3},"-",{"$nulls":3},"-"]
[{"$nulls":10},"-","-","-",{"$nulls":3},"-",{"$nulls":3},"-"]
[{"$nulls":10},"-","-","-",{"$nulls":3},"-",{"$nulls":3},"-"]
[{"$nulls":10},"-","-","-",{"$nulls":3},"-",{"$nulls":3},"-"]
[{"$nulls":10},"-","-","-",{"$nulls":3},"-",{"$nulls":3},"-"]
[{"$nulls":10},"-",{"$f":"IF(ISBLANK($H130),\"-\",IF(ISNA(VLOOKUP($H130,PP,2,FALSE)),\"Erreur\",VLOOKUP($H130,PP,2,FALSE)))","v":"-"},"-",{"$nulls":3},{"$f":"IF(ISBLANK(H130),\"-\",SUM(M130,N130))","v":"-"},{"$nulls":3},"-"]
[{"$nulls":10},{"$f":"IF(ISBLANK($I131),\"-\",IF($I131-$J131=0,\"-\",$I131-$J131))","v":"-"},"-",{"$f":"IF(OR(ISBLANK($I131),ISBLANK($H131)),\"-\",IF(ISNA($L131*$I131),\"Erreur\",$L131*$I131))","v":"-"},{"$nulls":3},"-",{"$nulls":3},{"$f":"CONCATENATE($A131,\"-\",$H131)","v":"-"}]
[{"$nulls":10},"-","-","-",{"$nulls":3},"-",{"$nulls":3},"-"]
[{"$nulls":10},"-","-","-",{"$nulls":3},"-",{"$nulls":3},"-"]
[{"$nulls":10},"-","-","-",{"$nulls":3},"-",{"$nulls":3},"-"]
[{"$nulls":10},"-","-","-",{"$nulls":3},"-",{"$nulls":3},"-"]
[{"$nulls":10},"-","-","-",{"$nulls":3},"-",{"$nulls":3},"-"]
[{"$nulls":10},"-","-","-",{"$nulls":3},"-",{"$nulls":3},"-"]
[{"$nulls":10},"-","-","-",{"$nulls":3},"-",{"$nulls":3},"-"]
[{"$nulls":10},"-","-","-",{"$nulls":3},"-",{"$nulls":3},"-"]
[{"$nulls":10},"-","-","-",{"$nulls":3},"-",{"$nulls":3},"-"]
[{"$nulls":10},"-","-","-",{"$nulls":3},"-",{"$nulls":3},"-"]
[{"$nulls":10},"-","-","-",{"$nulls":3},"-",{"$nulls":3},"-"]
[{"$nulls":10},"-","-","-",{"$nulls":3},"-",{"$nulls":3},"-"]
[{"$nulls":10},"-","-","-",{"$nulls":3},"-",{"$nulls":3},"-"]
[{"$nulls":10},"-","-","-",{"$nulls":3},"-",{"$nulls":3},"-"]
[{"$nulls":10},"-","-","-",{"$nulls":3},"-",{"$nulls":3},"-"]
[{"$nulls":10},"-","-","-",{"$nulls":3},"-",{"$nulls":3},"-"]
[{"$nulls":10},"-","-","-",{"$nulls":3},"-",{"$nulls":3},"-"]
[{"$nulls":10},"-","-","-",{"$nulls":3},"-",{"$nulls":3},"-"]
[{"$nulls":10},"-","-","-",{"$nulls":3},"-",{"$nulls":3},"-"]
[{"$nulls":10},"-","-","-",{"$nulls":3},"-",{"$nulls":3},"-"]
[{"$nulls":10},"-","-","-",{"$nulls":3},"-",{"$nulls":3},"-"]
[{"$nulls":10},"-","-","-",{"$nulls":3},"-",{"$nulls":3},"-"]
[{"$nulls":10},"-","-","-",{"$nulls":3},"-",{"$nulls":3},"-"]
[{"$nulls":10},"-","-","-",{"$nulls":3},"-",{"$nulls":3},"-"]
[{"$nulls":10},"-","-","-",{"$nulls":3},"-",{"$nulls":3},"-"]
[{"$nulls":10},"-","-","-",{"$nulls":3},"-",{"$nulls":3},"-"]
[{"$nulls":10},"-","-","-",{"$nulls":3},"-",{"$nulls":3},"-"]
[{"$nulls":10},"-","-","-",{"$nulls":3},"-",{"$nulls":3},"-"]
[{"$nulls":10},"-","-","-",{"$nulls":3},"-",{"$nulls":3},"-"]
[{"$nulls":10},"-","-","-",{"$nulls":3},"-",{"$nulls":3},"-"]
[{"$nulls":10},"-","-","-",{"$nulls":3},"-",{"$nulls":3},"-"]
[{"$nulls":10},"-","-","-",{"$nulls":3},"-",{"$nulls":3},"-"]
[{"$nulls":10},"-","-","-",{"$nulls":3},"-",{"$nulls":3},"-"]
[{"$nulls":10},"-","-","-",{"$nulls":3},"-",{"$nulls":3},"-"]
[{"$nulls":10},"-","-","-",{"$nulls":3},"-",{"$nulls":3},"-"]
[{"$nulls":10},"-","-","-",{"$nulls":3},"-",{"$nulls":3},"-"]
[{"$nulls":10},"-","-","-",{"$nulls":3},"-",{"$nulls":3},"-"]
[{"$nulls":10},"-","-","-",{"$nulls":3},"-",{"$nulls":3},"-"]
[{"$nulls":10},"-","-","-",{"$nulls":3},"-",{"$nulls":3},"-"]
[{"$nulls":10},"-","-","-",{"$nulls":3},"-",{"$nulls":3},"-"]
[{"$nulls":10},"-","-","-",{"$nulls":3},"-",{"$nulls":3},"-"]
[{"$nulls":10},"-","-","-",{"$nulls":3},"-",{"$nulls":3},"-"]
[{"$nulls":10},"-","-","-",{"$nulls":3},"-",{"$nulls":3},"-"]
[{"$nulls":10},"-","-","-",{"$nulls":3},"-",{"$nulls":3},"-"]
[{"$nulls":10},"-","-","-",{"$nulls":3},"-",{"$nulls":3},"-"]
[{"$nulls":10},"-","-","-",{"$nulls":3},"-",{"$nulls":3},"-"]
[{"$nulls":10},"-","-","-",{"$nulls":3},"-",{"$nulls":3},"-"]
[{"$nulls":10},"-","-","-",{"$nulls":3},"-",{"$nulls":3},"-"]
[{"$nulls":10},"-","-","-",{"$nulls":3},"-",{"$nulls":3},"-"]
[{"$nulls":10},"-","-","-",{"$nulls":3},"-",{"$nulls":3},"-"]
[{"$nulls":10},"-","-","-",{"$nulls":3},"-",{"$nulls":3},"-"]
[{"$nulls":10},"-","-","-",{"$nulls":3},"-",{"$nulls":3},"-"]
[{"$nulls":10},"-","-","-",{"$nulls":3},"-",{"$nulls":3},"-"]
[{"$nulls":10},"-","-","-",{"$nulls":3},"-",{"$nulls":3},"-"]
[{"$nulls":10},"-","-","-",{"$nulls":3},"-",{"$nulls":3},"-"]
[{"$nulls":10},"-","-","-",{"$nulls":3},"-",{"$nulls":3},"-"]
[{"$nulls":10},"-","-","-",{"$nulls":3},"-",{"$nulls":3},"-"]
[{"$nulls":10},"-","-","-",{"$nulls":3},"-",{"$nulls":3},"-"]
[{"$nulls":10},"-","-","-",{"$nulls":3},"-",{"$nulls":3},"-"]
[{"$nulls":10},"-","-","-",{"$nulls":3},"-",{"$nulls":3},"-"]
[{"$nulls":10},"-","-","-",{"$nulls":3},"-",{"$nulls":3},"-"]
[{"$nulls":10},"-","-","-",{"$nulls":3},"-",{"$nulls":3},"-"]
[{"$nulls":10},"-",{"$f":"IF(ISBLANK($H194),\"-\",IF(ISNA(VLOOKUP($H194,PP,2,FALSE)),\"Erreur\",VLOOKUP($H194,PP,2,FALSE)))","v":"-"},"-",{"$nulls":3},{"$f":"IF(ISBLANK(H194),\"-\",SUM(M194,N194))","v":"-"},{"$nulls":3},"-"]
[{"$nulls":10},{"$f":"IF(ISBLANK($I195),\"-\",IF($I195-$J195=0,\"-\",$I195-$J195))","v":"-"},"-",{"$f":"IF(OR(ISBLANK($I195),ISBLANK($H195)),\"-\",IF(ISNA($L195*$I195),\"Erreur\",$L195*$I195))","v":"-"},{"$nulls":3},"-",{"$nulls":3},{"$f":"CONCATENATE($A195,\"-\",$H195)","v":"-"}]
[{"$nulls":10},"-","-","-",{"$nulls":3},"-",{"$nulls":3},"-"]
[{"$nulls":10},"-","-","-",{"$nulls":3},"-",{"$nulls":3},"-"]
[{"$nulls":10},"-","-","-",{"$nulls":3},"-",{"$nulls":3},"-"]
[{"$nulls":10},"-","-","-",{"$nulls":3},"-",{"$nulls":3},"-"]
[{"$nulls":10},"-","-","-",{"$nulls":3},"-",{"$nulls":3},"-"]
[{"$nulls":10},"-","-","-",{"$nulls":3},"-",{"$nulls":3},"-"]
[{"$nulls":10},"-","-","-",{"$nulls":3},"-",{"$nulls":3},"-"]
[{"$nulls":10},"-","-","-",{"$nulls":3},"-",{"$nulls":3},"-"]
[{"$nulls":10},"-","-","-",{"$nulls":3},"-",{"$nulls":3},"-"]
[{"$nulls":10},"-","-","-",{"$nulls":3},"-",{"$nulls":3},"-"]
[{"$nulls":10},"-","-","-",{"$nulls":3},"-",{"$nulls":3},"-"]
[{"$nulls":10},"-","-","-",{"$nulls":3},"-",{"$nulls":3},"-"]
[{"$nulls":10},"-","-","-",{"$nulls":3},"-",{"$nulls":3},"-"]
[{"$nulls":10},"-","-","-",{"$nulls":3},"-",{"$nulls":3},"-"]
[{"$nulls":10},"-","-","-",{"$nulls":3},"-",{"$nulls":3},"-"]
[{"$nulls":10},"-","-","-",{"$nulls":3},"-",{"$nulls":3},"-"]
[{"$nulls":10},"-","-","-",{"$nulls":3},"-",{"$nulls":3},"-"]
[{"$nulls":10},"-","-","-",{"$nulls":3},"-",{"$nulls":3},"-"]
[{"$nulls":10},"-","-","-",{"$nulls":3},"-",{"$nulls":3},"-"]
[{"$nulls":10},"-","-","-",{"$nulls":3},"-",{"$nulls":3},"-"]
[{"$nulls":10},"-","-","-",{"$nulls":3},"-",{"$nulls":3},"-"]
[{"$nulls":10},"-","-","-",{"$nulls":3},"-",{"$nulls":3},"-"]
[{"$nulls":10},"-","-","-",{"$nulls":3},"-",{"$nulls":3},"-"]
[{"$nulls":10},"-","-","-",{"$nulls":3},"-",{"$nulls":3},"-"]
[{"$nulls":10},"-","-","-",{"$nulls":3},"-",{"$nulls":3},"-"]
[{"$nulls":10},"-","-","-",{"$nulls":3},"-",{"$nulls":3},"-"]
[{"$nulls":10},"-","-","-",{"$nulls":3},"-",{"$nulls":3},"-"]
[{"$nulls":10},"-","-","-",{"$nulls":3},"-",{"$nulls":3},"-"]
[{"$nulls":10},"-","-","-",{"$nulls":3},"-",{"$nulls":3},"-"]
[{"$nulls":10},"-","-","-",{"$nulls":3},"-",{"$nulls":3},"-"]
[{"$nulls":10},"-","-","-",{"$nulls":3},"-",{"$nulls":3},"-"]
[{"$nulls":10},"-","-","-",{"$nulls":3},"-",{"$nulls":3},"-"]
[{"$nulls":10},"-","-","-",{"$nulls":3},"-",{"$nulls":3},"-"]
[{"$nulls":10},"-","-","-",{"$nulls":3},"-",{"$nulls":3},"-"]
[{"$nulls":10},"-","-","-",{"$nulls":3},"-",{"$nulls":3},"-"]
[{"$nulls":10},"-","-","-",{"$nulls":3},"-",{"$nulls":3},"-"]
[{"$nulls":10},"-","-","-",{"$nulls":3},"-",{"$nulls":3},"-"]
[{"$nulls":10},"-","-","-",{"$nulls":3},"-",{"$nulls":3},"-"]
[{"$nulls":10},"-","-","-",{"$nulls":3},"-",{"$nulls":3},"-"]
[{"$nulls":10},"-","-","-",{"$nulls":3},"-",{"$nulls":3},"-"]
[{"$nulls":10},"-","-","-",{"$nulls":3},"-",{"$nulls":3},"-"]
[{"$nulls":10},"-","-","-",{"$nulls":3},"-",{"$nulls":3},"-"]
[{"$nulls":10},"-","-","-",{"$nulls":3},"-",{"$nulls":3},"-"]
[{"$nulls":10},"-","-","-",{"$nulls":3},"-",{"$nulls":3},"-"]
[{"$nulls":10},"-","-","-",{"$nulls":3},"-",{"$nulls":3},"-"]
[{"$nulls":10},"-","-","-",{"$nulls":3},"-",{"$nulls":3},"-"]
[{"$nulls":10},"-","-","-",{"$nulls":3},"-",{"$nulls":3},"-"]
[{"$nulls":10},"-","-","-",{"$nulls":3},"-",{"$nulls":3},"-"]
[{"$nulls":10},"-","-","-",{"$nulls":3},"-",{"$nulls":3},"-"]
[{"$nulls":10},"-","-","-",{"$nulls":3},"-",{"$nulls":3},"-"]
[{"$nulls":10},"-","-","-",{"$nulls":3},"-",{"$nulls":3},"-"]
[{"$nulls":10},"-","-","-",{"$nulls":3},"-",{"$nulls":3},"-"]
[{"$nulls":10},"-","-","-",{"$nulls":3},"-",{"$nulls":3},"-"]
[{"$nulls":10},"-","-","-",{"$nulls":3},"-",{"$nulls":3},"-"]
[{"$nulls":10},"-","-","-",{"$nulls":3},"-",{"$nulls":3},"-"]
[{"$nulls":10},"-","-","-",{"$nulls":3},"-",{"$nulls":3},"-"]
[{"$nulls":10},"-","-","-",{"$nulls":3},"-",{"$nulls":3},"-"]
[{"$nulls":10},"-","-","-",{"$nulls":3},"-",{"$nulls":3},"-"]
[{"$nulls":10},"-","-","-",{"$nulls":3},"-",{"$nulls":3},"-"]
[{"$nulls":10},"-","-","-",{"$nulls":3},"-",{"$nulls":3},"-"]
[{"$nulls":10},"-","-","-",{"$nulls":3},"-",{"$nulls":3},"-"]
[{"$nulls":10},"-","-","-",{"$nulls":3},"-",{"$nulls":3},"-"]
[{"$nulls":10},"-",{"$f":"IF(ISBLANK($H258),\"-\",IF(ISNA(VLOOKUP($H258,PP,2,FALSE)),\"Erreur\",VLOOKUP($H258,PP,2,FALSE)))","v":"-"},"-",{"$nulls":3},{"$f":"IF(ISBLANK(H258),\"-\",SUM(M258,N258))","v":"-"},{"$nulls":3},"-"]
[{"$nulls":10},{"$f":"IF(ISBLANK($I259),\"-\",IF($I259-$J259=0,\"-\",$I259-$J259))","v":"-"},"-",{"$f":"IF(OR(ISBLANK($I259),ISBLANK($H259)),\"-\",IF(ISNA($L259*$I259),\"Erreur\",$L259*$I259))","v":"-"},{"$nulls":3},"-",{"$nulls":3},{"$f":"CONCATENATE($A259,\"-\",$H259)","v":"-"}]
[{"$nulls":10},"-","-","-",{"$nulls":3},"-",{"$nulls":3},"-"]
[{"$nulls":10},"-","-","-",{"$nulls":3},"-",{"$nulls":3},"-"]
[{"$nulls":10},"-","-","-",{"$nulls":3},"-",{"$nulls":3},"-"]
[{"$nulls":10},"-","-","-",{"$nulls":3},"-",{"$nulls":3},"-"]
[{"$nulls":10},"-","-","-",{"$nulls":3},"-",{"$nulls":3},"-"]
[{"$nulls":10},"-","-","-",{"$nulls":3},"-",{"$nulls":3},"-"]
[{"$nulls":10},"-","-","-",{"$nulls":3},"-",{"$nulls":3},"-"]
[{"$nulls":10},"-","-","-",{"$nulls":3},"-",{"$nulls":3},"-"]
[{"$nulls":10},"-","-","-",{"$nulls":3},"-",{"$nulls":3},"-"]
[{"$nulls":10},"-","-","-",{"$nulls":3},"-",{"$nulls":3},"-"]
[{"$nulls":10},"-","-","-",{"$nulls":3},"-",{"$nulls":3},"-"]
[{"$nulls":10},"-","-","-",{"$nulls":3},"-",{"$nulls":3},"-"]
[{"$nulls":10},"-","-","-",{"$nulls":3},"-",{"$nulls":3},"-"]
[{"$nulls":10},"-","-","-",{"$nulls":3},"-",{"$nulls":3},"-"]
[{"$nulls":10},"-","-","-",{"$nulls":3},"-",{"$nulls":3},"-"]
[{"$nulls":10},"-","-","-",{"$nulls":3},"-",{"$nulls":3},"-"]
[{"$nulls":10},"-","-","-",{"$nulls":3},"-",{"$nulls":3},"-"]
[{"$nulls":10},"-","-","-",{"$nulls":3},"-",{"$nulls":3},"-"]
[{"$nulls":10},"-","-","-",{"$nulls":3},"-",{"$nulls":3},"-"]
[{"$nulls":10},"-","-","-",{"$nulls":3},"-",{"$nulls":3},"-"]
[{"$nulls":10},"-","-","-",{"$nulls":3},"-",{"$nulls":3},"-"]
[{"$nulls":10},"-","-","-",{"$nulls":3},"-",{"$nulls":3},"-"]
[{"$nulls":10},"-","-","-",{"$nulls":3},"-",{"$nulls":3},"-"]
[{"$nulls":10},"-","-","-",{"$nulls":3},"-",{"$nulls":3},"-"]
[{"$nulls":10},"-","-","-",{"$nulls":3},"-",{"$nulls":3},"-"]
[{"$nulls":10},"-","-","-",{"$nulls":3},"-",{"$nulls":3},"-"]
[{"$nulls":10},"-","-","-",{"$nulls":3},"-",{"$nulls":3},"-"]
[{"$nulls":10},"-","-","-",{"$nulls":3},"-",{"$nulls":3},"-"]
[{"$nulls":10},"-","-","-",{"$nulls":3},"-",{"$nulls":3},"-"]
[{"$nulls":10},"-","-","-",{"$nulls":3},"-",{"$nulls":3},"-"]
[{"$nulls":10},"-","-","-",{"$nulls":3},"-",{"$nulls":3},"-"]
[{"$nulls":10},"-","-","-",{"$nulls":3},"-",{"$nulls":3},"-"]
[{"$nulls":10},"-","-","-",{"$nulls":3},"-",{"$nulls":3},"-"]
[{"$nulls":10},"-","-","-",{"$nulls":3},"-",{"$nulls":3},"-"]
[{"$nulls":10},"-","-","-",{"$nulls":3},"-",{"$nulls":3},"-"]
[{"$nulls":10},"-","-","-",{"$nulls":3},"-",{"$nulls":3},"-"]
[{"$nulls":10},"-","-","-",{"$nulls":3},"-",{"$nulls":3},"-"]
[{"$nulls":10},"-","-","-",{"$nulls":3},"-",{"$nulls":3},"-"]
[{"$nulls":10},"-","-","-",{"$nulls":3},"-",{"$nulls":3},"-"]
[{"$nulls":10},"-","-","-",{"$nulls":3},"-",{"$nulls":3},"-"]
[{"$nulls":10},"-","-","-",{"$nulls":3},"-",{"$nulls":3},"-"]
[{"$nulls":10},"-","-","-",{"$nulls":3},"-",{"$nulls":3},"-"]
[{"$nulls":10},"-","-","-",{"$nulls":3},"-",{"$nulls":3},"-"]
[{"$nulls":10},"-","-","-",{"$nulls":3},"-",{"$nulls":3},"-"]
[{"$nulls":10},"-","-","-",{"$nulls":3},"-",{"$nulls":3},"-"]
[{"$nulls":10},"-","-","-",{"$nulls":3},"-",{"$nulls":3},"-"]
[{"$nulls":10},"-","-","-",{"$nulls":3},"-",{"$nulls":3},"-"]
[{"$nulls":10},"-","-","-",{"$nulls":3},"-",{"$nulls":3},"-"]
[{"$nulls":10},"-","-","-",{"$nulls":3},"-",{"$nulls":3},"-"]
[{"$nulls":10},"-","-","-",{"$nulls":3},"-",{"$nulls":3},"-"]
[{"$nulls":10},"-","-","-",{"$nulls":3},"-",{"$nulls":3},"-"]
[{"$nulls":10},"-","-","-",{"$nulls":3},"-",{"$nulls":3},"-"]
[{"$nulls":10},"-","-","-",{"$nulls":3},"-",{"$nulls":3},"-"]
[{"$nulls":10},"-","-","-",{"$nulls":3},"-",{"$nulls":3},"-"]
[{"$nulls":10},"-","-","-",{"$nulls":3},"-",{"$nulls":3},"-"]
[{"$nulls":10},"-","-","-",{"$nulls":3},"-",{"$nulls":3},"-"]
[{"$nulls":10},"-","-","-",{"$nulls":3},"-",{"$nulls":3},"-"]
[{"$nulls":10},"-","-","-",{"$nulls":3},"-",{"$nulls":3},"-"]
[{"$nulls":10},"-","-","-",{"$nulls":3},"-",{"$nulls":3},"-"]
[{"$nulls":10},"-","-","-",{"$nulls":3},"-",{"$nulls":3},"-"]
[{"$nulls":10},"-","-","-",{"$nulls":3},"-",{"$nulls":3},"-"]
[{"$nulls":10},"-","-","-",{"$nulls":3},"-",{"$nulls":3},"-"]
[{"$nulls":10},"-",{"$f":"IF(ISBLANK($H322),\"-\",IF(ISNA(VLOOKUP($H322,PP,2,FALSE)),\"Erreur\",VLOOKUP($H322,PP,2,FALSE)))","v":"-"},"-",{"$nulls":3},{"$f":"IF(ISBLANK(H322),\"-\",SUM(M322,N322))","v":"-"},{"$nulls":3},"-"]
[{"$nulls":10},{"$f":"IF(ISBLANK($I323),\"-\",IF($I323-$J323=0,\"-\",$I323-$J323))","v":"-"},"-",{"$f":"IF(OR(ISBLANK($I323),ISBLANK($H323)),\"-\",IF(ISNA($L323*$I323),\"Erreur\",$L323*$I323))","v":"-"},{"$nulls":3},"-",{"$nulls":3},{"$f":"CONCATENATE($A323,\"-\",$H323)","v":"-"}]
[{"$nulls":10},"-","-","-",{"$nulls":3},"-",{"$nulls":3},"-"]
[{"$nulls":10},"-","-","-",{"$nulls":3},"-",{"$nulls":3},"-"]
[{"$nulls":10},"-","-","-",{"$nulls":3},"-",{"$nulls":3},"-"]
[{"$nulls":10},"-","-","-",{"$nulls":3},"-",{"$nulls":3},"-"]
[{"$nulls":10},"-","-","-",{"$nulls":3},"-",{"$nulls":3},"-"]
[{"$nulls":10},"-","-","-",{"$nulls":3},"-",{"$nulls":3},"-"]
[{"$nulls":10},"-","-","-",{"$nulls":3},"-",{"$nulls":3},"-"]
[{"$nulls":10},"-","-","-",{"$nulls":3},"-",{"$nulls":3},"-"]
[{"$nulls":10},"-","-","-",{"$nulls":3},"-",{"$nulls":3},"-"]
[{"$nulls":10},"-","-","-",{"$nulls":3},"-",{"$nulls":3},"-"]
[{"$nulls":10},"-","-","-",{"$nulls":3},"-",{"$nulls":3},"-"]
[{"$nulls":10},"-","-","-",{"$nulls":3},"-",{"$nulls":3},"-"]
[{"$nulls":10},"-","-","-",{"$nulls":3},"-",{"$nulls":3},"-"]
[{"$nulls":10},"-","-","-",{"$nulls":3},"-",{"$nulls":3},"-"]
[{"$nulls":10},"-","-","-",{"$nulls":3},"-",{"$nulls":3},"-"]
[{"$nulls":10},"-","-","-",{"$nulls":3},"-",{"$nulls":3},"-"]
[{"$nulls":10},"-","-","-",{"$nulls":3},"-",{"$nulls":3},"-"]
[{"$nulls":10},"-","-","-",{"$nulls":3},"-",{"$nulls":3},"-"]
[{"$nulls":10},"-","-","-",{"$nulls":3},"-",{"$nulls":3},"-"]
[{"$nulls":10},"-","-","-",{"$nulls":3},"-",{"$nulls":3},"-"]
[{"$nulls":10},"-","-","-",{"$nulls":3},"-",{"$nulls":3},"-"]
[{"$nulls":10},"-","-","-",{"$nulls":3},"-",{"$nulls":3},"-"]
[{"$nulls":10},"-","-","-",{"$nulls":3},"-",{"$nulls":3},"-"]
[{"$nulls":10},"-","-","-",{"$nulls":3},"-",{"$nulls":3},"-"]
[{"$nulls":10},"-","-","-",{"$nulls":3},"-",{"$nulls":3},"-"]
[{"$nulls":10},"-","-","-",{"$nulls":3},"-",{"$nulls":3},"-"]
[{"$nulls":10},"-","-","-",{"$nulls":3},"-",{"$nulls":3},"-"]
[{"$nulls":10},"-","-","-",{"$nulls":3},"-",{"$nulls":3},"-"]
[{"$nulls":10},"-","-","-",{"$nulls":3},"-",{"$nulls":3},"-"]
[{"$nulls":10},"-","-","-",{"$nulls":3},"-",{"$nulls":3},"-"]
[{"$nulls":10},"-","-","-",{"$nulls":3},"-",{"$nulls":3},"-"]
[{"$nulls":10},"-","-","-",{"$nulls":3},"-",{"$nulls":3},"-"]
[{"$nulls":10},"-","-","-",{"$nulls":3},"-",{"$nulls":3},"-"]
[{"$nulls":10},"-","-","-",{"$nulls":3},"-",{"$nulls":3},"-"]
[{"$nulls":10},"-","-","-",{"$nulls":3},"-",{"$nulls":3},"-"]
[{"$nulls":10},"-","-","-",{"$nulls":3},"-",{"$nulls":3},"-"]
[{"$nulls":10},"-","-","-",{"$nulls":3},"-",{"$nulls":3},"-"]
[{"$nulls":10},"-","-","-",{"$nulls":3},"-",{"$nulls":3},"-"]
[{"$nulls":10},"-","-","-",{"$nulls":3},"-",{"$nulls":3},"-"]
[{"$nulls":10},"-","-","-",{"$nulls":3},"-",{"$nulls":3},"-"]
[{"$nulls":10},"-","-","-",{"$nulls":3},"-",{"$nulls":3},"-"]
[{"$nulls":10},"-","-","-",{"$nulls":3},"-",{"$nulls":3},"-"]
[{"$nulls":10},"-","-","-",{"$nulls":3},"-",{"$nulls":3},"-"]
[{"$nulls":10},"-","-","-",{"$nulls":3},"-",{"$nulls":3},"-"]
[{"$nulls":10},"-","-","-",{"$nulls":3},"-",{"$nulls":3},"-"]
[{"$nulls":10},"-","-","-",{"$nulls":3},"-",{"$nulls":3},"-"]
[{"$nulls":10},"-","-","-",{"$nulls":3},"-",{"$nulls":3},"-"]
[{"$nulls":10},"-","-","-",{"$nulls":3},"-",{"$nulls":3},"-"]
[{"$nulls":10},"-","-","-",{"$nulls":3},"-",{"$nulls":3},"-"]
[{"$nulls":10},"-","-","-",{"$nulls":3},"-",{"$nulls":3},"-"]
[{"$nulls":10},"-","-","-",{"$nulls":3},"-",{"$nulls":3},"-"]
[{"$nulls":10},"-","-","-",{"$nulls":3},"-",{"$nulls":3},"-"]
[{"$nulls":10},"-","-","-",{"$nulls":3},"-",{"$nulls":3},"-"]
[{"$nulls":10},"-","-","-",{"$nulls":3},"-",{"$nulls":3},"-"]
[{"$nulls":10},"-","-","-",{"$nulls":3},"-",{"$nulls":3},"-"]
[{"$nulls":10},"-","-","-",{"$nulls":3},"-",{"$nulls":3},"-"]
[{"$nulls":10},"-","-","-",{"$nulls":3},"-",{"$nulls":3},"-"]
[{"$nulls":10},"-","-","-",{"$nulls":3},"-",{"$nulls":3},"-"]
[{"$nulls":10},"-","-","-",{"$nulls":3},"-",{"$nulls":3},"-"]
[{"$nulls":10},"-","-","-",{"$nulls":3},"-",{"$nulls":3},"-"]
[{"$nulls":10},"-","-","-",{"$nulls":3},"-",{"$nulls":3},"-"]
[{"$nulls":10},"-","-","-",{"$nulls":3},"-",{"$nulls":3},"-"]
[{"$nulls":10},"-",{"$f":"IF(ISBLANK($H386),\"-\",IF(ISNA(VLOOKUP($H386,PP,2,FALSE)),\"Erreur\",VLOOKUP($H386,PP,2,FALSE)))","v":"-"},"-",{"$nulls":3},{"$f":"IF(ISBLANK(H386),\"-\",SUM(M386,N386))","v":"-"},{"$nulls":3},"-"]
[{"$nulls":10},{"$f":"IF(ISBLANK($I387),\"-\",IF($I387-$J387=0,\"-\",$I387-$J387))","v":"-"},"-",{"$f":"IF(OR(ISBLANK($I387),ISBLANK($H387)),\"-\",IF(ISNA($L387*$I387),\"Erreur\",$L387*$I387))","v":"-"},{"$nulls":3},"-",{"$nulls":3},{"$f":"CONCATENATE($A387,\"-\",$H387)","v":"-"}]
[{"$nulls":10},"-","-","-",{"$nulls":3},"-",{"$nulls":3},"-"]
[{"$nulls":10},"-","-","-",{"$nulls":3},"-",{"$nulls":3},"-"]
[{"$nulls":10},"-","-","-",{"$nulls":3},"-",{"$nulls":3},"-"]
[{"$nulls":10},"-","-","-",{"$nulls":3},"-",{"$nulls":3},"-"]
[{"$nulls":10},"-","-","-",{"$nulls":3},"-",{"$nulls":3},"-"]
[{"$nulls":10},"-","-","-",{"$nulls":3},"-",{"$nulls":3},"-"]
[{"$nulls":10},"-","-","-",{"$nulls":3},"-",{"$nulls":3},"-"]
[{"$nulls":10},"-","-","-",{"$nulls":3},"-",{"$nulls":3},"-"]
[{"$nulls":10},"-","-","-",{"$nulls":3},"-",{"$nulls":3},"-"]
[{"$nulls":10},"-","-","-",{"$nulls":3},"-",{"$nulls":3},"-"]
[{"$nulls":10},"-","-","-",{"$nulls":3},"-",{"$nulls":3},"-"]
[{"$nulls":10},"-","-","-",{"$nulls":3},"-",{"$nulls":3},"-"]
[{"$nulls":10},"-","-","-",{"$nulls":3},"-",{"$nulls":3},"-"]
[{"$nulls":10},"-","-","-",{"$nulls":3},"-",{"$nulls":3},"-"]
[{"$nulls":10},"-","-","-",{"$nulls":3},"-",{"$nulls":3},"-"]
[{"$nulls":10},"-","-","-",{"$nulls":3},"-",{"$nulls":3},"-"]
[{"$nulls":10},"-","-","-",{"$nulls":3},"-",{"$nulls":3},"-"]
[{"$nulls":10},"-","-","-",{"$nulls":3},"-",{"$nulls":3},"-"]
[{"$nulls":10},"-","-","-",{"$nulls":3},"-",{"$nulls":3},"-"]
[{"$nulls":10},"-","-","-",{"$nulls":3},"-",{"$nulls":3},"-"]
[{"$nulls":10},"-","-","-",{"$nulls":3},"-",{"$nulls":3},"-"]
[{"$nulls":10},"-","-","-",{"$nulls":3},"-",{"$nulls":3},"-"]
[{"$nulls":10},"-","-","-",{"$nulls":3},"-",{"$nulls":3},"-"]
[{"$nulls":10},"-","-","-",{"$nulls":3},"-",{"$nulls":3},"-"]
[{"$nulls":10},"-","-","-",{"$nulls":3},"-",{"$nulls":3},"-"]
[{"$nulls":10},"-","-","-",{"$nulls":3},"-",{"$nulls":3},"-"]
[{"$nulls":10},"-","-","-",{"$nulls":3},"-",{"$nulls":3},"-"]
[{"$nulls":10},"-","-","-",{"$nulls":3},"-",{"$nulls":3},"-"]
[{"$nulls":10},"-","-","-",{"$nulls":3},"-",{"$nulls":3},"-"]
[{"$nulls":10},"-","-","-",{"$nulls":3},"-",{"$nulls":3},"-"]
[{"$nulls":10},"-","-","-",{"$nulls":3},"-",{"$nulls":3},"-"]
[{"$nulls":10},"-","-","-",{"$nulls":3},"-",{"$nulls":3},"-"]
[{"$nulls":10},"-","-","-",{"$nulls":3},"-",{"$nulls":3},"-"]
[{"$nulls":10},"-","-","-",{"$nulls":3},"-",{"$nulls":3},"-"]
[{"$nulls":10},"-","-","-",{"$nulls":3},"-",{"$nulls":3},"-"]
[{"$nulls":10},"-","-","-",{"$nulls":3},"-",{"$nulls":3},"-"]
[{"$nulls":10},"-","-","-",{"$nulls":3},"-",{"$nulls":3},"-"]
[{"$nulls":10},"-","-","-",{"$nulls":3},"-",{"$nulls":3},"-"]
[{"$nulls":10},"-","-","-",{"$nulls":3},"-",{"$nulls":3},"-"]
[{"$nulls":10},"-","-","-",{"$nulls":3},"-",{"$nulls":3},"-"]
[{"$nulls":10},"-","-","-",{"$nulls":3},"-",{"$nulls":3},"-"]
[{"$nulls":10},"-","-","-",{"$nulls":3},"-",{"$nulls":3},"-"]
[{"$nulls":10},"-","-","-",{"$nulls":3},"-",{"$nulls":3},"-"]
[{"$nulls":10},"-","-","-",{"$nulls":3},"-",{"$nulls":3},"-"]
[{"$nulls":10},"-","-","-",{"$nulls":3},"-",{"$nulls":3},"-"]
[{"$nulls":10},"-","-","-",{"$nulls":3},"-",{"$nulls":3},"-"]
[{"$nulls":10},"-","-","-",{"$nulls":3},"-",{"$nulls":3},"-"]
[{"$nulls":10},"-","-","-",{"$nulls":3},"-",{"$nulls":3},"-"]
[{"$nulls":10},"-","-","-",{"$nulls":3},"-",{"$nulls":3},"-"]
[{"$nulls":10},"-","-","-",{"$nulls":3},"-",{"$nulls":3},"-"]
[{"$nulls":10},"-","-","-",{"$nulls":3},"-",{"$nulls":3},"-"]
[{"$nulls":10},"-","-","-",{"$nulls":3},"-",{"$nulls":3},"-"]
[{"$nulls":10},"-","-","-",{"$nulls":3},"-",{"$nulls":3},"-"]
[{"$nulls":10},"-","-","-",{"$nulls":3},"-",{"$nulls":3},"-"]
[{"$nulls":10},"-","-","-",{"$nulls":3},"-",{"$nulls":3},"-"]
[{"$nulls":10},"-","-","-",{"$nulls":3},"-",{"$nulls":3},"-"]
[{"$nulls":10},"-","-","-",{"$nulls":3},"-",{"$nulls":3},"-"]
[{"$nulls":10},"-","-","-",{"$nulls":3},"-",{"$nulls":3},"-"]
[{"$nulls":10},"-","-","-",{"$nulls":3},"-",{"$nulls":3},"-"]
[{"$nulls":10},"-","-","-",{"$nulls":3},"-",{"$nulls":3},"-"]
[{"$nulls":10},"-","-","-",{"$nulls":3},"-",{"$nulls":3},"-"]
[{"$nulls":10},"-","-","-",{"$nulls":3},"-",{"$nulls":3},"-"]
[{"$nulls":10},"-",{"$f":"IF(ISBLANK($H450),\"-\",IF(ISNA(VLOOKUP($H450,PP,2,FALSE)),\"Erreur\",VLOOKUP($H450,PP,2,FALSE)))","v":"-"},"-",{"$nulls":3},{"$f":"IF(ISBLANK(H450),\"-\",SUM(M450,N450))","v":"-"},{"$nulls":3},"-"]
[{"$nulls":10},{"$f":"IF(ISBLANK($I451),\"-\",IF($I451-$J451=0,\"-\",$I451-$J451))","v":"-"},"-",{"$f":"IF(OR(ISBLANK($I451),ISBLANK($H451)),\"-\",IF(ISNA($L451*$I451),\"Erreur\",$L451*$I451))","v":"-"},{"$nulls":3},"-",{"$nulls":3},{"$f":"CONCATENATE($A451,\"-\",$H451)","v":"-"}]
[{"$nulls":10},"-","-","-",{"$nulls":3},"-",{"$nulls":3},"-"]
[{"$nulls":10},"-","-","-",{"$nulls":3},"-",{"$nulls":3},"-"]
[{"$nulls":10},"-","-","-",{"$nulls":3},"-",{"$nulls":3},"-"]
[{"$nulls":10},"-","-","-",{"$nulls":3},"-",{"$nulls":3},"-"]
[{"$nulls":10},"-","-","-",{"$nulls":3},"-",{"$nulls":3},"-"]
[{"$nulls":10},"-","-","-",{"$nulls":3},"-",{"$nulls":3},"-"]
[{"$nulls":10},"-","-","-",{"$nulls":3},"-",{"$nulls":3},"-"]
[{"$nulls":10},"-","-","-",{"$nulls":3},"-",{"$nulls":3},"-"]
[{"$nulls":10},"-","-","-",{"$nulls":3},"-",{"$nulls":3},"-"]
[{"$nulls":10},"-","-","-",{"$nulls":3},"-",{"$nulls":3},"-"]
[{"$nulls":10},"-","-","-",{"$nulls":3},"-",{"$nulls":3},"-"]
[{"$nulls":10},"-","-","-",{"$nulls":3},"-",{"$nulls":3},"-"]
[{"$nulls":10},"-","-","-",{"$nulls":3},"-",{"$nulls":3},"-"]
[{"$nulls":10},"-","-","-",{"$nulls":3},"-",{"$nulls":3},"-"]
[{"$nulls":10},"-","-","-",{"$nulls":3},"-",{"$nulls":3},"-"]
[{"$nulls":10},"-","-","-",{"$nulls":3},"-",{"$nulls":3},"-"]
[{"$nulls":10},"-","-","-",{"$nulls":3},"-",{"$nulls":3},"-"]
[{"$nulls":10},"-","-","-",{"$nulls":3},"-",{"$nulls":3},"-"]
[{"$nulls":10},"-","-","-",{"$nulls":3},"-",{"$nulls":3},"-"]
[{"$nulls":10},"-","-","-",{"$nulls":3},"-",{"$nulls":3},"-"]
[{"$nulls":10},"-","-","-",{"$nulls":3},"-",{"$nulls":3},"-"]
[{"$nulls":10},"-","-","-",{"$nulls":3},"-",{"$nulls":3},"-"]
[{"$nulls":10},"-","-","-",{"$nulls":3},"-",{"$nulls":3},"-"]
[{"$nulls":10},"-","-","-",{"$nulls":3},"-",{"$nulls":3},"-"]
[{"$nulls":10},"-","-","-",{"$nulls":3},"-",{"$nulls":3},"-"]
[{"$nulls":10},"-","-","-",{"$nulls":3},"-",{"$nulls":3},"-"]
[{"$nulls":10},"-","-","-",{"$nulls":3},"-",{"$nulls":3},"-"]
[{"$nulls":10},"-","-","-",{"$nulls":3},"-",{"$nulls":3},"-"]
[{"$nulls":10},"-","-","-",{"$nulls":3},"-",{"$nulls":3},"-"]
[{"$nulls":10},"-","-","-",{"$nulls":3},"-",{"$nulls":3},"-"]
[{"$nulls":10},"-","-","-",{"$nulls":3},"-",{"$nulls":3},"-"]
[{"$nulls":10},"-","-","-",{"$nulls":3},"-",{"$nulls":3},"-"]
[{"$nulls":10},"-","-","-",{"$nulls":3},"-",{"$nulls":3},"-"]
[{"$nulls":10},"-","-","-",{"$nulls":3},"-",{"$nulls":3},"-"]
[{"$nulls":10},"-","-","-",{"$nulls":3},"-",{"$nulls":3},"-"]
[{"$nulls":10},"-","-","-",{"$nulls":3},"-",{"$nulls":3},"-"]
[{"$nulls":10},"-","-","-",{"$nulls":3},"-",{"$nulls":3},"-"]
[{"$nulls":10},"-","-","-",{"$nulls":3},"-",{"$nulls":3},"-"]
[{"$nulls":10},"-","-","-",{"$nulls":3},"-",{"$nulls":3},"-"]
[{"$nulls":10},"-","-","-",{"$nulls":3},"-",{"$nulls":3},"-"]
[{"$nulls":10},"-","-","-",{"$nulls":3},"-",{"$nulls":3},"-"]
[{"$nulls":10},"-","-","-",{"$nulls":3},"-",{"$nulls":3},"-"]
[{"$nulls":10},"-","-","-",{"$nulls":3},"-",{"$nulls":3},"-"]
[{"$nulls":10},"-","-","-",{"$nulls":3},"-",{"$nulls":3},"-"]
[{"$nulls":10},"-","-","-",{"$nulls":3},"-",{"$nulls":3},"-"]
[{"$nulls":10},"-","-","-",{"$nulls":3},"-",{"$nulls":3},"-"]
[{"$nulls":10},"-","-","-",{"$nulls":3},"-",{"$nulls":3},"-"]
[{"$nulls":10},"-","-","-",{"$nulls":3},"-",{"$nulls":3},"-"]
[{"$nulls":10},"-","-","-",{"$nulls":3},"-",{"$nulls":3},"-"]
[{"$nulls":10},"-","-","-",{"$nulls":3},"-",{"$nulls":3},"-"]
[{"$nulls":10},"-","-","-",{"$nulls":3},"-",{"$nulls":3},"-"]
[{"$nulls":10},"-","-","-",{"$nulls":3},"-",{"$nulls":3},"-"]
[{"$nulls":10},"-","-","-",{"$nulls":3},"-",{"$nulls":3},"-"]
[{"$nulls":10},"-","-","-",{"$nulls":3},"-",{"$nulls":3},"-"]
[{"$nulls":10},"-","-","-",{"$nulls":3},"-",{"$nulls":3},"-"]
[{"$nulls":10},"-","-","-",{"$nulls":3},"-",{"$nulls":3},"-"]
[{"$nulls":10},"-","-","-",{"$nulls":3},"-",{"$nulls":3},"-"]
[{"$nulls":10},"-","-","-",{"$nulls":3},"-",{"$nulls":3},"-"]
[{"$nulls":10},"-","-","-",{"$nulls":3},"-",{"$nulls":3},"-"]
[{"$nulls":10},"-","-","-",{"$nulls":3},"-",{"$nulls":3},"-"]
[{"$nulls":10},"-","-","-",{"$nulls":3},"-",{"$nulls":3},"-"]
[{"$nulls":10},"-","-","-",{"$nulls":3},"-",{"$nulls":3},"-"]
[{"$nulls":10},"-",{"$f":"IF(ISBLANK($H514),\"-\",IF(ISNA(VLOOKUP($H514,PP,2,FALSE)),\"Erreur\",VLOOKUP($H514,PP,2,FALSE)))","v":"-"},"-",{"$nulls":3},{"$f":"IF(ISBLANK(H514),\"-\",SUM(M514,N514))","v":"-"},{"$nulls":3},"-"]
[{"$nulls":10},{"$f":"IF(ISBLANK($I515),\"-\",IF($I515-$J515=0,\"-\",$I515-$J515))","v":"-"},"-",{"$f":"IF(OR(ISBLANK($I515),ISBLANK($H515)),\"-\",IF(ISNA($L515*$I515),\"Erreur\",$L515*$I515))","v":"-"},{"$nulls":3},"-",{"$nulls":3},{"$f":"CONCATENATE($A515,\"-\",$H515)","v":"-"}]
[{"$nulls":10},"-","-","-",{"$nulls":3},"-",{"$nulls":3},"-"]
[{"$nulls":10},"-","-","-",{"$nulls":3},"-",{"$nulls":3},"-"]
[{"$nulls":10},"-","-","-",{"$nulls":3},"-",{"$nulls":3},"-"]
[{"$nulls":10},"-","-","-",{"$nulls":3},"-",{"$nulls":3},"-"]
[{"$nulls":10},"-","-","-",{"$nulls":3},"-",{"$nulls":3},"-"]
[{"$nulls":10},"-","-","-",{"$nulls":3},"-",{"$nulls":3},"-"]
[{"$nulls":10},"-","-","-",{"$nulls":3},"-",{"$nulls":3},"-"]
[{"$nulls":10},"-","-","-",{"$nulls":3},"-",{"$nulls":3},"-"]
[{"$nulls":10},"-","-","-",{"$nulls":3},"-",{"$nulls":3},"-"]
[{"$nulls":10},"-","-","-",{"$nulls":3},"-",{"$nulls":3},"-"]
[{"$nulls":10},"-","-","-",{"$nulls":3},"-",{"$nulls":3},"-"]
[{"$nulls":10},"-","-","-",{"$nulls":3},"-",{"$nulls":3},"-"]
[{"$nulls":10},"-","-","-",{"$nulls":3},"-",{"$nulls":3},"-"]
[{"$nulls":10},"-","-","-",{"$nulls":3},"-",{"$nulls":3},"-"]
[{"$nulls":10},"-","-","-",{"$nulls":3},"-",{"$nulls":3},"-"]
[{"$nulls":10},"-","-","-",{"$nulls":3},"-",{"$nulls":3},"-"]
[{"$nulls":10},"-","-","-",{"$nulls":3},"-",{"$nulls":3},"-"]
[{"$nulls":10},"-","-","-",{"$nulls":3},"-",{"$nulls":3},"-"]
[{"$nulls":10},"-","-","-",{"$nulls":3},"-",{"$nulls":3},"-"]
[{"$nulls":10},"-","-","-",{"$nulls":3},"-",{"$nulls":3},"-"]
[{"$nulls":10},"-","-","-",{"$nulls":3},"-",{"$nulls":3},"-"]
[{"$nulls":10},"-","-","-",{"$nulls":3},"-",{"$nulls":3},"-"]
[{"$nulls":10},"-","-","-",{"$nulls":3},"-",{"$nulls":3},"-"]
[{"$nulls":10},"-","-","-",{"$nulls":3},"-",{"$nulls":3},"-"]
[{"$nulls":10},"-","-","-",{"$nulls":3},"-",{"$nulls":3},"-"]
[{"$nulls":10},"-","-","-",{"$nulls":3},"-",{"$nulls":3},"-"]
[{"$nulls":10},"-","-","-",{"$nulls":3},"-",{"$nulls":3},"-"]
[{"$nulls":10},"-","-","-",{"$nulls":3},"-",{"$nulls":3},"-"]
[{"$nulls":10},"-","-","-",{"$nulls":3},"-",{"$nulls":3},"-"]
[{"$nulls":10},"-","-","-",{"$nulls":3},"-",{"$nulls":3},"-"]
[{"$nulls":10},"-","-","-",{"$nulls":3},"-",{"$nulls":3},"-"]
[{"$nulls":10},"-","-","-",{"$nulls":3},"-",{"$nulls":3},"-"]
[{"$nulls":10},"-","-","-",{"$nulls":3},"-",{"$nulls":3},"-"]
[{"$nulls":10},"-","-","-",{"$nulls":3},"-",{"$nulls":3},"-"]
[{"$nulls":10},"-","-","-",{"$nulls":3},"-",{"$nulls":3},"-"]
[{"$nulls":10},"-","-","-",{"$nulls":3},"-",{"$nulls":3},"-"]
[{"$nulls":10},"-","-","-",{"$nulls":3},"-",{"$nulls":3},"-"]
[{"$nulls":10},"-","-","-",{"$nulls":3},"-",{"$nulls":3},"-"]
[{"$nulls":10},"-","-","-",{"$nulls":3},"-",{"$nulls":3},"-"]
[{"$nulls":10},"-","-","-",{"$nulls":3},"-",{"$nulls":3},"-"]
[{"$nulls":10},"-","-","-",{"$nulls":3},"-",{"$nulls":3},"-"]
[{"$nulls":10},"-","-","-",{"$nulls":3},"-",{"$nulls":3},"-"]
[{"$nulls":10},"-","-","-",{"$nulls":3},"-",{"$nulls":3},"-"]
[{"$nulls":10},"-","-","-",{"$nulls":3},"-",{"$nulls":3},"-"]
[{"$nulls":10},"-","-","-",{"$nulls":3},"-",{"$nulls":3},"-"]
[{"$nulls":10},"-","-","-",{"$nulls":3},"-",{"$nulls":3},"-"]
[{"$nulls":10},"-","-","-",{"$nulls":3},"-",{"$nulls":3},"-"]
[{"$nulls":10},"-","-","-",{"$nulls":3},"-",{"$nulls":3},"-"]
[{"$nulls":10},"-","-","-",{"$nulls":3},"-",{"$nulls":3},"-"]
[{"$nulls":10},"-","-","-",{"$nulls":3},"-",{"$nulls":3},"-"]
[{"$nulls":10},"-","-","-",{"$nulls":3},"-",{"$nulls":3},"-"]
[{"$nulls":10},"-","-","-",{"$nulls":3},"-",{"$nulls":3},"-"]
[{"$nulls":10},"-","-","-",{"$nulls":3},"-",{"$nulls":3},"-"]
[{"$nulls":10},"-","-","-",{"$nulls":3},"-",{"$nulls":3},"-"]
[{"$nulls":10},"-","-","-",{"$nulls":3},"-",{"$nulls":3},"-"]
[{"$nulls":10},"-","-","-",{"$nulls":3},"-",{"$nulls":3},"-"]
[{"$nulls":10},"-","-","-",{"$nulls":3},"-",{"$nulls":3},"-"]
[{"$nulls":10},"-","-","-",{"$nulls":3},"-",{"$nulls":3},"-"]
[{"$nulls":10},"-","-","-",{"$nulls":3},"-",{"$nulls":3},"-"]
[{"$nulls":10},"-","-","-",{"$nulls":3},"-",{"$nulls":3},"-"]
[{"$nulls":10},"-","-","-",{"$nulls":3},"-",{"$nulls":3},"-"]
[{"$nulls":10},"-","-","-",{"$nulls":3},"-",{"$nulls":3},"-"]
[{"$nulls":10},"-",{"$f":"IF(ISBLANK($H578),\"-\",IF(ISNA(VLOOKUP($H578,PP,2,FALSE)),\"Erreur\",VLOOKUP($H578,PP,2,FALSE)))","v":"-"},"-",{"$nulls":3},{"$f":"IF(ISBLANK(H578),\"-\",SUM(M578,N578))","v":"-"},{"$nulls":3},"-"]
[{"$nulls":10},{"$f":"IF(ISBLANK($I579),\"-\",IF($I579-$J579=0,\"-\",$I579-$J579))","v":"-"},"-",{"$f":"IF(OR(ISBLANK($I579),ISBLANK($H579)),\"-\",IF(ISNA($L579*$I579),\"Erreur\",$L579*$I579))","v":"-"},{"$nulls":3},"-",{"$nulls":3},{"$f":"CONCATENATE($A579,\"-\",$H579)","v":"-"}]
[{"$nulls":10},"-","-","-",{"$nulls":3},"-",{"$nulls":3},"-"]
[{"$nulls":10},"-","-","-",{"$nulls":3},"-",{"$nulls":3},"-"]
[{"$nulls":10},"-","-","-",{"$nulls":3},"-",{"$nulls":3},"-"]
[{"$nulls":10},"-","-","-",{"$nulls":3},"-",{"$nulls":3},"-"]
[{"$nulls":10},"-","-","-",{"$nulls":3},"-",{"$nulls":3},"-"]
[{"$nulls":10},"-","-","-",{"$nulls":3},"-",{"$nulls":3},"-"]
[{"$nulls":10},"-","-","-",{"$nulls":3},"-",{"$nulls":3},"-"]
[{"$nulls":10},"-","-","-",{"$nulls":3},"-",{"$nulls":3},"-"]
[{"$nulls":10},"-","-","-",{"$nulls":3},"-",{"$nulls":3},"-"]
[{"$nulls":10},"-","-","-",{"$nulls":3},"-",{"$nulls":3},"-"]
[{"$nulls":10},"-","-","-",{"$nulls":3},"-",{"$nulls":3},"-"]
[{"$nulls":10},"-","-","-",{"$nulls":3},"-",{"$nulls":3},"-"]
[{"$nulls":10},"-","-","-",{"$nulls":3},"-",{"$nulls":3},"-"]
[{"$nulls":10},"-","-","-",{"$nulls":3},"-",{"$nulls":3},"-"]
[{"$nulls":10},"-","-","-",{"$nulls":3},"-",{"$nulls":3},"-"]
[{"$nulls":10},"-","-","-",{"$nulls":3},"-",{"$nulls":3},"-"]
[{"$nulls":10},"-","-","-",{"$nulls":3},"-",{"$nulls":3},"-"]
[{"$nulls":10},"-","-","-",{"$nulls":3},"-",{"$nulls":3},"-"]
[{"$nulls":10},"-","-","-",{"$nulls":3},"-",{"$nulls":3},"-"]
[{"$nulls":10},"-","-","-",{"$nulls":3},"-",{"$nulls":3},"-"]
[{"$nulls":10},"-","-","-",{"$nulls":3},"-",{"$nulls":3},"-"]
[{"$nulls":10},"-","-","-",{"$nulls":3},"-",{"$nulls":3},"-"]
[{"$nulls":10},"-","-","-",{"$nulls":3},"-",{"$nulls":3},"-"]
[{"$nulls":10},"-","-","-",{"$nulls":3},"-",{"$nulls":3},"-"]
[{"$nulls":10},"-","-","-",{"$nulls":3},"-",{"$nulls":3},"-"]
[{"$nulls":10},"-","-","-",{"$nulls":3},"-",{"$nulls":3},"-"]
[{"$nulls":10},"-","-","-",{"$nulls":3},"-",{"$nulls":3},"-"]
[{"$nulls":10},"-","-","-",{"$nulls":3},"-",{"$nulls":3},"-"]
[{"$nulls":10},"-","-","-",{"$nulls":3},"-",{"$nulls":3},"-"]
[{"$nulls":10},"-","-","-",{"$nulls":3},"-",{"$nulls":3},"-"]
[{"$nulls":10},"-","-","-",{"$nulls":3},"-",{"$nulls":3},"-"]
[{"$nulls":10},"-","-","-",{"$nulls":3},"-",{"$nulls":3},"-"]
[{"$nulls":10},"-","-","-",{"$nulls":3},"-",{"$nulls":3},"-"]
[{"$nulls":10},"-","-","-",{"$nulls":3},"-",{"$nulls":3},"-"]
[{"$nulls":10},"-","-","-",{"$nulls":3},"-",{"$nulls":3},"-"]
[{"$nulls":10},"-","-","-",{"$nulls":3},"-",{"$nulls":3},"-"]
[{"$nulls":10},"-","-","-",{"$nulls":3},"-",{"$nulls":3},"-"]
[{"$nulls":10},"-","-","-",{"$nulls":3},"-",{"$nulls":3},"-"]
[{"$nulls":10},"-","-","-",{"$nulls":3},"-",{"$nulls":3},"-"]
[{"$nulls":10},"-","-","-",{"$nulls":3},"-",{"$nulls":3},"-"]
[{"$nulls":10},"-","-","-",{"$nulls":3},"-",{"$nulls":3},"-"]
[{"$nulls":10},"-","-","-",{"$nulls":3},"-",{"$nulls":3},"-"]
[{"$nulls":10},"-","-","-",{"$nulls":3},"-",{"$nulls":3},"-"]
[{"$nulls":10},"-","-","-",{"$nulls":3},"-",{"$nulls":3},"-"]
[{"$nulls":10},"-","-","-",{"$nulls":3},"-",{"$nulls":3},"-"]
[{"$nulls":10},"-","-","-",{"$nulls":3},"-",{"$nulls":3},"-"]
[{"$nulls":10},"-","-","-",{"$nulls":3},"-",{"$nulls":3},"-"]
[{"$nulls":10},"-","-","-",{"$nulls":3},"-",{"$nulls":3},"-"]
[{"$nulls":10},"-","-","-",{"$nulls":3},"-",{"$nulls":3},"-"]
[{"$nulls":10},"-","-","-",{"$nulls":3},"-",{"$nulls":3},"-"]
[{"$nulls":10},"-","-","-",{"$nulls":3},"-",{"$nulls":3},"-"]
[{"$nulls":10},"-","-","-",{"$nulls":3},"-",{"$nulls":3},"-"]
[{"$nulls":10},"-","-","-",{"$nulls":3},"-",{"$nulls":3},"-"]
[{"$nulls":10},"-","-","-",{"$nulls":3},"-",{"$nulls":3},"-"]
[{"$nulls":10},"-","-","-",{"$nulls":3},"-",{"$nulls":3},"-"]
[{"$nulls":10},"-","-","-",{"$nulls":3},"-",{"$nulls":3},"-"]
[{"$nulls":10},"-","-","-",{"$nulls":3},"-",{"$nulls":3},"-"]
[{"$nulls":10},"-","-","-",{"$nulls":3},"-",{"$nulls":3},"-"]
[{"$nulls":10},"-","-","-",{"$nulls":3},"-",{"$nulls":3},"-"]
[{"$nulls":10},"-","-","-",{"$nulls":3},"-",{"$nulls":3},"-"]
[{"$nulls":10},"-","-","-",{"$nulls":3},"-",{"$nulls":3},"-"]
[{"$nulls":10},"-","-","-",{"$nulls":3},"-",{"$nulls":3},"-"]
[{"$nulls":10},"-",{"$f":"IF(ISBLANK($H642),\"-\",IF(ISNA(VLOOKUP($H642,PP,2,FALSE)),\"Erreur\",VLOOKUP($H642,PP,2,FALSE)))","v":"-"},"-",{"$nulls":3},{"$f":"IF(ISBLANK(H642),\"-\",SUM(M642,N642))","v":"-"},{"$nulls":3},"-"]
[{"$nulls":10},{"$f":"IF(ISBLANK($I643),\"-\",IF($I643-$J643=0,\"-\",$I643-$J643))","v":"-"},"-",{"$f":"IF(OR(ISBLANK($I643),ISBLANK($H643)),\"-\",IF(ISNA($L643*$I643),\"Erreur\",$L643*$I643))","v":"-"},{"$nulls":3},"-",{"$nulls":3},{"$f":"CONCATENATE($A643,\"-\",$H643)","v":"-"}]
[{"$nulls":10},"-","-","-",{"$nulls":3},"-",{"$nulls":3},"-"]
[{"$nulls":10},"-","-","-",{"$nulls":3},"-",{"$nulls":3},"-"]
[{"$nulls":10},"-","-","-",{"$nulls":3},"-",{"$nulls":3},"-"]
[{"$nulls":10},"-","-","-",{"$nulls":3},"-",{"$nulls":3},"-"]
[{"$nulls":10},"-","-","-",{"$nulls":3},"-",{"$nulls":3},"-"]
[{"$nulls":10},"-","-","-",{"$nulls":3},"-",{"$nulls":3},"-"]
[{"$nulls":10},"-","-","-",{"$nulls":3},"-",{"$nulls":3},"-"]
[{"$nulls":10},"-","-","-",{"$nulls":3},"-",{"$nulls":3},"-"]
[{"$nulls":10},"-","-","-",{"$nulls":3},"-",{"$nulls":3},"-"]
[{"$nulls":10},"-","-","-",{"$nulls":3},"-",{"$nulls":3},"-"]
[{"$nulls":10},"-","-","-",{"$nulls":3},"-",{"$nulls":3},"-"]
[{"$nulls":10},"-","-","-",{"$nulls":3},"-",{"$nulls":3},"-"]
[{"$nulls":10},"-","-","-",{"$nulls":3},"-",{"$nulls":3},"-"]
[{"$nulls":10},"-","-","-",{"$nulls":3},"-",{"$nulls":3},"-"]
[{"$nulls":10},"-","-","-",{"$nulls":3},"-",{"$nulls":3},"-"]
[{"$nulls":10},"-","-","-",{"$nulls":3},"-",{"$nulls":3},"-"]
[{"$nulls":10},"-","-","-",{"$nulls":3},"-",{"$nulls":3},"-"]
[{"$nulls":10},"-","-","-",{"$nulls":3},"-",{"$nulls":3},"-"]
[{"$nulls":10},"-","-","-",{"$nulls":3},"-",{"$nulls":3},"-"]
[{"$nulls":10},"-","-","-",{"$nulls":3},"-",{"$nulls":3},"-"]
[{"$nulls":10},"-","-","-",{"$nulls":3},"-",{"$nulls":3},"-"]
[{"$nulls":10},"-","-","-",{"$nulls":3},"-",{"$nulls":3},"-"]
[{"$nulls":10},"-","-","-",{"$nulls":3},"-",{"$nulls":3},"-"]
[{"$nulls":10},"-","-","-",{"$nulls":3},"-",{"$nulls":3},"-"]
[{"$nulls":10},"-","-","-",{"$nulls":3},"-",{"$nulls":3},"-"]
[{"$nulls":10},"-","-","-",{"$nulls":3},"-",{"$nulls":3},"-"]
[{"$nulls":10},"-","-","-",{"$nulls":3},"-",{"$nulls":3},"-"]
[{"$nulls":10},"-","-","-",{"$nulls":3},"-",{"$nulls":3},"-"]
[{"$nulls":10},"-","-","-",{"$nulls":3},"-",{"$nulls":3},"-"]
[{"$nulls":10},"-","-","-",{"$nulls":3},"-",{"$nulls":3},"-"]
[{"$nulls":10},"-","-","-",{"$nulls":3},"-",{"$nulls":3},"-"]
[{"$nulls":10},"-","-","-",{"$nulls":3},"-",{"$nulls":3},"-"]
[{"$nulls":10},"-","-","-",{"$nulls":3},"-",{"$nulls":3},"-"]
[{"$nulls":10},"-","-","-",{"$nulls":3},"-",{"$nulls":3},"-"]
[{"$nulls":10},"-","-","-",{"$nulls":3},"-",{"$nulls":3},"-"]
[{"$nulls":10},"-","-","-",{"$nulls":3},"-",{"$nulls":3},"-"]
[{"$nulls":10},"-","-","-",{"$nulls":3},"-",{"$nulls":3},"-"]
[{"$nulls":10},"-","-","-",{"$nulls":3},"-",{"$nulls":3},"-"]
[{"$nulls":10},"-","-","-",{"$nulls":3},"-",{"$nulls":3},"-"]
[{"$nulls":10},"-","-","-",{"$nulls":3},"-",{"$nulls":3},"-"]
[{"$nulls":10},"-","-","-",{"$nulls":3},"-",{"$nulls":3},"-"]
[{"$nulls":10},"-","-","-",{"$nulls":3},"-",{"$nulls":3},"-"]
[{"$nulls":10},"-","-","-",{"$nulls":3},"-",{"$nulls":3},"-"]
[{"$nulls":10},"-","-","-",{"$nulls":3},"-",{"$nulls":3},"-"]
[{"$nulls":10},"-","-","-",{"$nulls":3},"-",{"$nulls":3},"-"]
[{"$nulls":10},"-","-","-",{"$nulls":3},"-",{"$nulls":3},"-"]
[{"$nulls":10},"-","-","-",{"$nulls":3},"-",{"$nulls":3},"-"]
[{"$nulls":10},"-","-","-",{"$nulls":3},"-",{"$nulls":3},"-"]
[{"$nulls":10},"-","-","-",{"$nulls":3},"-",{"$nulls":3},"-"]
[{"$nulls":10},"-","-","-",{"$nulls":3},"-",{"$nulls":3},"-"]
[{"$nulls":10},"-","-","-",{"$nulls":3},"-",{"$nulls":3},"-"]
[{"$nulls":10},"-","-","-",{"$nulls":3},"-",{"$nulls":3},"-"]
[{"$nulls":10},"-","-","-",{"$nulls":3},"-",{"$nulls":3},"-"]
[{"$nulls":10},"-","-","-",{"$nulls":3},"-",{"$nulls":3},"-"]
[{"$nulls":10},"-","-","-",{"$nulls":3},"-",{"$nulls":3},"-"]
[{"$nulls":10},"-","-","-",{"$nulls":3},"-",{"$nulls":3},"-"]
[{"$nulls":10},"-","-","-",{"$nulls":3},"-",{"$nulls":3},"-"]
[{"$nulls":10},"-","-","-",{"$nulls":3},"-",{"$nulls":3},"-"]
[{"$nulls":10},"-","-","-",{"$nulls":3},"-",{"$nulls":3},"-"]
[{"$nulls":10},"-","-","-",{"$nulls":3},"-",{"$nulls":3},"-"]
[{"$nulls":10},"-","-","-",{"$nulls":3},"-",{"$nulls":3},"-"]
[{"$nulls":10},"-","-","-",{"$nulls":3},"-",{"$nulls":3},"-"]
[{"$nulls":10},"-",{"$f":"IF(ISBLANK($H706),\"-\",IF(ISNA(VLOOKUP($H706,PP,2,FALSE)),\"Erreur\",VLOOKUP($H706,PP,2,FALSE)))","v":"-"},"-",{"$nulls":3},{"$f":"IF(ISBLANK(H706),\"-\",SUM(M706,N706))","v":"-"},{"$nulls":3},"-"]
[{"$nulls":10},{"$f":"IF(ISBLANK($I707),\"-\",IF($I707-$J707=0,\"-\",$I707-$J707))","v":"-"},"-",{"$f":"IF(OR(ISBLANK($I707),ISBLANK($H707)),\"-\",IF(ISNA($L707*$I707),\"Erreur\",$L707*$I707))","v":"-"},{"$nulls":3},"-",{"$nulls":3},{"$f":"CONCATENATE($A707,\"-\",$H707)","v":"-"}]
[{"$nulls":10},"-","-","-",{"$nulls":3},"-",{"$nulls":3},"-"]
[{"$nulls":10},"-","-","-",{"$nulls":3},"-",{"$nulls":3},"-"]
[{"$nulls":10},"-","-","-",{"$nulls":3},"-",{"$nulls":3},"-"]
[{"$nulls":10},"-","-","-",{"$nulls":3},"-",{"$nulls":3},"-"]
[{"$nulls":10},"-","-","-",{"$nulls":3},"-",{"$nulls":3},"-"]
[{"$nulls":10},"-","-","-",{"$nulls":3},"-",{"$nulls":3},"-"]
[{"$nulls":10},"-","-","-",{"$nulls":3},"-",{"$nulls":3},"-"]
[{"$nulls":10},"-","-","-",{"$nulls":3},"-",{"$nulls":3},"-"]
[{"$nulls":10},"-","-","-",{"$nulls":3},"-",{"$nulls":3},"-"]
[{"$nulls":10},"-","-","-",{"$nulls":3},"-",{"$nulls":3},"-"]
[{"$nulls":10},"-","-","-",{"$nulls":3},"-",{"$nulls":3},"-"]
[{"$nulls":10},"-","-","-",{"$nulls":3},"-",{"$nulls":3},"-"]
[{"$nulls":10},"-","-","-",{"$nulls":3},"-",{"$nulls":3},"-"]
[{"$nulls":10},"-","-","-",{"$nulls":3},"-",{"$nulls":3},"-"]
[{"$nulls":10},"-","-","-",{"$nulls":3},"-",{"$nulls":3},"-"]
[{"$nulls":10},"-","-","-",{"$nulls":3},"-",{"$nulls":3},"-"]
[{"$nulls":10},"-","-","-",{"$nulls":3},"-",{"$nulls":3},"-"]
[{"$nulls":10},"-","-","-",{"$nulls":3},"-",{"$nulls":3},"-"]
[{"$nulls":10},"-","-","-",{"$nulls":3},"-",{"$nulls":3},"-"]
[{"$nulls":10},"-","-","-",{"$nulls":3},"-",{"$nulls":3},"-"]
[{"$nulls":10},"-","-","-",{"$nulls":3},"-",{"$nulls":3},"-"]
[{"$nulls":10},"-","-","-",{"$nulls":3},"-",{"$nulls":3},"-"]
[{"$nulls":10},"-","-","-",{"$nulls":3},"-",{"$nulls":3},"-"]
[{"$nulls":10},"-","-","-",{"$nulls":3},"-",{"$nulls":3},"-"]
[{"$nulls":10},"-","-","-",{"$nulls":3},"-",{"$nulls":3},"-"]
[{"$nulls":10},"-","-","-",{"$nulls":3},"-",{"$nulls":3},"-"]
[{"$nulls":10},"-","-","-",{"$nulls":3},"-",{"$nulls":3},"-"]
[{"$nulls":10},"-","-","-",{"$nulls":3},"-",{"$nulls":3},"-"]
[{"$nulls":10},"-","-","-",{"$nulls":3},"-",{"$nulls":3},"-"]
[{"$nulls":10},"-","-","-",{"$nulls":3},"-",{"$nulls":3},"-"]
[{"$nulls":10},"-","-","-",{"$nulls":3},"-",{"$nulls":3},"-"]
[{"$nulls":10},"-","-","-",{"$nulls":3},"-",{"$nulls":3},"-"]
[{"$nulls":10},"-","-","-",{"$nulls":3},"-",{"$nulls":3},"-"]
[{"$nulls":10},"-","-","-",{"$nulls":3},"-",{"$nulls":3},"-"]
[{"$nulls":10},"-","-","-",{"$nulls":3},"-",{"$nulls":3},"-"]
[{"$nulls":10},"-","-","-",{"$nulls":3},"-",{"$nulls":3},"-"]
[{"$nulls":10},"-","-","-",{"$nulls":3},"-",{"$nulls":3},"-"]
[{"$nulls":10},"-","-","-",{"$nulls":3},"-",{"$nulls":3},"-"]
[{"$nulls":10},"-","-","-",{"$nulls":3},"-",{"$nulls":3},"-"]
[{"$nulls":10},"-","-","-",{"$nulls":3},"-",{"$nulls":3},"-"]
[{"$nulls":10},"-","-","-",{"$nulls":3},"-",{"$nulls":3},"-"]
[{"$nulls":10},"-","-","-",{"$nulls":3},"-",{"$nulls":3},"-"]
[{"$nulls":10},"-","-","-",{"$nulls":3},"-",{"$nulls":3},"-"]
[{"$nulls":10},"-","-","-",{"$nulls":3},"-",{"$nulls":3},"-"]
[{"$nulls":10},"-","-","-",{"$nulls":3},"-",{"$nulls":3},"-"]
[{"$nulls":10},"-","-","-",{"$nulls":3},"-",{"$nulls":3},"-"]
[{"$nulls":10},"-","-","-",{"$nulls":3},"-",{"$nulls":3},"-"]
[{"$nulls":10},"-","-","-",{"$nulls":3},"-",{"$nulls":3},"-"]
[{"$nulls":10},"-","-","-",{"$nulls":3},"-",{"$nulls":3},"-"]
[{"$nulls":10},"-","-","-",{"$nulls":3},"-",{"$nulls":3},"-"]
[{"$nulls":10},"-","-","-",{"$nulls":3},"-",{"$nulls":3},"-"]
[{"$nulls":10},"-","-","-",{"$nulls":3},"-",{"$nulls":3},"-"]
[{"$nulls":10},"-","-","-",{"$nulls":3},"-",{"$nulls":3},"-"]
[{"$nulls":10},"-","-","-",{"$nulls":3},"-",{"$nulls":3},"-"]
[{"$nulls":10},"-","-","-",{"$nulls":3},"-",{"$nulls":3},"-"]
[{"$nulls":10},"-","-","-",{"$nulls":3},"-",{"$nulls":3},"-"]
[{"$nulls":10},"-","-","-",{"$nulls":3},"-",{"$nulls":3},"-"]
[{"$nulls":10},"-","-","-",{"$nulls":3},"-",{"$nulls":3},"-"]
[{"$nulls":10},"-","-","-",{"$nulls":3},"-",{"$nulls":3},"-"]
[{"$nulls":10},"-","-","-",{"$nulls":3},"-",{"$nulls":3},"-"]
[{"$nulls":10},"-","-","-",{"$nulls":3},"-",{"$nulls":3},"-"]
[{"$nulls":10},"-","-","-",{"$nulls":3},"-",{"$nulls":3},"-"]
[{"$nulls":10},"-",{"$f":"IF(ISBLANK($H770),\"-\",IF(ISNA(VLOOKUP($H770,PP,2,FALSE)),\"Erreur\",VLOOKUP($H770,PP,2,FALSE)))","v":"-"},"-",{"$nulls":3},{"$f":"IF(ISBLANK(H770),\"-\",SUM(M770,N770))","v":"-"},{"$nulls":3},"-"]
[{"$nulls":10},{"$f":"IF(ISBLANK($I771),\"-\",IF($I771-$J771=0,\"-\",$I771-$J771))","v":"-"},"-",{"$f":"IF(OR(ISBLANK($I771),ISBLANK($H771)),\"-\",IF(ISNA($L771*$I771),\"Erreur\",$L771*$I771))","v":"-"},{"$nulls":3},"-",{"$nulls":3},{"$f":"CONCATENATE($A771,\"-\",$H771)","v":"-"}]
[{"$nulls":10},"-","-","-",{"$nulls":3},"-",{"$nulls":3},"-"]
[{"$nulls":10},"-","-","-",{"$nulls":3},"-",{"$nulls":3},"-"]
[{"$nulls":10},"-","-","-",{"$nulls":3},"-",{"$nulls":3},"-"]
[{"$nulls":10},"-","-","-",{"$nulls":3},"-",{"$nulls":3},"-"]
[{"$nulls":10},"-","-","-",{"$nulls":3},"-",{"$nulls":3},"-"]
[{"$nulls":10},"-","-","-",{"$nulls":3},"-",{"$nulls":3},"-"]
[{"$nulls":10},"-","-","-",{"$nulls":3},"-",{"$nulls":3},"-"]
[{"$nulls":10},"-","-","-",{"$nulls":3},"-",{"$nulls":3},"-"]
[{"$nulls":10},"-","-","-",{"$nulls":3},"-",{"$nulls":3},"-"]
[{"$nulls":10},"-","-","-",{"$nulls":3},"-",{"$nulls":3},"-"]
[{"$nulls":10},"-","-","-",{"$nulls":3},"-",{"$nulls":3},"-"]
[{"$nulls":10},"-","-","-",{"$nulls":3},"-",{"$nulls":3},"-"]
[{"$nulls":10},"-","-","-",{"$nulls":3},"-",{"$nulls":3},"-"]
[{"$nulls":10},"-","-","-",{"$nulls":3},"-",{"$nulls":3},"-"]
[{"$nulls":10},"-","-","-",{"$nulls":3},"-",{"$nulls":3},"-"]
[{"$nulls":10},"-","-","-",{"$nulls":3},"-",{"$nulls":3},"-"]
[{"$nulls":10},"-","-","-",{"$nulls":3},"-",{"$nulls":3},"-"]
[{"$nulls":10},"-","-","-",{"$nulls":3},"-",{"$nulls":3},"-"]
[{"$nulls":10},"-","-","-",{"$nulls":3},"-",{"$nulls":3},"-"]
[{"$nulls":10},"-","-","-",{"$nulls":3},"-",{"$nulls":3},"-"]
[{"$nulls":10},"-","-","-",{"$nulls":3},"-",{"$nulls":3},"-"]
[{"$nulls":10},"-","-","-",{"$nulls":3},"-",{"$nulls":3},"-"]
[{"$nulls":10},"-","-","-",{"$nulls":3},"-",{"$nulls":3},"-"]
[{"$nulls":10},"-","-","-",{"$nulls":3},"-",{"$nulls":3},"-"]
[{"$nulls":10},"-","-","-",{"$nulls":3},"-",{"$nulls":3},"-"]
[{"$nulls":10},"-","-","-",{"$nulls":3},"-",{"$nulls":3},"-"]
[{"$nulls":10},"-","-","-",{"$nulls":3},"-",{"$nulls":3},"-"]
[{"$nulls":10},"-","-","-",{"$nulls":3},"-",{"$nulls":3},"-"]
[{"$nulls":10},"-","-","-",{"$nulls":3},"-",{"$nulls":3},"-"]
[{"$nulls":10},"-","-","-",{"$nulls":3},"-",{"$nulls":3},"-"]
[{"$nulls":10},"-","-","-",{"$nulls":3},"-",{"$nulls":3},"-"]
[{"$nulls":10},"-","-","-",{"$nulls":3},"-",{"$nulls":3},"-"]
[{"$nulls":10},"-","-","-",{"$nulls":3},"-",{"$nulls":3},"-"]
[{"$nulls":10},"-","-","-",{"$nulls":3},"-",{"$nulls":3},"-"]
[{"$nulls":10},"-","-","-",{"$nulls":3},"-",{"$nulls":3},"-"]
[{"$nulls":10},"-","-","-",{"$nulls":3},"-",{"$nulls":3},"-"]
[{"$nulls":10},"-","-","-",{"$nulls":3},"-",{"$nulls":3},"-"]
[{"$nulls":10},"-","-","-",{"$nulls":3},"-",{"$nulls":3},"-"]
[{"$nulls":10},"-","-","-",{"$nulls":3},"-",{"$nulls":3},"-"]
[{"$nulls":10},"-","-","-",{"$nulls":3},"-",{"$nulls":3},"-"]
[{"$nulls":10},"-","-","-",{"$nulls":3},"-",{"$nulls":3},"-"]
[{"$nulls":10},"-","-","-",{"$nulls":3},"-",{"$nulls":3},"-"]
[{"$nulls":10},"-","-","-",{"$nulls":3},"-",{"$nulls":3},"-"]
[{"$nulls":10},"-","-","-",{"$nulls":3},"-",{"$nulls":3},"-"]
[{"$nulls":10},"-","-","-",{"$nulls":3},"-",{"$nulls":3},"-"]
[{"$nulls":10},"-","-","-",{"$nulls":3},"-",{"$nulls":3},"-"]
[{"$nulls":10},"-","-","-",{"$nulls":3},"-",{"$nulls":3},"-"]
[{"$nulls":10},"-","-","-",{"$nulls":3},"-",{"$nulls":3},"-"]
[{"$nulls":10},"-","-","-",{"$nulls":3},"-",{"$nulls":3},"-"]
[{"$nulls":10},"-","-","-",{"$nulls":3},"-",{"$nulls":3},"-"]
[{"$nulls":10},"-","-","-",{"$nulls":3},"-",{"$nulls":3},"-"]
[{"$nulls":10},"-","-","-",{"$nulls":3},"-",{"$nulls":3},"-"]
[{"$nulls":10},"-","-","-",{"$nulls":3},"-",{"$nulls":3},"-"]
[{"$nulls":10},"-","-","-",{"$nulls":3},"-",{"$nulls":3},"-"]
[{"$nulls":10},"-","-","-",{"$nulls":3},"-",{"$nulls":3},"-"]
[{"$nulls":10},"-","-","-",{"$nulls":3},"-",{"$nulls":3},"-"]
[{"$nulls":10},"-","-","-",{"$nulls":3},"-",{"$nulls":3},"-"]
[{"$nulls":10},"-","-","-",{"$nulls":3},"-",{"$nulls":3},"-"]
[{"$nulls":10},"-","-","-",{"$nulls":3},"-",{"$nulls":3},"-"]
[{"$nulls":10},"-","-","-",{"$nulls":3},"-",{"$nulls":3},"-"]
[{"$nulls":10},"-","-","-",{"$nulls":3},"-",{"$nulls":3},"-"]
[{"$nulls":10},"-","-","-",{"$nulls":3},"-",{"$nulls":3},"-"]
[{"$nulls":10},"-",{"$f":"IF(ISBLANK($H834),\"-\",IF(ISNA(VLOOKUP($H834,PP,2,FALSE)),\"Erreur\",VLOOKUP($H834,PP,2,FALSE)))","v":"-"},"-",{"$nulls":3},{"$f":"IF(ISBLANK(H834),\"-\",SUM(M834,N834))","v":"-"},{"$nulls":3},"-"]
[{"$nulls":10},{"$f":"IF(ISBLANK($I835),\"-\",IF($I835-$J835=0,\"-\",$I835-$J835))","v":"-"},"-",{"$f":"IF(OR(ISBLANK($I835),ISBLANK($H835)),\"-\",IF(ISNA($L835*$I835),\"Erreur\",$L835*$I835))","v":"-"},{"$nulls":3},"-",{"$nulls":3},{"$f":"CONCATENATE($A835,\"-\",$H835)","v":"-"}]
[{"$nulls":10},"-","-","-",{"$nulls":3},"-",{"$nulls":3},"-"]
[{"$nulls":10},"-","-","-",{"$nulls":3},"-",{"$nulls":3},"-"]
[{"$nulls":10},"-","-","-",{"$nulls":3},"-",{"$nulls":3},"-"]
[{"$nulls":10},"-","-","-",{"$nulls":3},"-",{"$nulls":3},"-"]
[{"$nulls":10},"-","-","-",{"$nulls":3},"-",{"$nulls":3},"-"]
[{"$nulls":10},"-","-","-",{"$nulls":3},"-",{"$nulls":3},"-"]
[{"$nulls":10},"-","-","-",{"$nulls":3},"-",{"$nulls":3},"-"]
[{"$nulls":10},"-","-","-",{"$nulls":3},"-",{"$nulls":3},"-"]
[{"$nulls":10},"-","-","-",{"$nulls":3},"-",{"$nulls":3},"-"]
[{"$nulls":10},"-","-","-",{"$nulls":3},"-",{"$nulls":3},"-"]
[{"$nulls":10},"-","-","-",{"$nulls":3},"-",{"$nulls":3},"-"]
[{"$nulls":10},"-","-","-",{"$nulls":3},"-",{"$nulls":3},"-"]
[{"$nulls":10},"-","-","-",{"$nulls":3},"-",{"$nulls":3},"-"]
[{"$nulls":10},"-","-","-",{"$nulls":3},"-",{"$nulls":3},"-"]
[{"$nulls":10},"-","-","-",{"$nulls":3},"-",{"$nulls":3},"-"]
[{"$nulls":10},"-","-","-",{"$nulls":3},"-",{"$nulls":3},"-"]
[{"$nulls":10},"-","-","-",{"$nulls":3},"-",{"$nulls":3},"-"]
[{"$nulls":10},"-","-","-",{"$nulls":3},"-",{"$nulls":3},"-"]
[{"$nulls":10},"-","-","-",{"$nulls":3},"-",{"$nulls":3},"-"]
[{"$nulls":10},"-","-","-",{"$nulls":3},"-",{"$nulls":3},"-"]
[{"$nulls":10},"-","-","-",{"$nulls":3},"-",{"$nulls":3},"-"]
[{"$nulls":10},"-","-","-",{"$nulls":3},"-",{"$nulls":3},"-"]
[{"$nulls":10},"-","-","-",{"$nulls":3},"-",{"$nulls":3},"-"]
[{"$nulls":10},"-","-","-",{"$nulls":3},"-",{"$nulls":3},"-"]
[{"$nulls":10},"-","-","-",{"$nulls":3},"-",{"$nulls":3},"-"]
[{"$nulls":10},"-","-","-",{"$nulls":3},"-",{"$nulls":3},"-"]
[{"$nulls":10},"-","-","-",{"$nulls":3},"-",{"$nulls":3},"-"]
[{"$nulls":10},"-","-","-",{"$nulls":3},"-",{"$nulls":3},"-"]
[{"$nulls":10},"-","-","-",{"$nulls":3},"-",{"$nulls":3},"-"]
[{"$nulls":10},"-","-","-",{"$nulls":3},"-",{"$nulls":3},"-"]
[{"$nulls":10},"-","-","-",{"$nulls":3},"-",{"$nulls":3},"-"]
[{"$nulls":10},"-","-","-",{"$nulls":3},"-",{"$nulls":3},"-"]
[{"$nulls":10},"-","-","-",{"$nulls":3},"-",{"$nulls":3},"-"]
[{"$nulls":10},"-","-","-",{"$nulls":3},"-",{"$nulls":3},"-"]
[{"$nulls":10},"-","-","-",{"$nulls":3},"-",{"$nulls":3},"-"]
[{"$nulls":10},"-","-","-",{"$nulls":3},"-",{"$nulls":3},"-"]
[{"$nulls":10},"-","-","-",{"$nulls":3},"-",{"$nulls":3},"-"]
[{"$nulls":10},"-","-","-",{"$nulls":3},"-",{"$nulls":3},"-"]
[{"$nulls":10},"-","-","-",{"$nulls":3},"-",{"$nulls":3},"-"]
[{"$nulls":10},"-","-","-",{"$nulls":3},"-",{"$nulls":3},"-"]
[{"$nulls":10},"-","-","-",{"$nulls":3},"-",{"$nulls":3},"-"]
[{"$nulls":10},"-","-","-",{"$nulls":3},"-",{"$nulls":3},"-"]
[{"$nulls":10},"-","-","-",{"$nulls":3},"-",{"$nulls":3},"-"]
[{"$nulls":10},"-","-","-",{"$nulls":3},"-",{"$nulls":3},"-"]
[{"$nulls":10},"-","-","-",{"$nulls":3},"-",{"$nulls":3},"-"]
[{"$nulls":10},"-","-","-",{"$nulls":3},"-",{"$nulls":3},"-"]
[{"$nulls":10},"-","-","-",{"$nulls":3},"-",{"$nulls":3},"-"]
[{"$nulls":10},"-","-","-",{"$nulls":3},"-",{"$nulls":3},"-"]
[{"$nulls":10},"-","-","-",{"$nulls":3},"-",{"$nulls":3},"-"]
[{"$nulls":10},"-","-","-",{"$nulls":3},"-",{"$nulls":3},"-"]
[{"$nulls":10},"-","-","-",{"$nulls":3},"-",{"$nulls":3},"-"]
[{"$nulls":10},"-","-","-",{"$nulls":3},"-",{"$nulls":3},"-"]
[{"$nulls":10},"-","-","-",{"$nulls":3},"-",{"$nulls":3},"-"]
[{"$nulls":10},"-","-","-",{"$nulls":3},"-",{"$nulls":3},"-"]
[{"$nulls":10},"-","-","-",{"$nulls":3},"-",{"$nulls":3},"-"]
[{"$nulls":10},"-","-","-",{"$nulls":3},"-",{"$nulls":3},"-"]
[{"$nulls":10},"-","-","-",{"$nulls":3},"-",{"$nulls":3},"-"]
[{"$nulls":10},"-","-","-",{"$nulls":3},"-",{"$nulls":3},"-"]
[{"$nulls":10},"-","-","-",{"$nulls":3},"-",{"$nulls":3},"-"]
[{"$nulls":10},"-","-","-",{"$nulls":3},"-",{"$nulls":3},"-"]
[{"$nulls":10},"-","-","-",{"$nulls":3},"-",{"$nulls":3},"-"]
[{"$nulls":10},"-","-","-",{"$nulls":3},"-",{"$nulls":3},"-"]
[{"$nulls":10},"-",{"$f":"IF(ISBLANK($H898),\"-\",IF(ISNA(VLOOKUP($H898,PP,2,FALSE)),\"Erreur\",VLOOKUP($H898,PP,2,FALSE)))","v":"-"},"-",{"$nulls":3},{"$f":"IF(ISBLANK(H898),\"-\",SUM(M898,N898))","v":"-"},{"$nulls":3},"-"]
[{"$nulls":10},{"$f":"IF(ISBLANK($I899),\"-\",IF($I899-$J899=0,\"-\",$I899-$J899))","v":"-"},"-",{"$f":"IF(OR(ISBLANK($I899),ISBLANK($H899)),\"-\",IF(ISNA($L899*$I899),\"Erreur\",$L899*$I899))","v":"-"},{"$nulls":3},"-",{"$nulls":3},{"$f":"CONCATENATE($A899,\"-\",$H899)","v":"-"}]
[{"$nulls":10},"-","-","-",{"$nulls":3},"-",{"$nulls":3},"-"]
[{"$nulls":10},"-","-","-",{"$nulls":3},"-",{"$nulls":3},"-"]
[{"$nulls":10},"-","-","-",{"$nulls":3},"-",{"$nulls":3},"-"]
[{"$nulls":10},"-","-","-",{"$nulls":3},"-",{"$nulls":3},"-"]
[{"$nulls":10},"-","-","-",{"$nulls":3},"-",{"$nulls":3},"-"]
[{"$nulls":10},"-","-","-",{"$nulls":3},"-",{"$nulls":3},"-"]
[{"$nulls":10},"-","-","-",{"$nulls":3},"-",{"$nulls":3},"-"]
[{"$nulls":10},"-","-","-",{"$nulls":3},"-",{"$nulls":3},"-"]
[{"$nulls":10},"-","-","-",{"$nulls":3},"-",{"$nulls":3},"-"]
[{"$nulls":10},"-","-","-",{"$nulls":3},"-",{"$nulls":3},"-"]
[{"$nulls":10},"-","-","-",{"$nulls":3},"-",{"$nulls":3},"-"]
[{"$nulls":10},"-","-","-",{"$nulls":3},"-",{"$nulls":3},"-"]
[{"$nulls":10},"-","-","-",{"$nulls":3},"-",{"$nulls":3},"-"]
[{"$nulls":10},"-","-","-",{"$nulls":3},"-",{"$nulls":3},"-"]
[{"$nulls":10},"-","-","-",{"$nulls":3},"-",{"$nulls":3},"-"]
[{"$nulls":10},"-","-","-",{"$nulls":3},"-",{"$nulls":3},"-"]
[{"$nulls":10},"-","-","-",{"$nulls":3},"-",{"$nulls":3},"-"]
[{"$nulls":10},"-","-","-",{"$nulls":3},"-",{"$nulls":3},"-"]
[{"$nulls":10},"-","-","-",{"$nulls":3},"-",{"$nulls":3},"-"]
[{"$nulls":10},"-","-","-",{"$nulls":3},"-",{"$nulls":3},"-"]
[{"$nulls":10},"-","-","-",{"$nulls":3},"-",{"$nulls":3},"-"]
[{"$nulls":10},"-","-","-",{"$nulls":3},"-",{"$nulls":3},"-"]
[{"$nulls":10},"-","-","-",{"$nulls":3},"-",{"$nulls":3},"-"]
[{"$nulls":10},"-","-","-",{"$nulls":3},"-",{"$nulls":3},"-"]
[{"$nulls":10},"-","-","-",{"$nulls":3},"-",{"$nulls":3},"-"]
[{"$nulls":10},"-","-","-",{"$nulls":3},"-",{"$nulls":3},"-"]
[{"$nulls":10},"-","-","-",{"$nulls":3},"-",{"$nulls":3},"-"]
[{"$nulls":10},"-","-","-",{"$nulls":3},"-",{"$nulls":3},"-"]
[{"$nulls":10},"-","-","-",{"$nulls":3},"-",{"$nulls":3},"-"]
[{"$nulls":10},"-","-","-",{"$nulls":3},"-",{"$nulls":3},"-"]
[{"$nulls":10},"-","-","-",{"$nulls":3},"-",{"$nulls":3},"-"]
[{"$nulls":10},"-","-","-",{"$nulls":3},"-",{"$nulls":3},"-"]
[{"$nulls":10},"-","-","-",{"$nulls":3},"-",{"$nulls":3},"-"]
[{"$nulls":10},"-","-","-",{"$nulls":3},"-",{"$nulls":3},"-"]
[{"$nulls":10},"-","-","-",{"$nulls":3},"-",{"$nulls":3},"-"]
[{"$nulls":10},"-","-","-",{"$nulls":3},"-",{"$nulls":3},"-"]
[{"$nulls":10},"-","-","-",{"$nulls":3},"-",{"$nulls":3},"-"]
[{"$nulls":10},"-","-","-",{"$nulls":3},"-",{"$nulls":3},"-"]
[{"$nulls":10},"-","-","-",{"$nulls":3},"-",{"$nulls":3},"-"]
[{"$nulls":10},"-","-","-",{"$nulls":3},"-",{"$nulls":3},"-"]
[{"$nulls":10},"-","-","-",{"$nulls":3},"-",{"$nulls":3},"-"]
[{"$nulls":10},"-","-","-",{"$nulls":3},"-",{"$nulls":3},"-"]
[{"$nulls":10},"-","-","-",{"$nulls":3},"-",{"$nulls":3},"-"]
[{"$nulls":10},"-","-","-",{"$nulls":3},"-",{"$nulls":3},"-"]
[{"$nulls":10},"-","-","-",{"$nulls":3},"-",{"$nulls":3},"-"]
[{"$nulls":10},"-","-","-",{"$nulls":3},"-",{"$nulls":3},"-"]
[{"$nulls":10},"-","-","-",{"$nulls":3},"-",{"$nulls":3},"-"]
[{"$nulls":10},"-","-","-",{"$nulls":3},"-",{"$nulls":3},"-"]
[{"$nulls":10},"-","-","-",{"$nulls":3},"-",{"$nulls":3},"-"]
[{"$nulls":10},"-","-","-",{"$nulls":3},"-",{"$nulls":3},"-"]
[{"$nulls":10},"-","-","-",{"$nulls":3},"-",{"$nulls":3},"-"]
[{"$nulls":10},"-","-","-",{"$nulls":3},"-",{"$nulls":3},"-"]
[{"$nulls":10},"-","-","-",{"$nulls":3},"-",{"$nulls":3},"-"]
[{"$nulls":10},"-","-","-",{"$nulls":3},"-",{"$nulls":3},"-"]
[{"$nulls":10},"-","-","-",{"$nulls":3},"-",{"$nulls":3},"-"]
[{"$nulls":10},"-","-","-",{"$nulls":3},"-",{"$nulls":3},"-"]
[{"$nulls":10},"-","-","-",{"$nulls":3},"-",{"$nulls":3},"-"]
[{"$nulls":10},"-","-","-",{"$nulls":3},"-",{"$nulls":3},"-"]
[{"$nulls":10},"-","-","-",{"$nulls":3},"-",{"$nulls":3},"-"]
[{"$nulls":10},"-","-","-",{"$nulls":3},"-",{"$nulls":3},"-"]
[{"$nulls":10},"-","-","-",{"$nulls":3},"-",{"$nulls":3},"-"]
[{"$nulls":10},"-","-","-",{"$nulls":3},"-",{"$nulls":3},"-"]
[{"$nulls":10},"-",{"$f":"IF(ISBLANK($H962),\"-\",IF(ISNA(VLOOKUP($H962,PP,2,FALSE)),\"Erreur\",VLOOKUP($H962,PP,2,FALSE)))","v":"-"},"-",{"$nulls":3},{"$f":"IF(ISBLANK(H962),\"-\",SUM(M962,N962))","v":"-"},{"$nulls":3},"-"]
[{"$nulls":10},{"$f":"IF(ISBLANK($I963),\"-\",IF($I963-$J963=0,\"-\",$I963-$J963))","v":"-"},"-",{"$f":"IF(OR(ISBLANK($I963),ISBLANK($H963)),\"-\",IF(ISNA($L963*$I963),\"Erreur\",$L963*$I963))","v":"-"},{"$nulls":3},"-",{"$nulls":3},{"$f":"CONCATENATE($A963,\"-\",$H963)","v":"-"}]
[{"$nulls":10},"-","-","-",{"$nulls":3},"-",{"$nulls":3},"-"]
[{"$nulls":10},"-","-","-",{"$nulls":3},"-",{"$nulls":3},"-"]
[{"$nulls":10},"-","-","-",{"$nulls":3},"-",{"$nulls":3},"-"]
[{"$nulls":10},"-","-","-",{"$nulls":3},"-",{"$nulls":3},"-"]
[{"$nulls":10},"-","-","-",{"$nulls":3},"-",{"$nulls":3},"-"]
[{"$nulls":10},"-","-","-",{"$nulls":3},"-",{"$nulls":3},"-"]
[{"$nulls":10},"-","-","-",{"$nulls":3},"-",{"$nulls":3},"-"]
[{"$nulls":10},"-","-","-",{"$nulls":3},"-",{"$nulls":3},"-"]
[{"$nulls":10},"-","-","-",{"$nulls":3},"-",{"$nulls":3},"-"]
[{"$nulls":10},"-","-","-",{"$nulls":3},"-",{"$nulls":3},"-"]
[{"$nulls":10},"-","-","-",{"$nulls":3},"-",{"$nulls":3},"-"]
[{"$nulls":10},"-","-","-",{"$nulls":3},"-",{"$nulls":3},"-"]
[{"$nulls":10},"-","-","-",{"$nulls":3},"-",{"$nulls":3},"-"]
[{"$nulls":10},"-","-","-",{"$nulls":3},"-",{"$nulls":3},"-"]
[{"$nulls":10},"-","-","-",{"$nulls":3},"-",{"$nulls":3},"-"]
[{"$nulls":10},"-","-","-",{"$nulls":3},"-",{"$nulls":3},"-"]
[{"$nulls":10},"-","-","-",{"$nulls":3},"-",{"$nulls":3},"-"]
[{"$nulls":10},"-","-","-",{"$nulls":3},"-",{"$nulls":3},"-"]
[{"$nulls":10},"-","-","-",{"$nulls":3},"-",{"$nulls":3},"-"]
[{"$nulls":10},"-","-","-",{"$nulls":3},"-",{"$nulls":3},"-"]
[{"$nulls":10},"-","-","-",{"$nulls":3},"-",{"$nulls":3},"-"]
[{"$nulls":10},"-","-","-",{"$nulls":3},"-",{"$nulls":3},"-"]
[{"$nulls":10},"-","-","-",{"$nulls":3},"-",{"$nulls":3},"-"]
[{"$nulls":10},"-","-","-",{"$nulls":3},"-",{"$nulls":3},"-"]
[{"$nulls":10},"-","-","-",{"$nulls":3},"-",{"$nulls":3},"-"]
[{"$nulls":10},"-","-","-",{"$nulls":3},"-",{"$nulls":3},"-"]
[{"$nulls":10},"-","-","-",{"$nulls":3},"-",{"$nulls":3},"-"]
[{"$nulls":10},"-","-","-",{"$nulls":3},"-",{"$nulls":3},"-"]
[{"$nulls":10},"-","-","-",{"$nulls":3},"-",{"$nulls":3},"-"]
[{"$nulls":10},"-","-","-",{"$nulls":3},"-",{"$nulls":3},"-"]
[{"$nulls":10},"-","-","-",{"$nulls":3},"-",{"$nulls":3},"-"]
[{"$nulls":10},"-","-","-",{"$nulls":3},"-",{"$nulls":3},"-"]
[{"$nulls":10},"-","-","-",{"$nulls":3},"-",{"$nulls":3},"-"]
[{"$nulls":10},"-","-","-",{"$nulls":3},"-",{"$nulls":3},"-"]
[{"$nulls":10},"-","-","-",{"$nulls":3},"-",{"$nulls":3},"-"]
[{"$nulls":10},"-","-","-",{"$nulls":3},"-",{"$nulls":3},"-"]
[{"$nulls":10},"-","-","-",{"$nulls":3},"-",{"$nulls":3},"-"]
[{"$nulls":10},"-","-","-",{"$nulls":3},"-",{"$nulls":3},"-"]
[{"$nulls":10},"-","-","-",{"$nulls":3},"-",{"$nulls":3},"-"]
[{"$nulls":10},"-","-","-",{"$nulls":3},"-",{"$nulls":3},"-"]
[{"$nulls":10},"-","-","-",{"$nulls":3},"-",{"$nulls":3},"-"]
[{"$nulls":10},"-","-","-",{"$nulls":3},"-",{"$nulls":3},"-"]
[{"$nulls":10},"-","-","-",{"$nulls":3},"-",{"$nulls":3},"-"]
[{"$nulls":10},"-","-","-",{"$nulls":3},"-",{"$nulls":3},"-"]
[{"$nulls":10},"-","-","-",{"$nulls":3},"-",{"$nulls":3},"-"]
[{"$nulls":10},"-","-","-",{"$nulls":3},"-",{"$nulls":3},"-"]
[{"$nulls":10},"-","-","-",{"$nulls":3},"-",{"$nulls":3},"-"]
[{"$nulls":10},"-","-","-",{"$nulls":3},"-",{"$nulls":3},"-"]
[{"$nulls":10},"-","-","-",{"$nulls":3},"-",{"$nulls":3},"-"]
[{"$nulls":10},"-","-","-",{"$nulls":3},"-",{"$nulls":3},"-"]
[{"$nulls":10},"-","-","-",{"$nulls":3},"-",{"$nulls":3},"-"]
[{"$nulls":10},"-","-","-",{"$nulls":3},"-",{"$nulls":3},"-"]
[{"$nulls":10},"-","-","-",{"$nulls":3},"-",{"$nulls":3},"-"]
[{"$nulls":10},"-","-","-",{"$nulls":3},"-",{"$nulls":3},"-"]
[{"$nulls":10},"-","-","-",{"$nulls":3},"-",{"$nulls":3},"-"]
[{"$nulls":10},"-","-","-",{"$nulls":3},"-",{"$nulls":3},"-"]
[{"$nulls":10},"-","-","-",{"$nulls":3},"-",{"$nulls":3},"-"]
[{"$nulls":10},"-","-","-",{"$nulls":3},"-",{"$nulls":3},"-"]
[{"$nulls":10},"-","-","-",{"$nulls":3},"-",{"$nulls":3},"-"]
[{"$nulls":10},"-","-","-",{"$nulls":3},"-",{"$nulls":3},"-"]
[{"$nulls":10},"-","-","-",{"$nulls":3},"-",{"$nulls":3},"-"]
[{"$nulls":10},"-","-","-",{"$nulls":3},"-",{"$nulls":3},"-"]
[{"$nulls":10},"-",{"$f":"IF(ISBLANK($H1026),\"-\",IF(ISNA(VLOOKUP($H1026,PP,2,FALSE)),\"Erreur\",VLOOKUP($H1026,PP,2,FALSE)))","v":"-"},"-",{"$nulls":3},{"$f":"IF(ISBLANK(H1026),\"-\",SUM(M1026,N1026))","v":"-"},{"$nulls":3},"-"]
[{"$nulls":10},{"$f":"IF(ISBLANK($I1027),\"-\",IF($I1027-$J1027=0,\"-\",$I1027-$J1027))","v":"-"},"-",{"$f":"IF(OR(ISBLANK($I1027),ISBLANK($H1027)),\"-\",IF(ISNA($L1027*$I1027),\"Erreur\",$L1027*$I1027))","v":"-"},{"$nulls":3},"-",{"$nulls":3},{"$f":"CONCATENATE($A1027,\"-\",$H1027)","v":"-"}]
[{"$nulls":10},"-","-","-",{"$nulls":3},"-",{"$nulls":3},"-"]
[{"$nulls":10},"-","-","-",{"$nulls":3},"-",{"$nulls":3},"-"]
[{"$nulls":10},"-","-","-",{"$nulls":3},"-",{"$nulls":3},"-"]
[{"$nulls":10},"-","-","-",{"$nulls":3},"-",{"$nulls":3},"-"]
[{"$nulls":10},"-","-","-",{"$nulls":3},"-",{"$nulls":3},"-"]
[{"$nulls":10},"-","-","-",{"$nulls":3},"-",{"$nulls":3},"-"]
[{"$nulls":10},"-","-","-",{"$nulls":3},"-",{"$nulls":3},"-"]
[{"$nulls":10},"-","-","-",{"$nulls":3},"-",{"$nulls":3},"-"]
[{"$nulls":10},"-","-","-",{"$nulls":3},"-",{"$nulls":3},"-"]
[{"$nulls":10},"-","-","-",{"$nulls":3},"-",{"$nulls":3},"-"]
[{"$nulls":10},"-","-","-",{"$nulls":3},"-",{"$nulls":3},"-"]
[{"$nulls":10},"-","-","-",{"$nulls":3},"-",{"$nulls":3},"-"]
[{"$nulls":10},"-","-","-",{"$nulls":3},"-",{"$nulls":3},"-"]
[{"$nulls":10},"-","-","-",{"$nulls":3},"-",{"$nulls":3},"-"]
[{"$nulls":10},"-","-","-",{"$nulls":3},"-",{"$nulls":3},"-"]
[{"$nulls":10},"-","-","-",{"$nulls":3},"-",{"$nulls":3},"-"]
[{"$nulls":10},"-","-","-",{"$nulls":3},"-",{"$nulls":3},"-"]
[{"$nulls":10},"-","-","-",{"$nulls":3},"-",{"$nulls":3},"-"]
[{"$nulls":10},"-","-","-",{"$nulls":3},"-",{"$nulls":3},"-"]
[{"$nulls":10},"-","-","-",{"$nulls":3},"-",{"$nulls":3},"-"]
[{"$nulls":10},"-","-","-",{"$nulls":3},"-",{"$nulls":3},"-"]
[{"$nulls":10},"-","-","-",{"$nulls":3},"-",{"$nulls":3},"-"]
[{"$nulls":10},"-","-","-",{"$nulls":3},"-",{"$nulls":3},"-"]
[{"$nulls":10},"-","-","-",{"$nulls":3},"-",{"$nulls":3},"-"]
[{"$nulls":10},"-","-","-",{"$nulls":3},"-",{"$nulls":3},"-"]
[{"$nulls":10},"-","-","-",{"$nulls":3},"-",{"$nulls":3},"-"]
[{"$nulls":10},"-","-","-",{"$nulls":3},"-",{"$nulls":3},"-"]
[{"$nulls":10},"-","-","-",{"$nulls":3},"-",{"$nulls":3},"-"]
[{"$nulls":10},"-","-","-",{"$nulls":3},"-",{"$nulls":3},"-"]
[{"$nulls":10},"-","-","-",{"$nulls":3},"-",{"$nulls":3},"-"]
[{"$nulls":10},"-","-","-",{"$nulls":3},"-",{"$nulls":3},"-"]
[{"$nulls":10},"-","-","-",{"$nulls":3},"-",{"$nulls":3},"-"]
[{"$nulls":10},"-","-","-",{"$nulls":3},"-",{"$nulls":3},"-"]
[{"$nulls":10},"-","-","-",{"$nulls":3},"-",{"$nulls":3},"-"]
[{"$nulls":10},"-","-","-",{"$nulls":3},"-",{"$nulls":3},"-"]
[{"$nulls":10},"-","-","-",{"$nulls":3},"-",{"$nulls":3},"-"]
[{"$nulls":10},"-","-","-",{"$nulls":3},"-",{"$nulls":3},"-"]
[{"$nulls":10},"-","-","-",{"$nulls":3},"-",{"$nulls":3},"-"]
[{"$nulls":10},"-","-","-",{"$nulls":3},"-",{"$nulls":3},"-"]
[{"$nulls":10},"-","-","-",{"$nulls":3},"-",{"$nulls":3},"-"]
[{"$nulls":10},"-","-","-",{"$nulls":3},"-",{"$nulls":3},"-"]
[{"$nulls":10},"-","-","-",{"$nulls":3},"-",{"$nulls":3},"-"]
[{"$nulls":10},"-","-","-",{"$nulls":3},"-",{"$nulls":3},"-"]
[{"$nulls":10},"-","-","-",{"$nulls":3},"-",{"$nulls":3},"-"]
[{"$nulls":10},"-","-","-",{"$nulls":3},"-",{"$nulls":3},"-"]
[{"$nulls":10},"-","-","-",{"$nulls":3},"-",{"$nulls":3},"-"]
[{"$nulls":10},"-","-","-",{"$nulls":3},"-",{"$nulls":3},"-"]
[{"$nulls":10},"-","-","-",{"$nulls":3},"-",{"$nulls":3},"-"]
[{"$nulls":10},"-","-","-",{"$nulls":3},"-",{"$nulls":3},"-"]
[{"$nulls":10},"-","-","-",{"$nulls":3},"-",{"$nulls":3},"-"]
[{"$nulls":10},"-","-","-",{"$nulls":3},"-",{"$nulls":3},"-"]
[{"$nulls":10},"-","-","-",{"$nulls":3},"-",{"$nulls":3},"-"]
[{"$nulls":10},"-","-","-",{"$nulls":3},"-",{"$nulls":3},"-"]
[{"$nulls":10},"-","-","-",{"$nulls":3},"-",{"$nulls":3},"-"]
[{"$nulls":10},"-","-","-",{"$nulls":3},"-",{"$nulls":3},"-"]
[{"$nulls":10},"-","-","-",{"$nulls":3},"-",{"$nulls":3},"-"]
[{"$nulls":10},"-","-","-",{"$nulls":3},"-",{"$nulls":3},"-"]
[{"$nulls":10},"-","-","-",{"$nulls":3},"-",{"$nulls":3},"-"]
[{"$nulls":10},"-","-","-",{"$nulls":3},"-",{"$nulls":3},"-"]
[{"$nulls":10},"-","-","-",{"$nulls":3},"-",{"$nulls":3},"-"]
[{"$nulls":10},"-","-","-",{"$nulls":3},"-",{"$nulls":3},"-"]
[{"$nulls":10},"-","-","-",{"$nulls":3},"-",{"$nulls":3},"-"]
[{"$nulls":10},"-",{"$f":"IF(ISBLANK($H1090),\"-\",IF(ISNA(VLOOKUP($H1090,PP,2,FALSE)),\"Erreur\",VLOOKUP($H1090,PP,2,FALSE)))","v":"-"},"-",{"$nulls":3},{"$f":"IF(ISBLANK(H1090),\"-\",SUM(M1090,N1090))","v":"-"},{"$nulls":3},"-"]
[{"$nulls":10},{"$f":"IF(ISBLANK($I1091),\"-\",IF($I1091-$J1091=0,\"-\",$I1091-$J1091))","v":"-"},"-",{"$f":"IF(OR(ISBLANK($I1091),ISBLANK($H1091)),\"-\",IF(ISNA($L1091*$I1091),\"Erreur\",$L1091*$I1091))","v":"-"},{"$nulls":3},"-",{"$nulls":3},{"$f":"CONCATENATE($A1091,\"-\",$H1091)","v":"-"}]
[{"$nulls":10},"-","-","-",{"$nulls":3},"-",{"$nulls":3},"-"]
[{"$nulls":10},"-","-","-",{"$nulls":3},"-",{"$nulls":3},"-"]
[{"$nulls":10},"-","-","-",{"$nulls":3},"-",{"$nulls":3},"-"]
[{"$nulls":10},"-","-","-",{"$nulls":3},"-",{"$nulls":3},"-"]
[{"$nulls":10},"-","-","-",{"$nulls":3},"-",{"$nulls":3},"-"]
[{"$nulls":10},"-","-","-",{"$nulls":3},"-",{"$nulls":3},"-"]
[{"$nulls":10},"-","-","-",{"$nulls":3},"-",{"$nulls":3},"-"]
[{"$nulls":10},"-","-","-",{"$nulls":3},"-",{"$nulls":3},"-"]
[{"$nulls":10},"-","-","-",{"$nulls":3},"-",{"$nulls":3},"-"]
[{"$nulls":10},"-","-","-",{"$nulls":3},"-",{"$nulls":3},"-"]
[{"$nulls":10},"-","-","-",{"$nulls":3},"-",{"$nulls":3},"-"]
[{"$nulls":10},"-","-","-",{"$nulls":3},"-",{"$nulls":3},"-"]
[{"$nulls":10},"-","-","-",{"$nulls":3},"-",{"$nulls":3},"-"]
[{"$nulls":10},"-","-","-",{"$nulls":3},"-",{"$nulls":3},"-"]
[{"$nulls":10},"-","-","-",{"$nulls":3},"-",{"$nulls":3},"-"]
[{"$nulls":10},"-","-","-",{"$nulls":3},"-",{"$nulls":3},"-"]
[{"$nulls":10},"-","-","-",{"$nulls":3},"-",{"$nulls":3},"-"]
[{"$nulls":10},"-","-","-",{"$nulls":3},"-",{"$nulls":3},"-"]
[{"$nulls":10},"-","-","-",{"$nulls":3},"-",{"$nulls":3},"-"]
[{"$nulls":10},"-","-","-",{"$nulls":3},"-",{"$nulls":3},"-"]
[{"$nulls":10},"-","-","-",{"$nulls":3},"-",{"$nulls":3},"-"]
[{"$nulls":10},"-","-","-",{"$nulls":3},"-",{"$nulls":3},"-"]
[{"$nulls":10},"-","-","-",{"$nulls":3},"-",{"$nulls":3},"-"]
[{"$nulls":10},"-","-","-",{"$nulls":3},"-",{"$nulls":3},"-"]
[{"$nulls":10},"-","-","-",{"$nulls":3},"-",{"$nulls":3},"-"]
[{"$nulls":10},"-","-","-",{"$nulls":3},"-",{"$nulls":3},"-"]
[{"$nulls":10},"-","-","-",{"$nulls":3},"-",{"$nulls":3},"-"]
[{"$nulls":10},"-","-","-",{"$nulls":3},"-",{"$nulls":3},"-"]
[{"$nulls":10},"-","-","-",{"$nulls":3},"-",{"$nulls":3},"-"]
[{"$nulls":10},"-","-","-",{"$nulls":3},"-",{"$nulls":3},"-"]
[{"$nulls":10},"-","-","-",{"$nulls":3},"-",{"$nulls":3},"-"]
[{"$nulls":10},"-","-","-",{"$nulls":3},"-",{"$nulls":3},"-"]
[{"$nulls":10},"-","-","-",{"$nulls":3},"-",{"$nulls":3},"-"]
[{"$nulls":10},"-","-","-",{"$nulls":3},"-",{"$nulls":3},"-"]
[{"$nulls":10},"-","-","-",{"$nulls":3},"-",{"$nulls":3},"-"]
[{"$nulls":10},"-","-","-",{"$nulls":3},"-",{"$nulls":3},"-"]
[{"$nulls":10},"-","-","-",{"$nulls":3},"-",{"$nulls":3},"-"]
[{"$nulls":10},"-","-","-",{"$nulls":3},"-",{"$nulls":3},"-"]
[{"$nulls":10},"-","-","-",{"$nulls":3},"-",{"$nulls":3},"-"]
[{"$nulls":10},"-","-","-",{"$nulls":3},"-",{"$nulls":3},"-"]
[{"$nulls":10},"-","-","-",{"$nulls":3},"-",{"$nulls":3},"-"]
[{"$nulls":10},"-","-","-",{"$nulls":3},"-",{"$nulls":3},"-"]
[{"$nulls":10},"-","-","-",{"$nulls":3},"-",{"$nulls":3},"-"]
[{"$nulls":10},"-","-","-",{"$nulls":3},"-",{"$nulls":3},"-"]
[{"$nulls":10},"-","-","-",{"$nulls":3},"-",{"$nulls":3},"-"]
[{"$nulls":10},"-","-","-",{"$nulls":3},"-",{"$nulls":3},"-"]
[{"$nulls":10},"-","-","-",{"$nulls":3},"-",{"$nulls":3},"-"]
[{"$nulls":10},"-","-","-",{"$nulls":3},"-",{"$nulls":3},"-"]
[{"$nulls":10},"-","-","-",{"$nulls":3},"-",{"$nulls":3},"-"]
[{"$nulls":10},"-","-","-",{"$nulls":3},"-",{"$nulls":3},"-"]
[{"$nulls":10},"-","-","-",{"$nulls":3},"-",{"$nulls":3},"-"]
[{"$nulls":10},"-","-","-",{"$nulls":3},"-",{"$nulls":3},"-"]
[{"$nulls":10},"-","-","-",{"$nulls":3},"-",{"$nulls":3},"-"]
[{"$nulls":10},"-","-","-",{"$nulls":3},"-",{"$nulls":3},"-"]
[{"$nulls":10},"-","-","-",{"$nulls":3},"-",{"$nulls":3},"-"]
[{"$nulls":10},"-","-","-",{"$nulls":3},"-",{"$nulls":3},"-"]
[{"$nulls":10},"-","-","-",{"$nulls":3},"-",{"$nulls":3},"-"]
[{"$nulls":10},"-","-","-",{"$nulls":3},"-",{"$nulls":3},"-"]
[{"$nulls":10},"-","-","-",{"$nulls":3},"-",{"$nulls":3},"-"]
[{"$nulls":10},"-","-","-",{"$nulls":3},"-",{"$nulls":3},"-"]
[{"$nulls":10},"-","-","-",{"$nulls":3},"-",{"$nulls":3},"-"]
[{"$nulls":10},"-","-","-",{"$nulls":3},"-",{"$nulls":3},"-"]
[{"$nulls":10},"-",{"$f":"IF(ISBLANK($H1154),\"-\",IF(ISNA(VLOOKUP($H1154,PP,2,FALSE)),\"Erreur\",VLOOKUP($H1154,PP,2,FALSE)))","v":"-"},"-",{"$nulls":3},{"$f":"IF(ISBLANK(H1154),\"-\",SUM(M1154,N1154))","v":"-"},{"$nulls":3},"-"]
[{"$nulls":10},{"$f":"IF(ISBLANK($I1155),\"-\",IF($I1155-$J1155=0,\"-\",$I1155-$J1155))","v":"-"},"-",{"$f":"IF(OR(ISBLANK($I1155),ISBLANK($H1155)),\"-\",IF(ISNA($L1155*$I1155),\"Erreur\",$L1155*$I1155))","v":"-"},{"$nulls":3},"-",{"$nulls":3},{"$f":"CONCATENATE($A1155,\"-\",$H1155)","v":"-"}]
[{"$nulls":10},"-","-","-",{"$nulls":3},"-",{"$nulls":3},"-"]
[{"$nulls":10},"-","-","-",{"$nulls":3},"-",{"$nulls":3},"-"]
[{"$nulls":10},"-","-","-",{"$nulls":3},"-",{"$nulls":3},"-"]
[{"$nulls":10},"-","-","-",{"$nulls":3},"-",{"$nulls":3},"-"]
[{"$nulls":10},"-","-","-",{"$nulls":3},"-",{"$nulls":3},"-"]
[{"$nulls":10},"-","-","-",{"$nulls":3},"-",{"$nulls":3},"-"]
[{"$nulls":10},"-","-","-",{"$nulls":3},"-",{"$nulls":3},"-"]
[{"$nulls":10},"-","-","-",{"$nulls":3},"-",{"$nulls":3},"-"]
[{"$nulls":10},"-","-","-",{"$nulls":3},"-",{"$nulls":3},"-"]
[{"$nulls":10},"-","-","-",{"$nulls":3},"-",{"$nulls":3},"-"]
[{"$nulls":10},"-","-","-",{"$nulls":3},"-",{"$nulls":3},"-"]
[{"$nulls":10},"-","-","-",{"$nulls":3},"-",{"$nulls":3},"-"]
[{"$nulls":10},"-","-","-",{"$nulls":3},"-",{"$nulls":3},"-"]
[{"$nulls":10},"-","-","-",{"$nulls":3},"-",{"$nulls":3},"-"]
[{"$nulls":10},"-","-","-",{"$nulls":3},"-",{"$nulls":3},"-"]
[{"$nulls":10},"-","-","-",{"$nulls":3},"-",{"$nulls":3},"-"]
[{"$nulls":10},"-","-","-",{"$nulls":3},"-",{"$nulls":3},"-"]
[{"$nulls":10},"-","-","-",{"$nulls":3},"-",{"$nulls":3},"-"]
[{"$nulls":10},"-","-","-",{"$nulls":3},"-",{"$nulls":3},"-"]
[{"$nulls":10},"-","-","-",{"$nulls":3},"-",{"$nulls":3},"-"]
[{"$nulls":10},"-","-","-",{"$nulls":3},"-",{"$nulls":3},"-"]
[{"$nulls":10},"-","-","-",{"$nulls":3},"-",{"$nulls":3},"-"]
[{"$nulls":10},"-","-","-",{"$nulls":3},"-",{"$nulls":3},"-"]
[{"$nulls":10},"-","-","-",{"$nulls":3},"-",{"$nulls":3},"-"]
[{"$nulls":10},"-","-","-",{"$nulls":3},"-",{"$nulls":3},"-"]
[{"$nulls":10},"-","-","-",{"$nulls":3},"-",{"$nulls":3},"-"]
[{"$nulls":10},"-","-","-",{"$nulls":3},"-",{"$nulls":3},"-"]
[{"$nulls":10},"-","-","-",{"$nulls":3},"-",{"$nulls":3},"-"]
[{"$nulls":10},"-","-","-",{"$nulls":3},"-",{"$nulls":3},"-"]
[{"$nulls":10},"-","-","-",{"$nulls":3},"-",{"$nulls":3},"-"]
[{"$nulls":10},"-","-","-",{"$nulls":3},"-",{"$nulls":3},"-"]
[{"$nulls":10},"-","-","-",{"$nulls":3},"-",{"$nulls":3},"-"]
[{"$nulls":10},"-","-","-",{"$nulls":3},"-",{"$nulls":3},"-"]
[{"$nulls":10},"-","-","-",{"$nulls":3},"-",{"$nulls":3},"-"]
[{"$nulls":10},"-","-","-",{"$nulls":3},"-",{"$nulls":3},"-"]
[{"$nulls":10},"-","-","-",{"$nulls":3},"-",{"$nulls":3},"-"]
[{"$nulls":10},"-","-","-",{"$nulls":3},"-",{"$nulls":3},"-"]
[{"$nulls":10},"-","-","-",{"$nulls":3},"-",{"$nulls":3},"-"]
[{"$nulls":10},"-","-","-",{"$nulls":3},"-",{"$nulls":3},"-"]
[{"$nulls":10},"-","-","-",{"$nulls":3},"-",{"$nulls":3},"-"]
[{"$nulls":10},"-","-","-",{"$nulls":3},"-",{"$nulls":3},"-"]
[{"$nulls":10},"-","-","-",{"$nulls":3},"-",{"$nulls":3},"-"]
[{"$nulls":10},"-","-","-",{"$nulls":3},"-",{"$nulls":3},"-"]
[{"$nulls":10},"-","-","-",{"$nulls":3},"-",{"$nulls":3},"-"]
[{"$nulls":10},"-","-","-",{"$nulls":3},"-",{"$nulls":3},"-"]
[{"$nulls":10},"-","-","-",{"$nulls":3},"-",{"$nulls":3},"-"]
[{"$nulls":10},"-","-","-",{"$nulls":3},"-",{"$nulls":3},"-"]
[{"$nulls":10},"-","-","-",{"$nulls":3},"-",{"$nulls":3},"-"]
[{"$nulls":10},"-","-","-",{"$nulls":3},"-",{"$nulls":3},"-"]
[{"$nulls":10},"-","-","-",{"$nulls":3},"-",{"$nulls":3},"-"]
[{"$nulls":10},"-","-","-",{"$nulls":3},"-",{"$nulls":3},"-"]
[{"$nulls":10},"-","-","-",{"$nulls":3},"-",{"$nulls":3},"-"]
[{"$nulls":10},"-","-","-",{"$nulls":3},"-",{"$nulls":3},"-"]
[{"$nulls":10},"-","-","-",{"$nulls":3},"-",{"$nulls":3},"-"]
[{"$nulls":10},"-","-","-",{"$nulls":3},"-",{"$nulls":3},"-"]
[{"$nulls":10},"-","-","-",{"$nulls":3},"-",{"$nulls":3},"-"]
[{"$nulls":10},"-","-","-",{"$nulls":3},"-",{"$nulls":3},"-"]
[{"$nulls":10},"-","-","-",{"$nulls":3},"-",{"$nulls":3},"-"]
[{"$nulls":10},"-","-","-",{"$nulls":3},"-",{"$nulls":3},"-"]
[{"$nulls":10},"-","-","-",{"$nulls":3},"-",{"$nulls":3},"-"]
[{"$nulls":10},"-","-","-",{"$nulls":3},"-",{"$nulls":3},"-"]
[{"$nulls":10},"-","-","-",{"$nulls":3},"-",{"$nulls":3},"-"]
[{"$nulls":10},"-",{"$f":"IF(ISBLANK($H1218),\"-\",IF(ISNA(VLOOKUP($H1218,PP,2,FALSE)),\"Erreur\",VLOOKUP($H1218,PP,2,FALSE)))","v":"-"},"-",{"$nulls":3},{"$f":"IF(ISBLANK(H1218),\"-\",SUM(M1218,N1218))","v":"-"},{"$nulls":3},"-"]
[{"$nulls":10},{"$f":"IF(ISBLANK($I1219),\"-\",IF($I1219-$J1219=0,\"-\",$I1219-$J1219))","v":"-"},"-",{"$f":"IF(OR(ISBLANK($I1219),ISBLANK($H1219)),\"-\",IF(ISNA($L1219*$I1219),\"Erreur\",$L1219*$I1219))","v":"-"},{"$nulls":3},"-",{"$nulls":3},{"$f":"CONCATENATE($A1219,\"-\",$H1219)","v":"-"}]
[{"$nulls":10},"-","-","-",{"$nulls":3},"-",{"$nulls":3},"-"]
[{"$nulls":10},"-","-","-",{"$nulls":3},"-",{"$nulls":3},"-"]
[{"$nulls":10},"-","-","-",{"$nulls":3},"-",{"$nulls":3},"-"]
[{"$nulls":10},"-","-","-",{"$nulls":3},"-",{"$nulls":3},"-"]
[{"$nulls":10},"-","-","-",{"$nulls":3},"-",{"$nulls":3},"-"]
[{"$nulls":10},"-","-","-",{"$nulls":3},"-",{"$nulls":3},"-"]
[{"$nulls":10},"-","-","-",{"$nulls":3},"-",{"$nulls":3},"-"]
[{"$nulls":10},"-","-","-",{"$nulls":3},"-",{"$nulls":3},"-"]
[{"$nulls":10},"-","-","-",{"$nulls":3},"-",{"$nulls":3},"-"]
[{"$nulls":10},"-","-","-",{"$nulls":3},"-",{"$nulls":3},"-"]
[{"$nulls":10},"-","-","-",{"$nulls":3},"-",{"$nulls":3},"-"]
[{"$nulls":10},"-","-","-",{"$nulls":3},"-",{"$nulls":3},"-"]
[{"$nulls":10},"-","-","-",{"$nulls":3},"-",{"$nulls":3},"-"]
[{"$nulls":10},"-","-","-",{"$nulls":3},"-",{"$nulls":3},"-"]
[{"$nulls":10},"-","-","-",{"$nulls":3},"-",{"$nulls":3},"-"]
[{"$nulls":10},"-","-","-",{"$nulls":3},"-",{"$nulls":3},"-"]
[{"$nulls":10},"-","-","-",{"$nulls":3},"-",{"$nulls":3},"-"]
[{"$nulls":10},"-","-","-",{"$nulls":3},"-",{"$nulls":3},"-"]
[{"$nulls":10},"-","-","-",{"$nulls":3},"-",{"$nulls":3},"-"]
[{"$nulls":10},"-","-","-",{"$nulls":3},"-",{"$nulls":3},"-"]
[{"$nulls":10},"-","-","-",{"$nulls":3},"-",{"$nulls":3},"-"]
[{"$nulls":10},"-","-","-",{"$nulls":3},"-",{"$nulls":3},"-"]
[{"$nulls":10},"-","-","-",{"$nulls":3},"-",{"$nulls":3},"-"]
[{"$nulls":10},"-","-","-",{"$nulls":3},"-",{"$nulls":3},"-"]
[{"$nulls":10},"-","-","-",{"$nulls":3},"-",{"$nulls":3},"-"]
[{"$nulls":10},"-","-","-",{"$nulls":3},"-",{"$nulls":3},"-"]
[{"$nulls":10},"-","-","-",{"$nulls":3},"-",{"$nulls":3},"-"]
[{"$nulls":10},"-","-","-",{"$nulls":3},"-",{"$nulls":3},"-"]
[{"$nulls":10},"-","-","-",{"$nulls":3},"-",{"$nulls":3},"-"]
[{"$nulls":10},"-","-","-",{"$nulls":3},"-",{"$nulls":3},"-"]
[{"$nulls":10},"-","-","-",{"$nulls":3},"-",{"$nulls":3},"-"]
[{"$nulls":10},"-","-","-",{"$nulls":3},"-",{"$nulls":3},"-"]
[{"$nulls":10},"-","-","-",{"$nulls":3},"-",{"$nulls":3},"-"]
[{"$nulls":10},"-","-","-",{"$nulls":3},"-",{"$nulls":3},"-"]
[{"$nulls":10},"-","-","-",{"$nulls":3},"-",{"$nulls":3},"-"]
[{"$nulls":10},"-","-","-",{"$nulls":3},"-",{"$nulls":3},"-"]
[{"$nulls":10},"-","-","-",{"$nulls":3},"-",{"$nulls":3},"-"]
[{"$nulls":10},"-","-","-",{"$nulls":3},"-",{"$nulls":3},"-"]
[{"$nulls":10},"-","-","-",{"$nulls":3},"-",{"$nulls":3},"-"]
[{"$nulls":10},"-","-","-",{"$nulls":3},"-",{"$nulls":3},"-"]
[{"$nulls":10},"-","-","-",{"$nulls":3},"-",{"$nulls":3},"-"]
[{"$nulls":10},"-","-","-",{"$nulls":3},"-",{"$nulls":3},"-"]
[{"$nulls":10},"-","-","-",{"$nulls":3},"-",{"$nulls":3},"-"]
[{"$nulls":10},"-","-","-",{"$nulls":3},"-",{"$nulls":3},"-"]
[{"$nulls":10},"-","-","-",{"$nulls":3},"-",{"$nulls":3},"-"]
[{"$nulls":10},"-","-","-",{"$nulls":3},"-",{"$nulls":3},"-"]
[{"$nulls":10},"-","-","-",{"$nulls":3},"-",{"$nulls":3},"-"]
[{"$nulls":10},"-","-","-",{"$nulls":3},"-",{"$nulls":3},"-"]
[{"$nulls":10},"-","-","-",{"$nulls":3},"-",{"$nulls":3},"-"]
[{"$nulls":10},"-","-","-",{"$nulls":3},"-",{"$nulls":3},"-"]
[{"$nulls":10},"-","-","-",{"$nulls":3},"-",{"$nulls":3},"-"]
[{"$nulls":10},"-","-","-",{"$nulls":3},"-",{"$nulls":3},"-"]
[{"$nulls":10},"-","-","-",{"$nulls":3},"-",{"$nulls":3},"-"]
[{"$nulls":10},"-","-","-",{"$nulls":3},"-",{"$nulls":3},"-"]
[{"$nulls":10},"-","-","-",{"$nulls":3},"-",{"$nulls":3},"-"]
[{"$nulls":10},"-","-","-",{"$nulls":3},"-",{"$nulls":3},"-"]
[{"$nulls":10},"-","-","-",{"$nulls":3},"-",{"$nulls":3},"-"]
[{"$nulls":10},"-","-","-",{"$nulls":3},"-",{"$nulls":3},"-"]
[{"$nulls":10},"-","-","-",{"$nulls":3},"-",{"$nulls":3},"-"]
[{"$nulls":10},"-","-","-",{"$nulls":3},"-",{"$nulls":3},"-"]
[{"$nulls":10},"-","-","-",{"$nulls":3},"-",{"$nulls":3},"-"]
[{"$nulls":10},"-","-","-",{"$nulls":3},"-",{"$nulls":3},"-"]
[{"$nulls":10},"-",{"$f":"IF(ISBLANK($H1282),\"-\",IF(ISNA(VLOOKUP($H1282,PP,2,FALSE)),\"Erreur\",VLOOKUP($H1282,PP,2,FALSE)))","v":"-"},"-",{"$nulls":3},{"$f":"IF(ISBLANK(H1282),\"-\",SUM(M1282,N1282))","v":"-"},{"$nulls":3},"-"]
[{"$nulls":10},{"$f":"IF(ISBLANK($I1283),\"-\",IF($I1283-$J1283=0,\"-\",$I1283-$J1283))","v":"-"},"-",{"$f":"IF(OR(ISBLANK($I1283),ISBLANK($H1283)),\"-\",IF(ISNA($L1283*$I1283),\"Erreur\",$L1283*$I1283))","v":"-"},{"$nulls":3},"-",{"$nulls":3},{"$f":"CONCATENATE($A1283,\"-\",$H1283)","v":"-"}]
[{"$nulls":10},"-","-","-",{"$nulls":3},"-",{"$nulls":3},"-"]
[{"$nulls":10},"-","-","-",{"$nulls":3},"-",{"$nulls":3},"-"]
[{"$nulls":10},"-","-","-",{"$nulls":3},"-",{"$nulls":3},"-"]
[{"$nulls":10},"-","-","-",{"$nulls":3},"-",{"$nulls":3},"-"]
[{"$nulls":10},"-","-","-",{"$nulls":3},"-",{"$nulls":3},"-"]
[{"$nulls":10},"-","-","-",{"$nulls":3},"-",{"$nulls":3},"-"]
[{"$nulls":10},"-","-","-",{"$nulls":3},"-",{"$nulls":3},"-"]
[{"$nulls":10},"-","-","-",{"$nulls":3},"-",{"$nulls":3},"-"]
[{"$nulls":10},"-","-","-",{"$nulls":3},"-",{"$nulls":3},"-"]
[{"$nulls":10},"-","-","-",{"$nulls":3},"-",{"$nulls":3},"-"]
[{"$nulls":10},"-","-","-",{"$nulls":3},"-",{"$nulls":3},"-"]
[{"$nulls":10},"-","-","-",{"$nulls":3},"-",{"$nulls":3},"-"]
[{"$nulls":10},"-","-","-",{"$nulls":3},"-",{"$nulls":3},"-"]
[{"$nulls":10},"-","-","-",{"$nulls":3},"-",{"$nulls":3},"-"]
[{"$nulls":10},"-","-","-",{"$nulls":3},"-",{"$nulls":3},"-"]
[{"$nulls":10},"-","-","-",{"$nulls":3},"-",{"$nulls":3},"-"]
[{"$nulls":10},"-","-","-",{"$nulls":3},"-",{"$nulls":3},"-"]
[{"$nulls":10},"-","-","-",{"$nulls":3},"-",{"$nulls":3},"-"]
[{"$nulls":10},"-","-","-",{"$nulls":3},"-",{"$nulls":3},"-"]
[{"$nulls":10},"-","-","-",{"$nulls":3},"-",{"$nulls":3},"-"]
[{"$nulls":10},"-","-","-",{"$nulls":3},"-",{"$nulls":3},"-"]
[{"$nulls":10},"-","-","-",{"$nulls":3},"-",{"$nulls":3},"-"]
[{"$nulls":10},"-","-","-",{"$nulls":3},"-",{"$nulls":3},"-"]
[{"$nulls":10},"-","-","-",{"$nulls":3},"-",{"$nulls":3},"-"]
[{"$nulls":10},"-","-","-",{"$nulls":3},"-",{"$nulls":3},"-"]
[{"$nulls":10},"-","-","-",{"$nulls":3},"-",{"$nulls":3},"-"]
[{"$nulls":10},"-","-","-",{"$nulls":3},"-",{"$nulls":3},"-"]
[{"$nulls":10},"-","-","-",{"$nulls":3},"-",{"$nulls":3},"-"]
[{"$nulls":10},"-","-","-",{"$nulls":3},"-",{"$nulls":3},"-"]
[{"$nulls":10},"-","-","-",{"$nulls":3},"-",{"$nulls":3},"-"]
[{"$nulls":10},"-","-","-",{"$nulls":3},"-",{"$nulls":3},"-"]
[{"$nulls":10},"-","-","-",{"$nulls":3},"-",{"$nulls":3},"-"]
[{"$nulls":10},"-","-","-",{"$nulls":3},"-",{"$nulls":3},"-"]
[{"$nulls":10},"-","-","-",{"$nulls":3},"-",{"$nulls":3},"-"]
[{"$nulls":10},"-","-","-",{"$nulls":3},"-",{"$nulls":3},"-"]
[{"$nulls":10},"-","-","-",{"$nulls":3},"-",{"$nulls":3},"-"]
[{"$nulls":10},"-","-","-",{"$nulls":3},"-",{"$nulls":3},"-"]
[{"$nulls":10},"-","-","-",{"$nulls":3},"-",{"$nulls":3},"-"]
[{"$nulls":10},"-","-","-",{"$nulls":3},"-",{"$nulls":3},"-"]
[{"$nulls":10},"-","-","-",{"$nulls":3},"-",{"$nulls":3},"-"]
[{"$nulls":10},"-","-","-",{"$nulls":3},"-",{"$nulls":3},"-"]
[{"$nulls":10},"-","-","-",{"$nulls":3},"-",{"$nulls":3},"-"]
[{"$nulls":10},"-","-","-",{"$nulls":3},"-",{"$nulls":3},"-"]
[{"$nulls":10},"-","-","-",{"$nulls":3},"-",{"$nulls":3},"-"]
[{"$nulls":10},"-","-","-",{"$nulls":3},"-",{"$nulls":3},"-"]
[{"$nulls":10},"-","-","-",{"$nulls":3},"-",{"$nulls":3},"-"]
[{"$nulls":10},"-","-","-",{"$nulls":3},"-",{"$nulls":3},"-"]
[{"$nulls":10},"-","-","-",{"$nulls":3},"-",{"$nulls":3},"-"]
[{"$nulls":10},"-","-","-",{"$nulls":3},"-",{"$nulls":3},"-"]
[{"$nulls":10},"-","-","-",{"$nulls":3},"-",{"$nulls":3},"-"]
[{"$nulls":10},"-","-","-",{"$nulls":3},"-",{"$nulls":3},"-"]
[{"$nulls":10},"-","-","-",{"$nulls":3},"-",{"$nulls":3},"-"]
[{"$nulls":10},"-","-","-",{"$nulls":3},"-",{"$nulls":3},"-"]
[{"$nulls":10},"-","-","-",{"$nulls":3},"-",{"$nulls":3},"-"]
[{"$nulls":10},"-","-","-",{"$nulls":3},"-",{"$nulls":3},"-"]
[{"$nulls":10},"-","-","-",{"$nulls":3},"-",{"$nulls":3},"-"]
[{"$nulls":10},"-","-","-",{"$nulls":3},"-",{"$nulls":3},"-"]
[{"$nulls":10},"-","-","-",{"$nulls":3},"-",{"$nulls":3},"-"]
[{"$nulls":10},"-","-","-",{"$nulls":3},"-",{"$nulls":3},"-"]
[{"$nulls":10},"-","-","-",{"$nulls":3},"-",{"$nulls":3},"-"]
[{"$nulls":10},"-","-","-",{"$nulls":3},"-",{"$nulls":3},"-"]
[{"$nulls":10},"-","-","-",{"$nulls":3},"-",{"$nulls":3},"-"]
[{"$nulls":10},"-",{"$f":"IF(ISBLANK($H1346),\"-\",IF(ISNA(VLOOKUP($H1346,PP,2,FALSE)),\"Erreur\",VLOOKUP($H1346,PP,2,FALSE)))","v":"-"},"-",{"$nulls":3},{"$f":"IF(ISBLANK(H1346),\"-\",SUM(M1346,N1346))","v":"-"},{"$nulls":3},"-"]
[{"$nulls":10},{"$f":"IF(ISBLANK($I1347),\"-\",IF($I1347-$J1347=0,\"-\",$I1347-$J1347))","v":"-"},"-",{"$f":"IF(OR(ISBLANK($I1347),ISBLANK($H1347)),\"-\",IF(ISNA($L1347*$I1347),\"Erreur\",$L1347*$I1347))","v":"-"},{"$nulls":3},"-",{"$nulls":3},{"$f":"CONCATENATE($A1347,\"-\",$H1347)","v":"-"}]
[{"$nulls":10},"-","-","-",{"$nulls":3},"-",{"$nulls":3},"-"]
[{"$nulls":10},"-","-","-",{"$nulls":3},"-",{"$nulls":3},"-"]
[{"$nulls":10},"-","-","-",{"$nulls":3},"-",{"$nulls":3},"-"]
[{"$nulls":10},"-","-","-",{"$nulls":3},"-",{"$nulls":3},"-"]
[{"$nulls":10},"-","-","-",{"$nulls":3},"-",{"$nulls":3},"-"]
[{"$nulls":10},"-","-","-",{"$nulls":3},"-",{"$nulls":3},"-"]
[{"$nulls":10},"-","-","-",{"$nulls":3},"-",{"$nulls":3},"-"]
[{"$nulls":10},"-","-","-",{"$nulls":3},"-",{"$nulls":3},"-"]
[{"$nulls":10},"-","-","-",{"$nulls":3},"-",{"$nulls":3},"-"]
[{"$nulls":10},"-","-","-",{"$nulls":3},"-",{"$nulls":3},"-"]
[{"$nulls":10},"-","-","-",{"$nulls":3},"-",{"$nulls":3},"-"]
[{"$nulls":10},"-","-","-",{"$nulls":3},"-",{"$nulls":3},"-"]
[{"$nulls":10},"-","-","-",{"$nulls":3},"-",{"$nulls":3},"-"]
[{"$nulls":10},"-","-","-",{"$nulls":3},"-",{"$nulls":3},"-"]
[{"$nulls":10},"-","-","-",{"$nulls":3},"-",{"$nulls":3},"-"]
[{"$nulls":10},"-","-","-",{"$nulls":3},"-",{"$nulls":3},"-"]
[{"$nulls":10},"-","-","-",{"$nulls":3},"-",{"$nulls":3},"-"]
[{"$nulls":10},"-","-","-",{"$nulls":3},"-",{"$nulls":3},"-"]
[{"$nulls":10},"-","-","-",{"$nulls":3},"-",{"$nulls":3},"-"]
[{"$nulls":10},"-","-","-",{"$nulls":3},"-",{"$nulls":3},"-"]
[{"$nulls":10},"-","-","-",{"$nulls":3},"-",{"$nulls":3},"-"]
[{"$nulls":10},"-","-","-",{"$nulls":3},"-",{"$nulls":3},"-"]
[{"$nulls":10},"-","-","-",{"$nulls":3},"-",{"$nulls":3},"-"]
[{"$nulls":10},"-","-","-",{"$nulls":3},"-",{"$nulls":3},"-"]
[{"$nulls":10},"-","-","-",{"$nulls":3},"-",{"$nulls":3},"-"]
[{"$nulls":10},"-","-","-",{"$nulls":3},"-",{"$nulls":3},"-"]
[{"$nulls":10},"-","-","-",{"$nulls":3},"-",{"$nulls":3},"-"]
[{"$nulls":10},"-","-","-",{"$nulls":3},"-",{"$nulls":3},"-"]
[{"$nulls":10},"-","-","-",{"$nulls":3},"-",{"$nulls":3},"-"]
[{"$nulls":10},"-","-","-",{"$nulls":3},"-",{"$nulls":3},"-"]
[{"$nulls":10},"-","-","-",{"$nulls":3},"-",{"$nulls":3},"-"]
[{"$nulls":10},"-","-","-",{"$nulls":3},"-",{"$nulls":3},"-"]
[{"$nulls":10},"-","-","-",{"$nulls":3},"-",{"$nulls":3},"-"]
[{"$nulls":10},"-","-","-",{"$nulls":3},"-",{"$nulls":3},"-"]
[{"$nulls":10},"-","-","-",{"$nulls":3},"-",{"$nulls":3},"-"]
[{"$nulls":10},"-","-","-",{"$nulls":3},"-",{"$nulls":3},"-"]
[{"$nulls":10},"-","-","-",{"$nulls":3},"-",{"$nulls":3},"-"]
[{"$nulls":10},"-","-","-",{"$nulls":3},"-",{"$nulls":3},"-"]
[{"$nulls":10},"-","-","-",{"$nulls":3},"-",{"$nulls":3},"-"]
[{"$nulls":10},"-","-","-",{"$nulls":3},"-",{"$nulls":3},"-"]
[{"$nulls":10},"-","-","-",{"$nulls":3},"-",{"$nulls":3},"-"]
[{"$nulls":10},"-","-","-",{"$nulls":3},"-",{"$nulls":3},"-"]
[{"$nulls":10},"-","-","-",{"$nulls":3},"-",{"$nulls":3},"-"]
[{"$nulls":10},"-","-","-",{"$nulls":3},"-",{"$nulls":3},"-"]
[{"$nulls":10},"-","-","-",{"$nulls":3},"-",{"$nulls":3},"-"]
[{"$nulls":10},"-","-","-",{"$nulls":3},"-",{"$nulls":3},"-"]
[{"$nulls":10},"-","-","-",{"$nulls":3},"-",{"$nulls":3},"-"]
[{"$nulls":10},"-","-","-",{"$nulls":3},"-",{"$nulls":3},"-"]
[{"$nulls":10},"-","-","-",{"$nulls":3},"-",{"$nulls":3},"-"]
[{"$nulls":10},"-","-","-",{"$nulls":3},"-",{"$nulls":3},"-"]
[{"$nulls":10},"-","-","-",{"$nulls":3},"-",{"$nulls":3},"-"]
[{"$nulls":10},"-","-","-",{"$nulls":3},"-",{"$nulls":3},"-"]
[{"$nulls":10},"-","-","-",{"$nulls":3},"-",{"$nulls":3},"-"]
[{"$nulls":10},"-","-","-",{"$nulls":3},"-",{"$nulls":3},"-"]
[{"$nulls":10},"-","-","-",{"$nulls":3},"-",{"$nulls":3},"-"]
[{"$nulls":10},"-","-","-",{"$nulls":3},"-",{"$nulls":3},"-"]
[{"$nulls":10},"-","-","-",{"$nulls":3},"-",{"$nulls":3},"-"]
[{"$nulls":10},"-","-","-",{"$nulls":3},"-",{"$nulls":3},"-"]
[{"$nulls":10},"-","-","-",{"$nulls":3},"-",{"$nulls":3},"-"]
[{"$nulls":10},"-","-","-",{"$nulls":3},"-",{"$nulls":3},"-"]
[{"$nulls":10},"-","-","-",{"$nulls":3},"-",{"$nulls":3},"-"]
[{"$nulls":10},"-","-","-",{"$nulls":3},"-",{"$nulls":3},"-"]
[{"$nulls":10},"-",{"$f":"IF(ISBLANK($H1410),\"-\",IF(ISNA(VLOOKUP($H1410,PP,2,FALSE)),\"Erreur\",VLOOKUP($H1410,PP,2,FALSE)))","v":"-"},"-",{"$nulls":3},{"$f":"IF(ISBLANK(H1410),\"-\",SUM(M1410,N1410))","v":"-"},{"$nulls":3},"-"]
[{"$nulls":10},{"$f":"IF(ISBLANK($I1411),\"-\",IF($I1411-$J1411=0,\"-\",$I1411-$J1411))","v":"-"},"-",{"$f":"IF(OR(ISBLANK($I1411),ISBLANK($H1411)),\"-\",IF(ISNA($L1411*$I1411),\"Erreur\",$L1411*$I1411))","v":"-"},{"$nulls":3},"-",{"$nulls":3},{"$f":"CONCATENATE($A1411,\"-\",$H1411)","v":"-"}]
[{"$nulls":10},"-","-","-",{"$nulls":3},"-",{"$nulls":3},"-"]
[{"$nulls":10},"-","-","-",{"$nulls":3},"-",{"$nulls":3},"-"]
[{"$nulls":10},"-","-","-",{"$nulls":3},"-",{"$nulls":3},"-"]
[{"$nulls":10},"-","-","-",{"$nulls":3},"-",{"$nulls":3},"-"]
[{"$nulls":10},"-","-","-",{"$nulls":3},"-",{"$nulls":3},"-"]
[{"$nulls":10},"-","-","-",{"$nulls":3},"-",{"$nulls":3},"-"]
[{"$nulls":10},"-","-","-",{"$nulls":3},"-",{"$nulls":3},"-"]
[{"$nulls":10},"-","-","-",{"$nulls":3},"-",{"$nulls":3},"-"]
[{"$nulls":10},"-","-","-",{"$nulls":3},"-",{"$nulls":3},"-"]
[{"$nulls":10},"-","-","-",{"$nulls":3},"-",{"$nulls":3},"-"]
[{"$nulls":10},"-","-","-",{"$nulls":3},"-",{"$nulls":3},"-"]
[{"$nulls":10},"-","-","-",{"$nulls":3},"-",{"$nulls":3},"-"]
[{"$nulls":10},"-","-","-",{"$nulls":3},"-",{"$nulls":3},"-"]
[{"$nulls":10},"-","-","-",{"$nulls":3},"-",{"$nulls":3},"-"]
[{"$nulls":10},"-","-","-",{"$nulls":3},"-",{"$nulls":3},"-"]
[{"$nulls":10},"-","-","-",{"$nulls":3},"-",{"$nulls":3},"-"]
[{"$nulls":10},"-","-","-",{"$nulls":3},"-",{"$nulls":3},"-"]
[{"$nulls":10},"-","-","-",{"$nulls":3},"-",{"$nulls":3},"-"]
[{"$nulls":10},"-","-","-",{"$nulls":3},"-",{"$nulls":3},"-"]
[{"$nulls":10},"-","-","-",{"$nulls":3},"-",{"$nulls":3},"-"]
[{"$nulls":10},"-","-","-",{"$nulls":3},"-",{"$nulls":3},"-"]
[{"$nulls":10},"-","-","-",{"$nulls":3},"-",{"$nulls":3},"-"]
[{"$nulls":10},"-","-","-",{"$nulls":3},"-",{"$nulls":3},"-"]
[{"$nulls":10},"-","-","-",{"$nulls":3},"-",{"$nulls":3},"-"]
[{"$nulls":10},"-","-","-",{"$nulls":3},"-",{"$nulls":3},"-"]
[{"$nulls":10},"-","-","-",{"$nulls":3},"-",{"$nulls":3},"-"]
[{"$nulls":10},"-","-","-",{"$nulls":3},"-",{"$nulls":3},"-"]
[{"$nulls":10},"-","-","-",{"$nulls":3},"-",{"$nulls":3},"-"]
[{"$nulls":10},"-","-","-",{"$nulls":3},"-",{"$nulls":3},"-"]
[{"$nulls":10},"-","-","-",{"$nulls":3},"-",{"$nulls":3},"-"]
[{"$nulls":10},"-","-","-",{"$nulls":3},"-",{"$nulls":3},"-"]
[{"$nulls":10},"-","-","-",{"$nulls":3},"-",{"$nulls":3},"-"]
[{"$nulls":10},"-","-","-",{"$nulls":3},"-",{"$nulls":3},"-"]
[{"$nulls":10},"-","-","-",{"$nulls":3},"-",{"$nulls":3},"-"]
[{"$nulls":10},"-","-","-",{"$nulls":3},"-",{"$nulls":3},"-"]
[{"$nulls":10},"-","-","-",{"$nulls":3},"-",{"$nulls":3},"-"]
[{"$nulls":10},"-","-","-",{"$nulls":3},"-",{"$nulls":3},"-"]
[{"$nulls":10},"-","-","-",{"$nulls":3},"-",{"$nulls":3},"-"]
[{"$nulls":10},"-","-","-",{"$nulls":3},"-",{"$nulls":3},"-"]
[{"$nulls":10},"-","-","-",{"$nulls":3},"-",{"$nulls":3},"-"]
[{"$nulls":10},"-","-","-",{"$nulls":3},"-",{"$nulls":3},"-"]
[{"$nulls":10},"-","-","-",{"$nulls":3},"-",{"$nulls":3},"-"]
[{"$nulls":10},"-","-","-",{"$nulls":3},"-",{"$nulls":3},"-"]
[{"$nulls":10},"-","-","-",{"$nulls":3},"-",{"$nulls":3},"-"]
[{"$nulls":10},"-","-","-",{"$nulls":3},"-",{"$nulls":3},"-"]
[{"$nulls":10},"-","-","-",{"$nulls":3},"-",{"$nulls":3},"-"]
[{"$nulls":10},"-","-","-",{"$nulls":3},"-",{"$nulls":3},"-"]
[{"$nulls":10},"-","-","-",{"$nulls":3},"-",{"$nulls":3},"-"]
[{"$nulls":10},"-","-","-",{"$nulls":3},"-",{"$nulls":3},"-"]
[{"$nulls":10},"-","-","-",{"$nulls":3},"-",{"$nulls":3},"-"]
[{"$nulls":10},"-","-","-",{"$nulls":3},"-",{"$nulls":3},"-"]
[{"$nulls":10},"-","-","-",{"$nulls":3},"-",{"$nulls":3},"-"]
[{"$nulls":10},"-","-","-",{"$nulls":3},"-",{"$nulls":3},"-"]
[{"$nulls":10},"-","-","-",{"$nulls":3},"-",{"$nulls":3},"-"]
[{"$nulls":10},"-","-","-",{"$nulls":3},"-",{"$nulls":3},"-"]
[{"$nulls":10},"-","-","-",{"$nulls":3},"-",{"$nulls":3},"-"]
[{"$nulls":10},"-","-","-",{"$nulls":3},"-",{"$nulls":3},"-"]
[{"$nulls":10},"-","-","-",{"$nulls":3},"-",{"$nulls":3},"-"]
[{"$nulls":10},"-","-","-",{"$nulls":3},"-",{"$nulls":3},"-"]
[{"$nulls":10},"-","-","-",{"$nulls":3},"-",{"$nulls":3},"-"]
[{"$nulls":10},"-","-","-",{"$nulls":3},"-",{"$nulls":3},"-"]
[{"$nulls":10},"-","-","-",{"$nulls":3},"-",{"$nulls":3},"-"]
[{"$nulls":10},"-",{"$f":"IF(ISBLANK($H1474),\"-\",IF(ISNA(VLOOKUP($H1474,PP,2,FALSE)),\"Erreur\",VLOOKUP($H1474,PP,2,FALSE)))","v":"-"},"-",{"$nulls":3},{"$f":"IF(ISBLANK(H1474),\"-\",SUM(M1474,N1474))","v":"-"},{"$nulls":3},"-"]
[{"$nulls":10},{"$f":"IF(ISBLANK($I1475),\"-\",IF($I1475-$J1475=0,\"-\",$I1475-$J1475))","v":"-"},"-",{"$f":"IF(OR(ISBLANK($I1475),ISBLANK($H1475)),\"-\",IF(ISNA($L1475*$I1475),\"Erreur\",$L1475*$I1475))","v":"-"},{"$nulls":3},"-",{"$nulls":3},{"$f":"CONCATENATE($A1475,\"-\",$H1475)","v":"-"}]
[{"$nulls":10},"-","-","-",{"$nulls":3},"-",{"$nulls":3},"-"]
[{"$nulls":10},"-","-","-",{"$nulls":3},"-",{"$nulls":3},"-"]
[{"$nulls":10},"-","-","-",{"$nulls":3},"-",{"$nulls":3},"-"]
[{"$nulls":10},"-","-","-",{"$nulls":3},"-",{"$nulls":3},"-"]
[{"$nulls":10},"-","-","-",{"$nulls":3},"-",{"$nulls":3},"-"]
[{"$nulls":10},"-","-","-",{"$nulls":3},"-",{"$nulls":3},"-"]
[{"$nulls":10},"-","-","-",{"$nulls":3},"-",{"$nulls":3},"-"]
[{"$nulls":10},"-","-","-",{"$nulls":3},"-",{"$nulls":3},"-"]
[{"$nulls":10},"-","-","-",{"$nulls":3},"-",{"$nulls":3},"-"]
[{"$nulls":10},"-","-","-",{"$nulls":3},"-",{"$nulls":3},"-"]
[{"$nulls":10},"-","-","-",{"$nulls":3},"-",{"$nulls":3},"-"]
[{"$nulls":10},"-","-","-",{"$nulls":3},"-",{"$nulls":3},"-"]
[{"$nulls":10},"-","-","-",{"$nulls":3},"-",{"$nulls":3},"-"]
[{"$nulls":10},"-","-","-",{"$nulls":3},"-",{"$nulls":3},"-"]
[{"$nulls":10},"-","-","-",{"$nulls":3},"-",{"$nulls":3},"-"]
[{"$nulls":10},"-","-","-",{"$nulls":3},"-",{"$nulls":3},"-"]
[{"$nulls":10},"-","-","-",{"$nulls":3},"-",{"$nulls":3},"-"]
[{"$nulls":10},"-","-","-",{"$nulls":3},"-",{"$nulls":3},"-"]
[{"$nulls":10},"-","-","-",{"$nulls":3},"-",{"$nulls":3},"-"]
[{"$nulls":10},"-","-","-",{"$nulls":3},"-",{"$nulls":3},"-"]
[{"$nulls":10},"-","-","-",{"$nulls":3},"-",{"$nulls":3},"-"]
[{"$nulls":10},"-","-","-",{"$nulls":3},"-",{"$nulls":3},"-"]
[{"$nulls":10},"-","-","-",{"$nulls":3},"-",{"$nulls":3},"-"]
[{"$nulls":10},"-","-","-",{"$nulls":3},"-",{"$nulls":3},"-"]
[{"$nulls":10},"-","-","-",{"$nulls":3},"-",{"$nulls":3},"-"]
[{"$nulls":10},"-","-","-",{"$nulls":3},"-",{"$nulls":3},"-"]
[{"$nulls":10},"-","-","-",{"$nulls":3},"-",{"$nulls":3},"-"]
[{"$nulls":10},"-","-","-",{"$nulls":3},"-",{"$nulls":3},"-"]
[{"$nulls":10},"-","-","-",{"$nulls":3},"-",{"$nulls":3},"-"]
[{"$nulls":10},"-","-","-",{"$nulls":3},"-",{"$nulls":3},"-"]
[{"$nulls":10},"-","-","-",{"$nulls":3},"-",{"$nulls":3},"-"]
[{"$nulls":10},"-","-","-",{"$nulls":3},"-",{"$nulls":3},"-"]
[{"$nulls":10},"-","-","-",{"$nulls":3},"-",{"$nulls":3},"-"]
[{"$nulls":10},"-","-","-",{"$nulls":3},"-",{"$nulls":3},"-"]
[{"$nulls":10},"-","-","-",{"$nulls":3},"-",{"$nulls":3},"-"]
[{"$nulls":10},"-","-","-",{"$nulls":3},"-",{"$nulls":3},"-"]
[{"$nulls":10},"-","-","-",{"$nulls":3},"-",{"$nulls":3},"-"]
[{"$nulls":10},"-","-","-",{"$nulls":3},"-",{"$nulls":3},"-"]
[{"$nulls":10},"-","-","-",{"$nulls":3},"-",{"$nulls":3},"-"]
[{"$nulls":10},"-","-","-",{"$nulls":3},"-",{"$nulls":3},"-"]
[{"$nulls":10},"-","-","-",{"$nulls":3},"-",{"$nulls":3},"-"]
[{"$nulls":10},"-","-","-",{"$nulls":3},"-",{"$nulls":3},"-"]
[{"$nulls":10},"-","-","-",{"$nulls":3},"-",{"$nulls":3},"-"]
[{"$nulls":10},"-","-","-",{"$nulls":3},"-",{"$nulls":3},"-"]
[{"$nulls":10},"-","-","-",{"$nulls":3},"-",{"$nulls":3},"-"]
[{"$nulls":10},"-","-","-",{"$nulls":3},"-",{"$nulls":3},"-"]
[{"$nulls":10},"-","-","-",{"$nulls":3},"-",{"$nulls":3},"-"]
[{"$nulls":10},"-","-","-",{"$nulls":3},"-",{"$nulls":3},"-"]
[{"$nulls":10},"-","-","-",{"$nulls":3},"-",{"$nulls":3},"-"]
[{"$nulls":10},"-","-","-",{"$nulls":3},"-",{"$nulls":3},"-"]
[{"$nulls":10},"-","-","-",{"$nulls":3},"-",{"$nulls":3},"-"]
[{"$nulls":10},"-","-","-",{"$nulls":3},"-",{"$nulls":3},"-"]
[{"$nulls":10},"-","-","-",{"$nulls":3},"-",{"$nulls":3},"-"]
[{"$nulls":10},"-","-","-",{"$nulls":3},"-",{"$nulls":3},"-"]
[{"$nulls":10},"-","-","-",{"$nulls":3},"-",{"$nulls":3},"-"]
[{"$nulls":10},"-","-","-",{"$nulls":3},"-",{"$nulls":3},"-"]
[{"$nulls":10},"-","-","-",{"$nulls":3},"-",{"$nulls":3},"-"]
[{"$nulls":10},"-","-","-",{"$nulls":3},"-",{"$nulls":3},"-"]
[{"$nulls":10},"-","-","-",{"$nulls":3},"-",{"$nulls":3},"-"]
[{"$nulls":10},"-","-","-",{"$nulls":3},"-",{"$nulls":3},"-"]
[{"$nulls":10},"-","-","-",{"$nulls":3},"-",{"$nulls":3},"-"]
[{"$nulls":10},"-","-","-",{"$nulls":3},"-",{"$nulls":3},"-"]
[{"$nulls":10},"-",{"$f":"IF(ISBLANK($H1538),\"-\",IF(ISNA(VLOOKUP($H1538,PP,2,FALSE)),\"Erreur\",VLOOKUP($H1538,PP,2,FALSE)))","v":"-"},"-",{"$nulls":3},{"$f":"IF(ISBLANK(H1538),\"-\",SUM(M1538,N1538))","v":"-"},{"$nulls":3},"-"]
[{"$nulls":10},{"$f":"IF(ISBLANK($I1539),\"-\",IF($I1539-$J1539=0,\"-\",$I1539-$J1539))","v":"-"},"-",{"$f":"IF(OR(ISBLANK($I1539),ISBLANK($H1539)),\"-\",IF(ISNA($L1539*$I1539),\"Erreur\",$L1539*$I1539))","v":"-"},{"$nulls":3},"-",{"$nulls":3},{"$f":"CONCATENATE($A1539,\"-\",$H1539)","v":"-"}]
[{"$nulls":10},"-","-","-",{"$nulls":3},"-",{"$nulls":3},"-"]
[{"$nulls":10},"-","-","-",{"$nulls":3},"-",{"$nulls":3},"-"]
[{"$nulls":10},"-","-","-",{"$nulls":3},"-",{"$nulls":3},"-"]
[{"$nulls":10},"-","-","-",{"$nulls":3},"-",{"$nulls":3},"-"]
[{"$nulls":10},"-","-","-",{"$nulls":3},"-",{"$nulls":3},"-"]
[{"$nulls":10},"-","-","-",{"$nulls":3},"-",{"$nulls":3},"-"]
[{"$nulls":10},"-","-","-",{"$nulls":3},"-",{"$nulls":3},"-"]
[{"$nulls":10},"-","-","-",{"$nulls":3},"-",{"$nulls":3},"-"]
[{"$nulls":10},"-","-","-",{"$nulls":3},"-",{"$nulls":3},"-"]
[{"$nulls":10},"-","-","-",{"$nulls":3},"-",{"$nulls":3},"-"]
[{"$nulls":10},"-","-","-",{"$nulls":3},"-",{"$nulls":3},"-"]
[{"$nulls":10},"-","-","-",{"$nulls":3},"-",{"$nulls":3},"-"]
[{"$nulls":10},"-","-","-",{"$nulls":3},"-",{"$nulls":3},"-"]
[{"$nulls":10},"-","-","-",{"$nulls":3},"-",{"$nulls":3},"-"]
[{"$nulls":10},"-","-","-",{"$nulls":3},"-",{"$nulls":3},"-"]
[{"$nulls":10},"-","-","-",{"$nulls":3},"-",{"$nulls":3},"-"]
[{"$nulls":10},"-","-","-",{"$nulls":3},"-",{"$nulls":3},"-"]
[{"$nulls":10},"-","-","-",{"$nulls":3},"-",{"$nulls":3},"-"]
[{"$nulls":10},"-","-","-",{"$nulls":3},"-",{"$nulls":3},"-"]
[{"$nulls":10},"-","-","-",{"$nulls":3},"-",{"$nulls":3},"-"]
[{"$nulls":10},"-","-","-",{"$nulls":3},"-",{"$nulls":3},"-"]
[{"$nulls":10},"-","-","-",{"$nulls":3},"-",{"$nulls":3},"-"]
[{"$nulls":10},"-","-","-",{"$nulls":3},"-",{"$nulls":3},"-"]
[{"$nulls":10},"-","-","-",{"$nulls":3},"-",{"$nulls":3},"-"]
[{"$nulls":10},"-","-","-",{"$nulls":3},"-",{"$nulls":3},"-"]
[{"$nulls":10},"-","-","-",{"$nulls":3},"-",{"$nulls":3},"-"]
[{"$nulls":10},"-","-","-",{"$nulls":3},"-",{"$nulls":3},"-"]
[{"$nulls":10},"-","-","-",{"$nulls":3},"-",{"$nulls":3},"-"]
[{"$nulls":10},"-","-","-",{"$nulls":3},"-",{"$nulls":3},"-"]
[{"$nulls":10},"-","-","-",{"$nulls":3},"-",{"$nulls":3},"-"]
[{"$nulls":10},"-","-","-",{"$nulls":3},"-",{"$nulls":3},"-"]
[{"$nulls":10},"-","-","-",{"$nulls":3},"-",{"$nulls":3},"-"]
[{"$nulls":10},"-","-","-",{"$nulls":3},"-",{"$nulls":3},"-"]
[{"$nulls":10},"-","-","-",{"$nulls":3},"-",{"$nulls":3},"-"]
[{"$nulls":10},"-","-","-",{"$nulls":3},"-",{"$nulls":3},"-"]
[{"$nulls":10},"-","-","-",{"$nulls":3},"-",{"$nulls":3},"-"]
[{"$nulls":10},"-","-","-",{"$nulls":3},"-",{"$nulls":3},"-"]
[{"$nulls":10},"-","-","-",{"$nulls":3},"-",{"$nulls":3},"-"]
[{"$nulls":10},"-","-","-",{"$nulls":3},"-",{"$nulls":3},"-"]
[{"$nulls":10},"-","-","-",{"$nulls":3},"-",{"$nulls":3},"-"]
[{"$nulls":10},"-","-","-",{"$nulls":3},"-",{"$nulls":3},"-"]
[{"$nulls":10},"-","-","-",{"$nulls":3},"-",{"$nulls":3},"-"]
[{"$nulls":10},"-","-","-",{"$nulls":3},"-",{"$nulls":3},"-"]
[{"$nulls":10},"-","-","-",{"$nulls":3},"-",{"$nulls":3},"-"]
[{"$nulls":10},"-","-","-",{"$nulls":3},"-",{"$nulls":3},"-"]
[{"$nulls":10},"-","-","-",{"$nulls":3},"-",{"$nulls":3},"-"]
[{"$nulls":10},"-","-","-",{"$nulls":3},"-",{"$nulls":3},"-"]
[{"$nulls":10},"-","-","-",{"$nulls":3},"-",{"$nulls":3},"-"]
[{"$nulls":10},"-","-","-",{"$nulls":3},"-",{"$nulls":3},"-"]
[{"$nulls":10},"-","-","-",{"$nulls":3},"-",{"$nulls":3},"-"]
[{"$nulls":10},"-","-","-",{"$nulls":3},"-",{"$nulls":3},"-"]
[{"$nulls":10},"-","-","-",{"$nulls":3},"-",{"$nulls":3},"-"]
[{"$nulls":10},"-","-","-",{"$nulls":3},"-",{"$nulls":3},"-"]
[{"$nulls":10},"-","-","-",{"$nulls":3},"-",{"$nulls":3},"-"]
[{"$nulls":10},"-","-","-",{"$nulls":3},"-",{"$nulls":3},"-"]
[{"$nulls":10},"-","-","-",{"$nulls":3},"-",{"$nulls":3},"-"]
[{"$nulls":10},"-","-","-",{"$nulls":3},"-",{"$nulls":3},"-"]
[{"$nulls":10},"-","-","-",{"$nulls":3},"-",{"$nulls":3},"-"]
[{"$nulls":10},"-","-","-",{"$nulls":3},"-",{"$nulls":3},"-"]
[{"$nulls":10},"-","-","-",{"$nulls":3},"-",{"$nulls":3},"-"]
[{"$nulls":10},"-","-","-",{"$nulls":3},"-",{"$nulls":3},"-"]
[{"$nulls":10},"-","-","-",{"$nulls":3},"-",{"$nulls":3},"-"]
[{"$nulls":10},"-",{"$f":"IF(ISBLANK($H1602),\"-\",IF(ISNA(VLOOKUP($H1602,PP,2,FALSE)),\"Erreur\",VLOOKUP($H1602,PP,2,FALSE)))","v":"-"},"-",{"$nulls":3},{"$f":"IF(ISBLANK(H1602),\"-\",SUM(M1602,N1602))","v":"-"},{"$nulls":3},"-"]
[{"$nulls":10},{"$f":"IF(ISBLANK($I1603),\"-\",IF($I1603-$J1603=0,\"-\",$I1603-$J1603))","v":"-"},"-",{"$f":"IF(OR(ISBLANK($I1603),ISBLANK($H1603)),\"-\",IF(ISNA($L1603*$I1603),\"Erreur\",$L1603*$I1603))","v":"-"},{"$nulls":3},"-",{"$nulls":3},{"$f":"CONCATENATE($A1603,\"-\",$H1603)","v":"-"}]
[{"$nulls":10},"-","-","-",{"$nulls":3},"-",{"$nulls":3},"-"]
[{"$nulls":10},"-","-","-",{"$nulls":3},"-",{"$nulls":3},"-"]
[{"$nulls":10},"-","-","-",{"$nulls":3},"-",{"$nulls":3},"-"]
[{"$nulls":10},"-","-","-",{"$nulls":3},"-",{"$nulls":3},"-"]
[{"$nulls":10},"-","-","-",{"$nulls":3},"-",{"$nulls":3},"-"]
[{"$nulls":10},"-","-","-",{"$nulls":3},"-",{"$nulls":3},"-"]
[{"$nulls":10},"-","-","-",{"$nulls":3},"-",{"$nulls":3},"-"]
[{"$nulls":10},"-","-","-",{"$nulls":3},"-",{"$nulls":3},"-"]
[{"$nulls":10},"-","-","-",{"$nulls":3},"-",{"$nulls":3},"-"]
[{"$nulls":10},"-","-","-",{"$nulls":3},"-",{"$nulls":3},"-"]
[{"$nulls":10},"-","-","-",{"$nulls":3},"-",{"$nulls":3},"-"]
[{"$nulls":10},"-","-","-",{"$nulls":3},"-",{"$nulls":3},"-"]
[{"$nulls":10},"-","-","-",{"$nulls":3},"-",{"$nulls":3},"-"]
[{"$nulls":10},"-","-","-",{"$nulls":3},"-",{"$nulls":3},"-"]
[{"$nulls":10},"-","-","-",{"$nulls":3},"-",{"$nulls":3},"-"]
[{"$nulls":10},"-","-","-",{"$nulls":3},"-",{"$nulls":3},"-"]
[{"$nulls":10},"-","-","-",{"$nulls":3},"-",{"$nulls":3},"-"]
[{"$nulls":10},"-","-","-",{"$nulls":3},"-",{"$nulls":3},"-"]
[{"$nulls":10},"-","-","-",{"$nulls":3},"-",{"$nulls":3},"-"]
[{"$nulls":10},"-","-","-",{"$nulls":3},"-",{"$nulls":3},"-"]
[{"$nulls":10},"-","-","-",{"$nulls":3},"-",{"$nulls":3},"-"]
[{"$nulls":10},"-","-","-",{"$nulls":3},"-",{"$nulls":3},"-"]
[{"$nulls":10},"-","-","-",{"$nulls":3},"-",{"$nulls":3},"-"]
[{"$nulls":10},"-","-","-",{"$nulls":3},"-",{"$nulls":3},"-"]
[{"$nulls":10},"-","-","-",{"$nulls":3},"-",{"$nulls":3},"-"]
[{"$nulls":10},"-","-","-",{"$nulls":3},"-",{"$nulls":3},"-"]
[{"$nulls":10},"-","-","-",{"$nulls":3},"-",{"$nulls":3},"-"]
[{"$nulls":10},"-","-","-",{"$nulls":3},"-",{"$nulls":3},"-"]
[{"$nulls":10},"-","-","-",{"$nulls":3},"-",{"$nulls":3},"-"]
[{"$nulls":10},"-","-","-",{"$nulls":3},"-",{"$nulls":3},"-"]
[{"$nulls":10},"-","-","-",{"$nulls":3},"-",{"$nulls":3},"-"]
[{"$nulls":10},"-","-","-",{"$nulls":3},"-",{"$nulls":3},"-"]
[{"$nulls":10},"-","-","-",{"$nulls":3},"-",{"$nulls":3},"-"]
[{"$nulls":10},"-","-","-",{"$nulls":3},"-",{"$nulls":3},"-"]
[{"$nulls":10},"-","-","-",{"$nulls":3},"-",{"$nulls":3},"-"]
[{"$nulls":10},"-","-","-",{"$nulls":3},"-",{"$nulls":3},"-"]
[{"$nulls":10},"-","-","-",{"$nulls":3},"-",{"$nulls":3},"-"]
[{"$nulls":10},"-","-","-",{"$nulls":3},"-",{"$nulls":3},"-"]
[{"$nulls":10},"-","-","-",{"$nulls":3},"-",{"$nulls":3},"-"]
[{"$nulls":10},"-","-","-",{"$nulls":3},"-",{"$nulls":3},"-"]
[{"$nulls":10},"-","-","-",{"$nulls":3},"-",{"$nulls":3},"-"]
[{"$nulls":10},"-","-","-",{"$nulls":3},"-",{"$nulls":3},"-"]
[{"$nulls":10},"-","-","-",{"$nulls":3},"-",{"$nulls":3},"-"]
[{"$nulls":10},"-","-","-",{"$nulls":3},"-",{"$nulls":3},"-"]
[{"$nulls":10},"-","-","-",{"$nulls":3},"-",{"$nulls":3},"-"]
[{"$nulls":10},"-","-","-",{"$nulls":3},"-",{"$nulls":3},"-"]
[{"$nulls":10},"-","-","-",{"$nulls":3},"-",{"$nulls":3},"-"]
[{"$nulls":10},"-","-","-",{"$nulls":3},"-",{"$nulls":3},"-"]
[{"$nulls":10},"-","-","-",{"$nulls":3},"-",{"$nulls":3},"-"]
[{"$nulls":10},"-","-","-",{"$nulls":3},"-",{"$nulls":3},"-"]
[{"$nulls":10},"-","-","-",{"$nulls":3},"-",{"$nulls":3},"-"]
[{"$nulls":10},"-","-","-",{"$nulls":3},"-",{"$nulls":3},"-"]
[{"$nulls":10},"-","-","-",{"$nulls":3},"-",{"$nulls":3},"-"]
[{"$nulls":10},"-","-","-",{"$nulls":3},"-",{"$nulls":3},"-"]
[{"$nulls":10},"-","-","-",{"$nulls":3},"-",{"$nulls":3},"-"]
[{"$nulls":10},"-","-","-",{"$nulls":3},"-",{"$nulls":3},"-"]
[{"$nulls":10},"-","-","-",{"$nulls":3},"-",{"$nulls":3},"-"]
[{"$nulls":10},"-","-","-",{"$nulls":3},"-",{"$nulls":3},"-"]
[{"$nulls":10},"-","-","-",{"$nulls":3},"-",{"$nulls":3},"-"]
[{"$nulls":10},"-","-","-",{"$nulls":3},"-",{"$nulls":3},"-"]
[{"$nulls":10},"-","-","-",{"$nulls":3},"-",{"$nulls":3},"-"]
[{"$nulls":10},"-","-","-",{"$nulls":3},"-",{"$nulls":3},"-"]
[{"$nulls":10},"-",{"$f":"IF(ISBLANK($H1666),\"-\",IF(ISNA(VLOOKUP($H1666,PP,2,FALSE)),\"Erreur\",VLOOKUP($H1666,PP,2,FALSE)))","v":"-"},"-",{"$nulls":3},{"$f":"IF(ISBLANK(H1666),\"-\",SUM(M1666,N1666))","v":"-"},{"$nulls":3},"-"]
[{"$nulls":10},{"$f":"IF(ISBLANK($I1667),\"-\",IF($I1667-$J1667=0,\"-\",$I1667-$J1667))","v":"-"},"-",{"$f":"IF(OR(ISBLANK($I1667),ISBLANK($H1667)),\"-\",IF(ISNA($L1667*$I1667),\"Erreur\",$L1667*$I1667))","v":"-"},{"$nulls":3},"-",{"$nulls":3},{"$f":"CONCATENATE($A1667,\"-\",$H1667)","v":"-"}]
[{"$nulls":10},"-","-","-",{"$nulls":3},"-",{"$nulls":3},"-"]
[{"$nulls":10},"-","-","-",{"$nulls":3},"-",{"$nulls":3},"-"]
[{"$nulls":10},"-","-","-",{"$nulls":3},"-",{"$nulls":3},"-"]
[{"$nulls":10},"-","-","-",{"$nulls":3},"-",{"$nulls":3},"-"]
[{"$nulls":10},"-","-","-",{"$nulls":3},"-",{"$nulls":3},"-"]
[{"$nulls":10},"-","-","-",{"$nulls":3},"-",{"$nulls":3},"-"]
[{"$nulls":10},"-","-","-",{"$nulls":3},"-",{"$nulls":3},"-"]
[{"$nulls":10},"-","-","-",{"$nulls":3},"-",{"$nulls":3},"-"]
[{"$nulls":10},"-","-","-",{"$nulls":3},"-",{"$nulls":3},"-"]
[{"$nulls":10},"-","-","-",{"$nulls":3},"-",{"$nulls":3},"-"]
[{"$nulls":10},"-","-","-",{"$nulls":3},"-",{"$nulls":3},"-"]
[{"$nulls":10},"-","-","-",{"$nulls":3},"-",{"$nulls":3},"-"]
[{"$nulls":10},"-","-","-",{"$nulls":3},"-",{"$nulls":3},"-"]
[{"$nulls":10},"-","-","-",{"$nulls":3},"-",{"$nulls":3},"-"]
[{"$nulls":10},"-","-","-",{"$nulls":3},"-",{"$nulls":3},"-"]
[{"$nulls":10},"-","-","-",{"$nulls":3},"-",{"$nulls":3},"-"]
[{"$nulls":10},"-","-","-",{"$nulls":3},"-",{"$nulls":3},"-"]
[{"$nulls":10},"-","-","-",{"$nulls":3},"-",{"$nulls":3},"-"]
[{"$nulls":10},"-","-","-",{"$nulls":3},"-",{"$nulls":3},"-"]
[{"$nulls":10},"-","-","-",{"$nulls":3},"-",{"$nulls":3},"-"]
[{"$nulls":10},"-","-","-",{"$nulls":3},"-",{"$nulls":3},"-"]
[{"$nulls":10},"-","-","-",{"$nulls":3},"-",{"$nulls":3},"-"]
[{"$nulls":10},"-","-","-",{"$nulls":3},"-",{"$nulls":3},"-"]
[{"$nulls":10},"-","-","-",{"$nulls":3},"-",{"$nulls":3},"-"]
[{"$nulls":10},"-","-","-",{"$nulls":3},"-",{"$nulls":3},"-"]
[{"$nulls":10},"-","-","-",{"$nulls":3},"-",{"$nulls":3},"-"]
[{"$nulls":10},"-","-","-",{"$nulls":3},"-",{"$nulls":3},"-"]
[{"$nulls":10},"-","-","-",{"$nulls":3},"-",{"$nulls":3},"-"]
[{"$nulls":10},"-","-","-",{"$nulls":3},"-",{"$nulls":3},"-"]
[{"$nulls":10},"-","-","-",{"$nulls":3},"-",{"$nulls":3},"-"]
[{"$nulls":10},"-","-","-",{"$nulls":3},"-",{"$nulls":3},"-"]
[{"$nulls":10},"-","-","-",{"$nulls":3},"-",{"$nulls":3},"-"]
[{"$nulls":10},"-","-","-",{"$nulls":3},"-",{"$nulls":3},"-"]
[{"$nulls":10},"-","-","-",{"$nulls":3},"-",{"$nulls":3},"-"]
[{"$nulls":10},"-","-","-",{"$nulls":3},"-",{"$nulls":3},"-"]
[{"$nulls":10},"-","-","-",{"$nulls":3},"-",{"$nulls":3},"-"]
[{"$nulls":10},"-","-","-",{"$nulls":3},"-",{"$nulls":3},"-"]
[{"$nulls":10},"-","-","-",{"$nulls":3},"-",{"$nulls":3},"-"]
[{"$nulls":10},"-","-","-",{"$nulls":3},"-",{"$nulls":3},"-"]
[{"$nulls":10},"-","-","-",{"$nulls":3},"-",{"$nulls":3},"-"]
[{"$nulls":10},"-","-","-",{"$nulls":3},"-",{"$nulls":3},"-"]
[{"$nulls":10},"-","-","-",{"$nulls":3},"-",{"$nulls":3},"-"]
[{"$nulls":10},"-","-","-",{"$nulls":3},"-",{"$nulls":3},"-"]
[{"$nulls":10},"-","-","-",{"$nulls":3},"-",{"$nulls":3},"-"]
[{"$nulls":10},"-","-","-",{"$nulls":3},"-",{"$nulls":3},"-"]
[{"$nulls":10},"-","-","-",{"$nulls":3},"-",{"$nulls":3},"-"]
[{"$nulls":10},"-","-","-",{"$nulls":3},"-",{"$nulls":3},"-"]
[{"$nulls":10},"-","-","-",{"$nulls":3},"-",{"$nulls":3},"-"]
[{"$nulls":10},"-","-","-",{"$nulls":3},"-",{"$nulls":3},"-"]
[{"$nulls":10},"-","-","-",{"$nulls":3},"-",{"$nulls":3},"-"]
[{"$nulls":10},"-","-","-",{"$nulls":3},"-",{"$nulls":3},"-"]
[{"$nulls":10},"-","-","-",{"$nulls":3},"-",{"$nulls":3},"-"]
[{"$nulls":10},"-","-","-",{"$nulls":3},"-",{"$nulls":3},"-"]
[{"$nulls":10},"-","-","-",{"$nulls":3},"-",{"$nulls":3},"-"]
[{"$nulls":10},"-","-","-",{"$nulls":3},"-",{"$nulls":3},"-"]
[{"$nulls":10},"-","-","-",{"$nulls":3},"-",{"$nulls":3},"-"]
[{"$nulls":10},"-","-","-",{"$nulls":3},"-",{"$nulls":3},"-"]
[{"$nulls":10},"-","-","-",{"$nulls":3},"-",{"$nulls":3},"-"]
[{"$nulls":10},"-","-","-",{"$nulls":3},"-",{"$nulls":3},"-"]
[{"$nulls":10},"-","-","-",{"$nulls":3},"-",{"$nulls":3},"-"]
[{"$nulls":10},"-","-","-",{"$nulls":3},"-",{"$nulls":3},"-"]
[{"$nulls":10},"-","-","-",{"$nulls":3},"-",{"$nulls":3},"-"]
[{"$nulls":10},"-",{"$f":"IF(ISBLANK($H1730),\"-\",IF(ISNA(VLOOKUP($H1730,PP,2,FALSE)),\"Erreur\",VLOOKUP($H1730,PP,2,FALSE)))","v":"-"},"-",{"$nulls":3},{"$f":"IF(ISBLANK(H1730),\"-\",SUM(M1730,N1730))","v":"-"},{"$nulls":3},"-"]
[{"$nulls":10},{"$f":"IF(ISBLANK($I1731),\"-\",IF($I1731-$J1731=0,\"-\",$I1731-$J1731))","v":"-"},"-",{"$f":"IF(OR(ISBLANK($I1731),ISBLANK($H1731)),\"-\",IF(ISNA($L1731*$I1731),\"Erreur\",$L1731*$I1731))","v":"-"},{"$nulls":3},"-",{"$nulls":3},{"$f":"CONCATENATE($A1731,\"-\",$H1731)","v":"-"}]
[{"$nulls":10},"-","-","-",{"$nulls":3},"-",{"$nulls":3},"-"]
[{"$nulls":10},"-","-","-",{"$nulls":3},"-",{"$nulls":3},"-"]
[{"$nulls":10},"-","-","-",{"$nulls":3},"-",{"$nulls":3},"-"]
[{"$nulls":10},"-","-","-",{"$nulls":3},"-",{"$nulls":3},"-"]
[{"$nulls":10},"-","-","-",{"$nulls":3},"-",{"$nulls":3},"-"]
[{"$nulls":10},"-","-","-",{"$nulls":3},"-",{"$nulls":3},"-"]
[{"$nulls":10},"-","-","-",{"$nulls":3},"-",{"$nulls":3},"-"]
[{"$nulls":10},"-","-","-",{"$nulls":3},"-",{"$nulls":3},"-"]
[{"$nulls":10},"-","-","-",{"$nulls":3},"-",{"$nulls":3},"-"]
[{"$nulls":10},"-","-","-",{"$nulls":3},"-",{"$nulls":3},"-"]
[{"$nulls":10},"-","-","-",{"$nulls":3},"-",{"$nulls":3},"-"]
[{"$nulls":10},"-","-","-",{"$nulls":3},"-",{"$nulls":3},"-"]
[{"$nulls":10},"-","-","-",{"$nulls":3},"-",{"$nulls":3},"-"]
[{"$nulls":10},"-","-","-",{"$nulls":3},"-",{"$nulls":3},"-"]
[{"$nulls":10},"-","-","-",{"$nulls":3},"-",{"$nulls":3},"-"]
[{"$nulls":10},"-","-","-",{"$nulls":3},"-",{"$nulls":3},"-"]
[{"$nulls":10},"-","-","-",{"$nulls":3},"-",{"$nulls":3},"-"]
[{"$nulls":10},"-","-","-",{"$nulls":3},"-",{"$nulls":3},"-"]
[{"$nulls":10},"-","-","-",{"$nulls":3},"-",{"$nulls":3},"-"]
[{"$nulls":10},"-","-","-",{"$nulls":3},"-",{"$nulls":3},"-"]
[{"$nulls":10},"-","-","-",{"$nulls":3},"-",{"$nulls":3},"-"]
[{"$nulls":10},"-","-","-",{"$nulls":3},"-",{"$nulls":3},"-"]
[{"$nulls":10},"-","-","-",{"$nulls":3},"-",{"$nulls":3},"-"]
[{"$nulls":10},"-","-","-",{"$nulls":3},"-",{"$nulls":3},"-"]
[{"$nulls":10},"-","-","-",{"$nulls":3},"-",{"$nulls":3},"-"]
[{"$nulls":10},"-","-","-",{"$nulls":3},"-",{"$nulls":3},"-"]
[{"$nulls":10},"-","-","-",{"$nulls":3},"-",{"$nulls":3},"-"]
[{"$nulls":10},"-","-","-",{"$nulls":3},"-",{"$nulls":3},"-"]
[{"$nulls":10},"-","-","-",{"$nulls":3},"-",{"$nulls":3},"-"]
[{"$nulls":10},"-","-","-",{"$nulls":3},"-",{"$nulls":3},"-"]
[{"$nulls":10},"-","-","-",{"$nulls":3},"-",{"$nulls":3},"-"]
[{"$nulls":10},"-","-","-",{"$nulls":3},"-",{"$nulls":3},"-"]
[{"$nulls":10},"-","-","-",{"$nulls":3},"-",{"$nulls":3},"-"]
[{"$nulls":10},"-","-","-",{"$nulls":3},"-",{"$nulls":3},"-"]
[{"$nulls":10},"-","-","-",{"$nulls":3},"-",{"$nulls":3},"-"]
[{"$nulls":10},"-","-","-",{"$nulls":3},"-",{"$nulls":3},"-"]
[{"$nulls":10},"-","-","-",{"$nulls":3},"-",{"$nulls":3},"-"]
[{"$nulls":10},"-","-","-",{"$nulls":3},"-",{"$nulls":3},"-"]
[{"$nulls":10},"-","-","-",{"$nulls":3},"-",{"$nulls":3},"-"]
[{"$nulls":10},"-","-","-",{"$nulls":3},"-",{"$nulls":3},"-"]
[{"$nulls":10},"-","-","-",{"$nulls":3},"-",{"$nulls":3},"-"]
[{"$nulls":10},"-","-","-",{"$nulls":3},"-",{"$nulls":3},"-"]
[{"$nulls":10},"-","-","-",{"$nulls":3},"-",{"$nulls":3},"-"]
[{"$nulls":10},"-","-","-",{"$nulls":3},"-",{"$nulls":3},"-"]
[{"$nulls":10},"-","-","-",{"$nulls":3},"-",{"$nulls":3},"-"]
[{"$nulls":10},"-","-","-",{"$nulls":3},"-",{"$nulls":3},"-"]
[{"$nulls":10},"-","-","-",{"$nulls":3},"-",{"$nulls":3},"-"]
[{"$nulls":10},"-","-","-",{"$nulls":3},"-",{"$nulls":3},"-"]
[{"$nulls":10},"-","-","-",{"$nulls":3},"-",{"$nulls":3},"-"]
[{"$nulls":10},"-","-","-",{"$nulls":3},"-",{"$nulls":3},"-"]
[{"$nulls":10},"-","-","-",{"$nulls":3},"-",{"$nulls":3},"-"]
[{"$nulls":10},"-","-","-",{"$nulls":3},"-",{"$nulls":3},"-"]
[{"$nulls":10},"-","-","-",{"$nulls":3},"-",{"$nulls":3},"-"]
[{"$nulls":10},"-","-","-",{"$nulls":3},"-",{"$nulls":3},"-"]
[{"$nulls":10},"-","-","-",{"$nulls":3},"-",{"$nulls":3},"-"]
[{"$nulls":10},"-","-","-",{"$nulls":3},"-",{"$nulls":3},"-"]
[{"$nulls":10},"-","-","-",{"$nulls":3},"-",{"$nulls":3},"-"]
[{"$nulls":10},"-","-","-",{"$nulls":3},"-",{"$nulls":3},"-"]
[{"$nulls":10},"-","-","-",{"$nulls":3},"-",{"$nulls":3},"-"]
[{"$nulls":10},"-","-","-",{"$nulls":3},"-",{"$nulls":3},"-"]
[{"$nulls":10},"-","-","-",{"$nulls":3},"-",{"$nulls":3},"-"]
[{"$nulls":10},"-","-","-",{"$nulls":3},"-",{"$nulls":3},"-"]
[{"$nulls":10},"-",{"$f":"IF(ISBLANK($H1794),\"-\",IF(ISNA(VLOOKUP($H1794,PP,2,FALSE)),\"Erreur\",VLOOKUP($H1794,PP,2,FALSE)))","v":"-"},"-",{"$nulls":3},{"$f":"IF(ISBLANK(H1794),\"-\",SUM(M1794,N1794))","v":"-"},{"$nulls":3},"-"]
[{"$nulls":10},{"$f":"IF(ISBLANK($I1795),\"-\",IF($I1795-$J1795=0,\"-\",$I1795-$J1795))","v":"-"},"-",{"$f":"IF(OR(ISBLANK($I1795),ISBLANK($H1795)),\"-\",IF(ISNA($L1795*$I1795),\"Erreur\",$L1795*$I1795))","v":"-"},{"$nulls":3},"-",{"$nulls":3},{"$f":"CONCATENATE($A1795,\"-\",$H1795)","v":"-"}]
[{"$nulls":10},"-","-","-",{"$nulls":3},"-",{"$nulls":3},"-"]
[{"$nulls":10},"-","-","-",{"$nulls":3},"-",{"$nulls":3},"-"]
[{"$nulls":10},"-","-","-",{"$nulls":3},"-",{"$nulls":3},"-"]
[{"$nulls":10},"-","-","-",{"$nulls":3},"-",{"$nulls":3},"-"]
[{"$nulls":10},"-","-","-",{"$nulls":3},"-",{"$nulls":3},"-"]
[{"$nulls":10},"-","-","-",{"$nulls":3},"-",{"$nulls":3},"-"]
[{"$nulls":10},"-","-","-",{"$nulls":3},"-",{"$nulls":3},"-"]
[{"$nulls":10},"-","-","-",{"$nulls":3},"-",{"$nulls":3},"-"]
[{"$nulls":10},"-","-","-",{"$nulls":3},"-",{"$nulls":3},"-"]
[{"$nulls":10},"-","-","-",{"$nulls":3},"-",{"$nulls":3},"-"]
[{"$nulls":10},"-","-","-",{"$nulls":3},"-",{"$nulls":3},"-"]
[{"$nulls":10},"-","-","-",{"$nulls":3},"-",{"$nulls":3},"-"]
[{"$nulls":10},"-","-","-",{"$nulls":3},"-",{"$nulls":3},"-"]
[{"$nulls":10},"-","-","-",{"$nulls":3},"-",{"$nulls":3},"-"]
[{"$nulls":10},"-","-","-",{"$nulls":3},"-",{"$nulls":3},"-"]
[{"$nulls":10},"-","-","-",{"$nulls":3},"-",{"$nulls":3},"-"]
[{"$nulls":10},"-","-","-",{"$nulls":3},"-",{"$nulls":3},"-"]
[{"$nulls":10},"-","-","-",{"$nulls":3},"-",{"$nulls":3},"-"]
[{"$nulls":10},"-","-","-",{"$nulls":3},"-",{"$nulls":3},"-"]
[{"$nulls":10},"-","-","-",{"$nulls":3},"-",{"$nulls":3},"-"]
[{"$nulls":10},"-","-","-",{"$nulls":3},"-",{"$nulls":3},"-"]
[{"$nulls":10},"-","-","-",{"$nulls":3},"-",{"$nulls":3},"-"]
[{"$nulls":10},"-","-","-",{"$nulls":3},"-",{"$nulls":3},"-"]
[{"$nulls":10},"-","-","-",{"$nulls":3},"-",{"$nulls":3},"-"]
[{"$nulls":10},"-","-","-",{"$nulls":3},"-",{"$nulls":3},"-"]
[{"$nulls":10},"-","-","-",{"$nulls":3},"-",{"$nulls":3},"-"]
[{"$nulls":10},"-","-","-",{"$nulls":3},"-",{"$nulls":3},"-"]
[{"$nulls":10},"-","-","-",{"$nulls":3},"-",{"$nulls":3},"-"]
[{"$nulls":10},"-","-","-",{"$nulls":3},"-",{"$nulls":3},"-"]
[{"$nulls":10},"-","-","-",{"$nulls":3},"-",{"$nulls":3},"-"]
[{"$nulls":10},"-","-","-",{"$nulls":3},"-",{"$nulls":3},"-"]
[{"$nulls":10},"-","-","-",{"$nulls":3},"-",{"$nulls":3},"-"]
[{"$nulls":10},"-","-","-",{"$nulls":3},"-",{"$nulls":3},"-"]
[{"$nulls":10},"-","-","-",{"$nulls":3},"-",{"$nulls":3},"-"]
[{"$nulls":10},"-","-","-",{"$nulls":3},"-",{"$nulls":3},"-"]
[{"$nulls":10},"-","-","-",{"$nulls":3},"-",{"$nulls":3},"-"]
[{"$nulls":10},"-","-","-",{"$nulls":3},"-",{"$nulls":3},"-"]
[{"$nulls":10},"-","-","-",{"$nulls":3},"-",{"$nulls":3},"-"]
[{"$nulls":10},"-","-","-",{"$nulls":3},"-",{"$nulls":3},"-"]
[{"$nulls":10},"-","-","-",{"$nulls":3},"-",{"$nulls":3},"-"]
[{"$nulls":10},"-","-","-",{"$nulls":3},"-",{"$nulls":3},"-"]
[{"$nulls":10},"-","-","-",{"$nulls":3},"-",{"$nulls":3},"-"]
[{"$nulls":10},"-","-","-",{"$nulls":3},"-",{"$nulls":3},"-"]
[{"$nulls":10},"-","-","-",{"$nulls":3},"-",{"$nulls":3},"-"]
[{"$nulls":10},"-","-","-",{"$nulls":3},"-",{"$nulls":3},"-"]
[{"$nulls":10},"-","-","-",{"$nulls":3},"-",{"$nulls":3},"-"]
[{"$nulls":10},"-","-","-",{"$nulls":3},"-",{"$nulls":3},"-"]
[{"$nulls":10},"-","-","-",{"$nulls":3},"-",{"$nulls":3},"-"]
[{"$nulls":10},"-","-","-",{"$nulls":3},"-",{"$nulls":3},"-"]
[{"$nulls":10},"-","-","-",{"$nulls":3},"-",{"$nulls":3},"-"]
[{"$nulls":10},"-","-","-",{"$nulls":3},"-",{"$nulls":3},"-"]
[{"$nulls":10},"-","-","-",{"$nulls":3},"-",{"$nulls":3},"-"]
[{"$nulls":10},"-","-","-",{"$nulls":3},"-",{"$nulls":3},"-"]
[{"$nulls":10},"-","-","-",{"$nulls":3},"-",{"$nulls":3},"-"]
[{"$nulls":10},"-","-","-",{"$nulls":3},"-",{"$nulls":3},"-"]
[{"$nulls":10},"-","-","-",{"$nulls":3},"-",{"$nulls":3},"-"]
[{"$nulls":10},"-","-","-",{"$nulls":3},"-",{"$nulls":3},"-"]
[{"$nulls":10},"-","-","-",{"$nulls":3},"-",{"$nulls":3},"-"]
[{"$nulls":10},"-","-","-",{"$nulls":3},"-",{"$nulls":3},"-"]
[{"$nulls":10},"-","-","-",{"$nulls":3},"-",{"$nulls":3},"-"]
[{"$nulls":10},"-","-","-",{"$nulls":3},"-",{"$nulls":3},"-"]
[{"$nulls":10},"-","-","-",{"$nulls":3},"-",{"$nulls":3},"-"]
[{"$nulls":10},"-",{"$f":"IF(ISBLANK($H1858),\"-\",IF(ISNA(VLOOKUP($H1858,PP,2,FALSE)),\"Erreur\",VLOOKUP($H1858,PP,2,FALSE)))","v":"-"},"-",{"$nulls":3},{"$f":"IF(ISBLANK(H1858),\"-\",SUM(M1858,N1858))","v":"-"},{"$nulls":3},"-"]
[{"$nulls":10},{"$f":"IF(ISBLANK($I1859),\"-\",IF($I1859-$J1859=0,\"-\",$I1859-$J1859))","v":"-"},"-",{"$f":"IF(OR(ISBLANK($I1859),ISBLANK($H1859)),\"-\",IF(ISNA($L1859*$I1859),\"Erreur\",$L1859*$I1859))","v":"-"},{"$nulls":3},"-",{"$nulls":3},{"$f":"CONCATENATE($A1859,\"-\",$H1859)","v":"-"}]
[{"$nulls":10},"-","-","-",{"$nulls":3},"-",{"$nulls":3},"-"]
[{"$nulls":10},"-","-","-",{"$nulls":3},"-",{"$nulls":3},"-"]
[{"$nulls":10},"-","-","-",{"$nulls":3},"-",{"$nulls":3},"-"]
[{"$nulls":10},"-","-","-",{"$nulls":3},"-",{"$nulls":3},"-"]
[{"$nulls":10},"-","-","-",{"$nulls":3},"-",{"$nulls":3},"-"]
[{"$nulls":10},"-","-","-",{"$nulls":3},"-",{"$nulls":3},"-"]
[{"$nulls":10},"-","-","-",{"$nulls":3},"-",{"$nulls":3},"-"]
[{"$nulls":10},"-","-","-",{"$nulls":3},"-",{"$nulls":3},"-"]
[{"$nulls":10},"-","-","-",{"$nulls":3},"-",{"$nulls":3},"-"]
[{"$nulls":10},"-","-","-",{"$nulls":3},"-",{"$nulls":3},"-"]
[{"$nulls":10},"-","-","-",{"$nulls":3},"-",{"$nulls":3},"-"]
[{"$nulls":10},"-","-","-",{"$nulls":3},"-",{"$nulls":3},"-"]
[{"$nulls":10},"-","-","-",{"$nulls":3},"-",{"$nulls":3},"-"]
[{"$nulls":10},"-","-","-",{"$nulls":3},"-",{"$nulls":3},"-"]
[{"$nulls":10},"-","-","-",{"$nulls":3},"-",{"$nulls":3},"-"]
[{"$nulls":10},"-","-","-",{"$nulls":3},"-",{"$nulls":3},"-"]
[{"$nulls":10},"-","-","-",{"$nulls":3},"-",{"$nulls":3},"-"]
[{"$nulls":10},"-","-","-",{"$nulls":3},"-",{"$nulls":3},"-"]
[{"$nulls":10},"-","-","-",{"$nulls":3},"-",{"$nulls":3},"-"]
[{"$nulls":10},"-","-","-",{"$nulls":3},"-",{"$nulls":3},"-"]
[{"$nulls":10},"-","-","-",{"$nulls":3},"-",{"$nulls":3},"-"]
[{"$nulls":10},"-","-","-",{"$nulls":3},"-",{"$nulls":3},"-"]
[{"$nulls":10},"-","-","-",{"$nulls":3},"-",{"$nulls":3},"-"]
[{"$nulls":10},"-","-","-",{"$nulls":3},"-",{"$nulls":3},"-"]
[{"$nulls":10},"-","-","-",{"$nulls":3},"-",{"$nulls":3},"-"]
[{"$nulls":10},"-","-","-",{"$nulls":3},"-",{"$nulls":3},"-"]
[{"$nulls":10},"-","-","-",{"$nulls":3},"-",{"$nulls":3},"-"]
[{"$nulls":10},"-","-","-",{"$nulls":3},"-",{"$nulls":3},"-"]
[{"$nulls":10},"-","-","-",{"$nulls":3},"-",{"$nulls":3},"-"]
[{"$nulls":10},"-","-","-",{"$nulls":3},"-",{"$nulls":3},"-"]
[{"$nulls":10},"-","-","-",{"$nulls":3},"-",{"$nulls":3},"-"]
[{"$nulls":10},"-","-","-",{"$nulls":3},"-",{"$nulls":3},"-"]
[{"$nulls":10},"-","-","-",{"$nulls":3},"-",{"$nulls":3},"-"]
[{"$nulls":10},"-","-","-",{"$nulls":3},"-",{"$nulls":3},"-"]
[{"$nulls":10},"-","-","-",{"$nulls":3},"-",{"$nulls":3},"-"]
[{"$nulls":10},"-","-","-",{"$nulls":3},"-",{"$nulls":3},"-"]
[{"$nulls":10},"-","-","-",{"$nulls":3},"-",{"$nulls":3},"-"]
[{"$nulls":10},"-","-","-",{"$nulls":3},"-",{"$nulls":3},"-"]
[{"$nulls":10},"-","-","-",{"$nulls":3},"-",{"$nulls":3},"-"]
[{"$nulls":10},"-","-","-",{"$nulls":3},"-",{"$nulls":3},"-"]
[{"$nulls":10},"-","-","-",{"$nulls":3},"-",{"$nulls":3},"-"]
[{"$nulls":10},"-","-","-",{"$nulls":3},"-",{"$nulls":3},"-"]
[{"$nulls":10},"-","-","-",{"$nulls":3},"-",{"$nulls":3},"-"]
[{"$nulls":10},"-","-","-",{"$nulls":3},"-",{"$nulls":3},"-"]
[{"$nulls":10},"-","-","-",{"$nulls":3},"-",{"$nulls":3},"-"]
[{"$nulls":10},"-","-","-",{"$nulls":3},"-",{"$nulls":3},"-"]
[{"$nulls":10},"-","-","-",{"$nulls":3},"-",{"$nulls":3},"-"]
[{"$nulls":10},"-","-","-",{"$nulls":3},"-",{"$nulls":3},"-"]
[{"$nulls":10},"-","-","-",{"$nulls":3},"-",{"$nulls":3},"-"]
[{"$nulls":10},"-","-","-",{"$nulls":3},"-",{"$nulls":3},"-"]
[{"$nulls":10},"-","-","-",{"$nulls":3},"-",{"$nulls":3},"-"]
[{"$nulls":10},"-","-","-",{"$nulls":3},"-",{"$nulls":3},"-"]
[{"$nulls":10},"-","-","-",{"$nulls":3},"-",{"$nulls":3},"-"]
[{"$nulls":10},"-","-","-",{"$nulls":3},"-",{"$nulls":3},"-"]
[{"$nulls":10},"-","-","-",{"$nulls":3},"-",{"$nulls":3},"-"]
[{"$nulls":10},"-","-","-",{"$nulls":3},"-",{"$nulls":3},"-"]
[{"$nulls":10},"-","-","-",{"$nulls":3},"-",{"$nulls":3},"-"]
[{"$nulls":10},"-","-","-",{"$nulls":3},"-",{"$nulls":3},"-"]
[{"$nulls":10},"-","-","-",{"$nulls":3},"-",{"$nulls":3},"-"]
[{"$nulls":10},"-","-","-",{"$nulls":3},"-",{"$nulls":3},"-"]
[{"$nulls":10},"-","-","-",{"$nulls":3},"-",{"$nulls":3},"-"]
[{"$nulls":10},"-","-","-",{"$nulls":3},"-",{"$nulls":3},"-"]
[{"$nulls":10},"-",{"$f":"IF(ISBLANK($H1922),\"-\",IF(ISNA(VLOOKUP($H1922,PP,2,FALSE)),\"Erreur\",VLOOKUP($H1922,PP,2,FALSE)))","v":"-"},"-",{"$nulls":3},{"$f":"IF(ISBLANK(H1922),\"-\",SUM(M1922,N1922))","v":"-"},{"$nulls":3},"-"]
[{"$nulls":10},{"$f":"IF(ISBLANK($I1923),\"-\",IF($I1923-$J1923=0,\"-\",$I1923-$J1923))","v":"-"},"-",{"$f":"IF(OR(ISBLANK($I1923),ISBLANK($H1923)),\"-\",IF(ISNA($L1923*$I1923),\"Erreur\",$L1923*$I1923))","v":"-"},{"$nulls":3},"-",{"$nulls":3},{"$f":"CONCATENATE($A1923,\"-\",$H1923)","v":"-"}]
[{"$nulls":10},"-","-","-",{"$nulls":3},"-",{"$nulls":3},"-"]
[{"$nulls":10},"-","-","-",{"$nulls":3},"-",{"$nulls":3},"-"]
[{"$nulls":10},"-","-","-",{"$nulls":3},"-",{"$nulls":3},"-"]
[{"$nulls":10},"-","-","-",{"$nulls":3},"-",{"$nulls":3},"-"]
[{"$nulls":10},"-","-","-",{"$nulls":3},"-",{"$nulls":3},"-"]
[{"$nulls":10},"-","-","-",{"$nulls":3},"-",{"$nulls":3},"-"]
[{"$nulls":10},"-","-","-",{"$nulls":3},"-",{"$nulls":3},"-"]
[{"$nulls":10},"-","-","-",{"$nulls":3},"-",{"$nulls":3},"-"]
[{"$nulls":10},"-","-","-",{"$nulls":3},"-",{"$nulls":3},"-"]
[{"$nulls":10},"-","-","-",{"$nulls":3},"-",{"$nulls":3},"-"]
[{"$nulls":10},"-","-","-",{"$nulls":3},"-",{"$nulls":3},"-"]
[{"$nulls":10},"-","-","-",{"$nulls":3},"-",{"$nulls":3},"-"]
[{"$nulls":10},"-","-","-",{"$nulls":3},"-",{"$nulls":3},"-"]
[{"$nulls":10},"-","-","-",{"$nulls":3},"-",{"$nulls":3},"-"]
[{"$nulls":10},"-","-","-",{"$nulls":3},"-",{"$nulls":3},"-"]
[{"$nulls":10},"-","-","-",{"$nulls":3},"-",{"$nulls":3},"-"]
[{"$nulls":10},"-","-","-",{"$nulls":3},"-",{"$nulls":3},"-"]
[{"$nulls":10},"-","-","-",{"$nulls":3},"-",{"$nulls":3},"-"]
[{"$nulls":10},"-","-","-",{"$nulls":3},"-",{"$nulls":3},"-"]
[{"$nulls":10},"-","-","-",{"$nulls":3},"-",{"$nulls":3},"-"]
[{"$nulls":10},"-","-","-",{"$nulls":3},"-",{"$nulls":3},"-"]
[{"$nulls":10},"-","-","-",{"$nulls":3},"-",{"$nulls":3},"-"]
[{"$nulls":10},"-","-","-",{"$nulls":3},"-",{"$nulls":3},"-"]
[{"$nulls":10},"-","-","-",{"$nulls":3},"-",{"$nulls":3},"-"]
[{"$nulls":10},"-","-","-",{"$nulls":3},"-",{"$nulls":3},"-"]
[{"$nulls":10},"-","-","-",{"$nulls":3},"-",{"$nulls":3},"-"]
[{"$nulls":10},"-","-","-",{"$nulls":3},"-",{"$nulls":3},"-"]
[{"$nulls":10},"-","-","-",{"$nulls":3},"-",{"$nulls":3},"-"]
[{"$nulls":10},"-","-","-",{"$nulls":3},"-",{"$nulls":3},"-"]
[{"$nulls":10},"-","-","-",{"$nulls":3},"-",{"$nulls":3},"-"]
[{"$nulls":10},"-","-","-",{"$nulls":3},"-",{"$nulls":3},"-"]
[{"$nulls":10},"-","-","-",{"$nulls":3},"-",{"$nulls":3},"-"]
[{"$nulls":10},"-","-","-",{"$nulls":3},"-",{"$nulls":3},"-"]
[{"$nulls":10},"-","-","-",{"$nulls":3},"-",{"$nulls":3},"-"]
[{"$nulls":10},"-","-","-",{"$nulls":3},"-",{"$nulls":3},"-"]
[{"$nulls":10},"-","-","-",{"$nulls":3},"-",{"$nulls":3},"-"]
[{"$nulls":10},"-","-","-",{"$nulls":3},"-",{"$nulls":3},"-"]
[{"$nulls":10},"-","-","-",{"$nulls":3},"-",{"$nulls":3},"-"]
[{"$nulls":10},"-","-","-",{"$nulls":3},"-",{"$nulls":3},"-"]
[{"$nulls":10},"-","-","-",{"$nulls":3},"-",{"$nulls":3},"-"]
[{"$nulls":10},"-","-","-",{"$nulls":3},"-",{"$nulls":3},"-"]
[{"$nulls":10},"-","-","-",{"$nulls":3},"-",{"$nulls":3},"-"]
[{"$nulls":10},"-","-","-",{"$nulls":3},"-",{"$nulls":3},"-"]
[{"$nulls":10},"-","-","-",{"$nulls":3},"-",{"$nulls":3},"-"]
[{"$nulls":10},"-","-","-",{"$nulls":3},"-",{"$nulls":3},"-"]
[{"$nulls":10},"-","-","-",{"$nulls":3},"-",{"$nulls":3},"-"]
[{"$nulls":10},"-","-","-",{"$nulls":3},"-",{"$nulls":3},"-"]
[{"$nulls":10},"-","-","-",{"$nulls":3},"-",{"$nulls":3},"-"]
[{"$nulls":10},"-","-","-",{"$nulls":3},"-",{"$nulls":3},"-"]
[{"$nulls":10},"-","-","-",{"$nulls":3},"-",{"$nulls":3},"-"]
[{"$nulls":10},"-","-","-",{"$nulls":3},"-",{"$nulls":3},"-"]
[{"$nulls":10},"-","-","-",{"$nulls":3},"-",{"$nulls":3},"-"]
[{"$nulls":10},"-","-","-",{"$nulls":3},"-",{"$nulls":3},"-"]
[{"$nulls":10},"-","-","-",{"$nulls":3},"-",{"$nulls":3},"-"]
[{"$nulls":10},"-","-","-",{"$nulls":3},"-",{"$nulls":3},"-"]
[{"$nulls":10},"-","-","-",{"$nulls":3},"-",{"$nulls":3},"-"]
[{"$nulls":10},"-","-","-",{"$nulls":3},"-",{"$nulls":3},"-"]
[{"$nulls":10},"-","-","-",{"$nulls":3},"-",{"$nulls":3},"-"]
[{"$nulls":10},"-","-","-",{"$nulls":3},"-",{"$nulls":3},"-"]
[{"$nulls":10},"-","-","-",{"$nulls":3},"-",{"$nulls":3},"-"]
[{"$nulls":10},"-","-","-",{"$nulls":3},"-",{"$nulls":3},"-"]
[{"$nulls":10},"-","-","-",{"$nulls":3},"-",{"$nulls":3},"-"]
[{"$nulls":10},"-",{"$f":"IF(ISBLANK($H1986),\"-\",IF(ISNA(VLOOKUP($H1986,PP,2,FALSE)),\"Erreur\",VLOOKUP($H1986,PP,2,FALSE)))","v":"-"},"-",{"$nulls":3},{"$f":"IF(ISBLANK(H1986),\"-\",SUM(M1986,N1986))","v":"-"},{"$nulls":3},"-"]
[{"$nulls":10},{"$f":"IF(ISBLANK($I1987),\"-\",IF($I1987-$J1987=0,\"-\",$I1987-$J1987))","v":"-"},"-",{"$f":"IF(OR(ISBLANK($I1987),ISBLANK($H1987)),\"-\",IF(ISNA($L1987*$I1987),\"Erreur\",$L1987*$I1987))","v":"-"},{"$nulls":3},"-",{"$nulls":3},{"$f":"CONCATENATE($A1987,\"-\",$H1987)","v":"-"}]
[{"$nulls":10},"-","-","-",{"$nulls":3},"-",{"$nulls":3},"-"]
[{"$nulls":10},"-","-","-",{"$nulls":3},"-",{"$nulls":3},"-"]
[{"$nulls":10},"-","-","-",{"$nulls":3},"-",{"$nulls":3},"-"]
[{"$nulls":10},"-","-","-",{"$nulls":3},"-",{"$nulls":3},"-"]
[{"$nulls":10},"-","-","-",{"$nulls":3},"-",{"$nulls":3},"-"]
[{"$nulls":10},"-","-","-",{"$nulls":3},"-",{"$nulls":3},"-"]
[{"$nulls":10},"-","-","-",{"$nulls":3},"-",{"$nulls":3},"-"]
[{"$nulls":10},"-","-","-",{"$nulls":3},"-",{"$nulls":3},"-"]
[{"$nulls":10},"-","-","-",{"$nulls":3},"-",{"$nulls":3},"-"]
[{"$nulls":10},"-","-","-",{"$nulls":3},"-",{"$nulls":3},"-"]
[{"$nulls":10},"-","-","-",{"$nulls":3},"-",{"$nulls":3},"-"]
[{"$nulls":10},"-","-","-",{"$nulls":3},"-",{"$nulls":3},"-"]
[{"$nulls":10},"-","-","-",{"$nulls":3},"-",{"$nulls":3},"-"]